Eredivisie Players from 2000 - Statistics

General Stats
  • This quiz has been taken 27 times
  • The average score is 220 of 3618
Answer Stats
Ranking Player Year of birth Matches played Nationality Postions Years active in league Clubs % Correct
1225 Frenkie de Jong 1997 59 DF, MF 2014-2018
76%
26 Luuk de Jong 1990 306 FW 2008-2011, 2014-2018, 2022-2023
76%
699 Nigel de Jong 1984 96 MF 2002-2005
76%
61 Siem de Jong 1989 258 MF, FW 2007-2013, 2016-2017, 2019-2021
76%
3458 Boy de Jong 1994 1 GK 2014-2015
71%
3466 Connor van den Berg 2001 1 GK 2019-2021
71%
3324 Dave de Jong 1975 2 MF 2000-2001
71%
1789 Dave Van Den Berg 2000 31 MF 2020-2021, 2023-2024
71%
3326 Fedde de Jong 2003 2 DF 2020-2022
71%
188 Jean-Paul de Jong 1970 191 MF 2000-2006
71%
546 Joey van den Berg 1986 114 DF, MF 2005-2006, 2012-2015
71%
518 John de Jong 1977 118 MF 2000-2004
71%
535 Marcel de Jong 1986 115 DF, MF 2006-2009
71%
910 Marcus Berg 1986 81 FW 2007-2008, 2010-2011
71%
2757 Max de Jong 1968 9 GK 2001-2002
71%
3243 Nick de Jong 1989 3 FW 2008-2009
71%
363 Peter van den Berg 1971 144 DF 2000-2005
71%
2646 Rav van den Berg 2004 11 DF 2020-2021
71%
2157 Sepp van den Berg 2001 22 DF 2017-2018
71%
2967 Tim van de Berg 1997 6 DF, MF 2016-2018
71%
2 Lasse Schöne 1986 442 MF 2007-2023
65%
18 Steven Berghuis 1991 325 MF, FW 2010-2014, 2016-2023
65%
590 Arjen Robben 1984 108 MF, FW 2000-2003, 2020-2021
59%
209 Dave van den Bergh 1976 184 MF, FW 2000-2005
59%
33 Dušan Tadić 1988 295 MF, FW 2010-2013, 2018-2022
59%
167 Jasper Cillessen 1989 197 GK 2010-2016, 2022-2023
59%
1 Jens Toornstra 1989 445 MF, FW 2009-2023
59%
348 Joey Veerman 1998 148 MF, FW 2019-2023
59%
94 Klaas-Jan Huntelaar 1983 233 FW 2002-2003, 2004-2008, 2017-2020
59%
1445 Lesly de Sa 1993 47 MF, FW 2012-2015
59%
416 Ricky van den Bergh 1980 133 MF 2005-2010
59%
683 Robin van Persie 1983 98 MF, FW 2001-2003, 2017-2018
59%
15 Theo Janssen 1981 332 MF 2000-2013
59%
1697 Vincent Janssen 1994 34 FW 2015-2016
59%
3 Willem Janssen 1986 409 DF, MF 2007-2021
59%
2315 Anton Janssen 1963 17 MF 2000-2001
53%
125 Hakim Ziyech 1993 216 MF, FW 2012-2019
53%
219 Henk Veerman 1993 182 FW 2014-2017, 2020-2022
53%
577 Jochen Janssen 1976 110 FW 2001-2002, 2004-2005
53%
936 Joris Kramer 1996 79 DF 2014-2015, 2017-2023
53%
3512 Lars Kramer 1999 1 DF 2017-2018
53%
2238 Laurent Jans 1992 19 DF, MF 2021-2022
53%
3236 Mark Janssen 1992 3 FW 2011-2012
53%
959 Matthijs de Ligt 1999 77 DF 2016-2018
53%
2698 Maurice Steijn 1973 10 MF 2000-2001
53%
780 Memphis 1994 90 MF, FW 2011-2014
53%
53 Michiel Kramer 1988 269 FW 2008-2009, 2013-2023
53%
2279 Paul Jans 1981 18 FW 2006-2007
53%
499 Roel Janssen 1990 121 DF 2017-2022
53%
3165 Roel Janssen 1975 4 DF 2000-2001
53%
1164 Sem Steijn 2001 63 MF 2018-2019, 2022-2023
53%
1960 Simon Janssen 2000 27 MF 2018-2020
53%
269 Steven Bergwijn 1997 168 MF, FW 2014-2019, 2022-2023
53%
531 Teun Koopmeiners 1998 116 DF, MF 2017-2021
53%
1143 Tim Janssen 1986 64 FW 2006-2008
53%
1335 Torino Hunte 1990 53 MF, FW 2017-2018, 2020-2021
53%
1258 Antony 2000 57 FW 2020-2022
47%
2417 Arjan van Dijk 1987 15 GK 2012-2013
47%
2782 Christophe Martin 1975 8 GK 2001-2002
47%
115 Davy Klaassen 1993 221 MF 2011-2016, 2020-2023
47%
2518 Denzel Hall 2001 13 DF 2019-2020, 2021-2022, 2023-2024
47%
55 Dirk Kuyt 1980 264 DF, MF, FW 2000-2005, 2015-2016
47%
847 Dominique van Dijk 1979 85 MF 2000-2001, 2005-2006, 2008-2009
47%
517 Donny van de Beek 1997 118 MF 2014-2019
47%
1861 Erik Schouten 1991 29 DF 2021-2022
47%
63 Gregoor van Dijk 1981 255 MF 2000-2009
47%
266 Guus Til 1997 168 MF, FW 2016-2018, 2021-2023
47%
1176 Jerdy Schouten 1997 62 DF, MF 2016-2017, 2018-2019, 2023-2024
47%
47 Jeroen Zoet 1991 277 GK 2011-2019
47%
1497 Justin Kluivert 1999 44 FW 2016-2017
47%
3126 Leon van Dijk 1992 4 DF 2011-2013
47%
387 Luis Suárez 1987 139 FW 2006-2010
47%
373 Lutsharel Geertruida 2000 141 DF, MF 2017-2023
47%
278 Mark van Bommel 1977 164 MF 2000-2004, 2012-2013
47%
3132 Mike de Geer 1989 4 MF 2008-2009
47%
10 Nick Viergever 1989 342 DF 2009-2023
47%
2379 Patrick Kluivert 1976 16 FW 2006-2007
47%
1230 Peer Koopmeiners 2000 59 MF, FW 2020-2023
47%
44 Remko Pasveer 1983 281 GK 2003-2006, 2010-2023
47%
110 Ricky van Wolfswinkel 1989 223 MF, FW 2007-2010, 2016-2017, 2021-2023
47%
104 Rob van Dijk 1969 227 GK 2000-2011
47%
2476 Ruben Kluivert 2001 14 DF 2020-2022
47%
1875 Ruben van Bommel 2004 29 FW 2023-2024
47%
410 Stefan de Vrij 1992 135 DF 2009-2013
47%
684 Tyrell Malacia 1999 98 DF 2017-2021
47%
1267 Virgil van Dijk 1991 57 DF 2010-2012
47%
846 Brian Brobbey 2002 85 FW 2020-2023
41%
552 Christian Eriksen 1992 113 MF, FW 2009-2013
41%
75 Daley Blind 1990 243 DF, MF 2008-2014, 2018-2022
41%
492 David Neres 1997 121 MF, FW 2016-2021
41%
451 Dries Mertens 1987 127 MF, FW 2009-2012
41%
679 Edson Álvarez 1997 98 DF, MF 2019-2022
41%
1863 Henk Bos 1992 29 MF, FW 2011-2012, 2014-2015, 2018-2019
41%
121 Kenneth Vermeer 1986 218 GK 2007-2019, 2023-2024
41%
1013 Kristian Bach Bak 1982 72 DF 2007-2009
41%
135 Maarten Stekelenburg 1982 210 GK 2002-2010, 2020-2022
41%
2853 Mark De Man 1983 7 DF, FW 2008-2009
41%
515 Nicolai Jørgensen 1991 118 FW 2016-2020
41%
728 Noussair Mazraoui 1997 93 DF 2017-2021
41%
2959 Pieter Bos 1997 6 GK 2021-2022
41%
392 René Bot 1978 138 DF 2000-2002, 2004-2005, 2007-2008
41%
1172 Santiago Giménez 2001 62 FW 2022-2023
41%
418 Sébastien Haller 1994 132 FW 2014-2016, 2020-2021
41%
187 Thomas Lam 1993 191 DF, MF 2012-2013, 2014-2015, 2017-2020, 2023-2024
41%
474 Wout Weghorst 1992 124 FW 2014-2017
41%
215 Alireza Jahanbakhsh 1993 183 MF, FW 2013-2014, 2015-2017, 2021-2023
35%
3437 András Simon 1990 1 FW 2010-2011
35%
346 André Onana 1996 148 GK 2014-2021
35%
2731 Ashton Götz 1993 9 DF 2017-2018
35%
1093 Bertrand Traoré 1995 66 MF, FW 2013-2014, 2016-2017
35%
477 Calvin Verdonk 1997 123 DF, MF 2014-2016, 2018-2019, 2021-2023
35%
1997 Danzell Gravenberch 1994 26 DF, FW 2013-2014, 2020-2021
35%
1745 Davinson Sánchez 1996 32 DF 2016-2017
35%
906 Donyell Malen 1999 81 MF, FW 2017-2020
35%
2520 Erik Wegh 1980 13 MF 2000-2002
35%
117 Georginio Wijnaldum 1990 220 MF 2006-2014
35%
1006 Giliano Wijnaldum 1992 73 DF 2010-2011, 2012-2014, 2017-2018
35%
433 Gregory van der Wiel 1988 130 DF 2006-2012
35%
860 Hirving Lozano 1995 84 FW 2017-2019, 2023-2024
35%
270 Jan Vertonghen 1987 167 DF 2006-2011
35%
260 Jens Janse 1986 170 DF 2005-2012, 2017-2018
35%
230 Joël Veltman 1992 179 DF 2012-2019
35%
23 Jordy Clasie 1991 311 MF 2010-2014, 2018-2023
35%
850 Jurriën Timber 2001 85 DF 2019-2022
35%
946 Kasper Dolberg 1997 78 FW 2016-2019
35%
52 Kenneth Pérez 1974 269 MF, FW 2000-2009
35%
893 Kenneth Taylor 2002 82 DF, MF 2020-2023
35%
1191 Kenny van der Weg 1991 61 DF 2012-2014
35%
2797 Krisztián Simon 1991 8 MF, FW 2010-2011
35%
240 Lars Unnerstall 1990 177 GK 2017-2023
35%
2133 Lassina Franck Traoré 2001 22 FW 2018-2020
35%
149 Leroy Fer 1990 204 MF 2007-2012, 2019-2021
35%
987 Lisandro Martínez 1998 74 DF, MF 2019-2021
35%
1924 Malik Tillman 2002 28 MF, FW 2023-2024
35%
1439 Mario Götze 1992 47 MF 2020-2021
35%
2453 Mathias Jørgensen 1990 14 DF 2012-2013
35%
374 Mickey van der Hart 1994 141 GK 2014-2018, 2022-2023
35%
839 Quinten Timber 2001 86 MF 2020-2023
35%
99 Ron Vlaar 1985 229 DF 2004-2007, 2009-2011, 2015-2020
35%
2700 Ruud van Nistelrooy 1976 10 FW 2000-2001
35%
1017 Ryan Gravenberch 2002 72 MF 2018-2021
35%
1430 Sergiño Dest 2000 48 DF 2019-2020, 2023-2024
35%
306 Timmy Simons 1976 158 DF, MF 2005-2009
35%
1147 Walter Benítez 1993 63 GK 2022-2023
35%
460 Wesley Sneijder 1984 126 MF 2002-2006
35%
1698 Xavi Simons 2003 34 MF, FW 2022-2023
35%
59 Adam Maher 1993 259 MF 2010-2021
29%
1073 Anco Jansen 1989 68 MF, FW 2011-2012, 2013-2014, 2015-2016, 2018-2020
29%
1351 Arkadiusz Milik 1994 52 FW 2014-2015
29%
600 Calvin Stengs 1998 107 MF, FW 2016-2020, 2023-2024
29%
609 Cody Gakpo 1999 106 MF, FW 2017-2022
29%
432 Dani de Wit 1998 130 MF, FW 2017-2023
29%
246 Danny Bakker 1995 176 DF, MF 2012-2020
29%
93 David Mendes da Silva 1982 234 DF, MF 2000-2001, 2004-2009, 2016-2017
29%
1688 David Min 1999 34 MF, FW 2020-2021, 2023-2024
29%
129 Davy Pröpper 1991 213 MF 2009-2016, 2021-2023
29%
859 Eliano Reijnders 2000 84 DF, MF, FW 2018-2021, 2023-2024
29%
511 Erik Bakker 1990 119 MF 2013-2015, 2017-2018
29%
2507 Florent da Silva 2003 13 MF 2022-2023
29%
3222 Jan de Boer 2000 3 GK 2018-2022
29%
1177 Jesse Bosch 2000 62 MF 2019-2021
29%
258 Jetro Willems 1994 171 DF, MF 2011-2016, 2022-2023
29%
2152 Jochem Jansen 1990 22 DF 2010-2011
29%
3503 Johan Jansen 1989 1 GK 2007-2008
29%
320 John Heitinga 1983 154 DF, MF 2001-2007, 2015-2016
29%
2729 Jordan Henderson 1990 9 MF 2023-2024
29%
487 Jordan Teze 1999 122 DF 2018-2023
29%
2314 Jorge Eduardo Sánchez 1997 17 DF 2022-2023
29%
1496 Jorrel Hato 2006 44 DF 2022-2023
29%
2094 Josip Šutalo 2000 23 DF 2023-2024
29%
2373 Justin Bakker 1998 16 DF 2021-2022
29%
630 Justin Bijlow 1998 104 GK 2015-2023
29%
2220 Kees De Boer 2000 20 MF 2020-2021
29%
1795 Kenny Tete 1995 31 DF 2014-2016
29%
470 Kevin Jansen 1992 124 MF, FW 2011-2016
29%
565 Kolbeinn Sigþórsson 1990 112 FW 2010-2014
29%
205 Kostas Lamprou 1991 186 GK 2012-2021, 2023-2024
29%
815 Lazaros Lamprou 1997 87 MF, FW 2018-2019, 2020-2021, 2022-2023
29%
1053 Marcel Cas 1972 69 MF 2000-2001, 2003-2004
29%
3527 Martijn Jansen 1984 1 FW 2003-2004
29%
1432 Mathew Ryan 1992 47 GK 2022-2023
29%
1207 Mees de Wit 1998 60 DF, FW 2021-2023
29%
1029 Michael Jansen 1984 71 DF 2002-2004, 2007-2008, 2009-2010
29%
396 Michel Vorm 1983 137 GK 2006-2011
29%
1277 Mohammed Ihattaren 2002 56 MF, FW 2018-2021
29%
254 Mounir El Hamdaoui 1984 172 FW 2002-2003, 2006-2010, 2015-2016, 2017-2018
29%
3356 Murat Önal 1987 2 FW 2008-2009
29%
698 Nathaniël Will 1989 96 DF 2010-2012, 2015-2016
29%
720 Nick Bakker 1992 94 DF 2011-2012, 2018-2021
29%
533 Nicolás Tagliafico 1992 115 DF 2017-2021
29%
1872 Nordin Bakker 1997 29 GK 2023-2024
29%
386 Ola Toivonen 1986 139 MF, FW 2008-2013
29%
579 Olivier Boscagli 1997 110 DF, MF 2019-2023
29%
721 Phillip Cocu 1970 94 DF, FW 2004-2006
29%
1397 Quilindschy Hartman 2001 49 DF 2022-2023
29%
530 Rafael van der Vaart 1983 116 MF 2000-2004
29%
961 Regillio Simons 1973 77 FW 2000-2003
29%
111 Robin Pröpper 1993 223 DF, MF 2015-2023
29%
1398 Rodney Sneijder 1991 49 MF 2011-2012
29%
3363 Rody de Boer 1997 2 GK 2016-2017, 2018-2019
29%
2380 Roland Jansen 1967 16 GK 2003-2004
29%
1534 Rudy Jansen 1979 42 DF 2005-2006
29%
2730 Sergio Sánchez 1977 9 GK 2006-2007
29%
2158 Stefan Jansen 1972 22 FW 2001-2002
29%
140 Thom Haye 1995 207 DF, MF, FW 2013-2017, 2019-2020, 2021-2023
29%
337 Thulani Serero 1990 151 MF, FW 2011-2015, 2017-2019
29%
655 Tijjani Reijnders 1998 101 MF, FW 2017-2022
29%
113 Tim Matavž 1989 223 FW 2007-2013, 2017-2019
29%
444 Toby Alderweireld 1989 128 DF 2008-2013
29%
1478 Urvin Lee 1973 45 DF 2000-2001
29%
277 Vangelis Pavlidis 1998 165 MF, FW 2018-2023
29%
2534 Yannick de Wit 1986 13 MF 2008-2009
29%
2830 Abdisalam Ibrahim 1991 8 DF, MF 2011-2012
24%
2388 Alexander Isak 1999 16 FW 2018-2019
24%
931 Amin Younes 1993 79 MF, FW 2015-2017, 2022-2023
24%
2628 Andrea Mei 1989 11 DF 2011-2012
24%
199 André Ooijer 1974 188 DF 2000-2005, 2009-2011
24%
917 Andrés Guardado 1986 80 DF, MF, FW 2014-2016
24%
1242 Andries Noppert 1994 58 GK 2014-2015, 2017-2018, 2021-2023
24%
2023 Anton Gaaei 2002 25 DF 2023-2024
24%
1303 Ari 1985 55 FW 2007-2009
24%
136 Arne Slot 1978 208 MF 2002-2008, 2012-2013
24%
184 Bart Ramselaar 1996 192 MF, FW 2014-2023
24%
598 Benjamin van Leer 1992 107 GK 2015-2018, 2020-2021
24%
2079 Bjorn Meijer 2003 24 DF, MF 2020-2021
24%
112 Blaise Nkufo 1975 223 FW 2003-2009
24%
32 Bram van Polen 1985 297 DF, MF 2012-2021, 2023-2024
24%
1345 Branco van den Boomen 1995 52 MF 2015-2016, 2023-2024
24%
827 Bruno Silva 1980 87 DF 2005-2008
24%
11 Bryan Linssen 1990 341 MF, FW 2010-2021
24%
3322 Chris David 1993 2 MF, FW 2014-2015, 2017-2018
24%
1311 Christian Poulsen 1980 54 MF 2012-2013
24%
2335 Daniel De Silva 1997 16 MF 2015-2016
24%
1125 Dávid Hancko 1997 65 DF 2022-2023
24%
324 Denzel Dumfries 1996 153 DF 2016-2020
24%
692 Diederik Boer 1980 96 GK 2002-2003, 2012-2018
24%
2945 Eddy Vorm 1989 6 FW 2009-2010
24%
2039 Edgar Davids 1973 25 MF 2006-2007
24%
2902 Edson Silva 1983 7 MF 2004-2005
24%
1097 Edwin Linssen 1980 66 MF 2007-2009
24%
359 Erik Pieters 1988 144 DF, MF 2006-2012
24%
918 Evander Sno 1987 80 MF 2005-2006, 2008-2009, 2011-2013
24%
633 Eyong Enoh 1986 103 MF 2008-2012, 2017-2018
24%
2482 Fábio Silva 2002 14 FW 2022-2023
24%
1724 Fred van der Hoorn 1963 33 DF 2001-2002
24%
5 Gábor Babos 1974 377 GK 2000-2012, 2014-2015
24%
3268 George Thomas 1997 3 MF 2019-2020
24%
1973 Gerónimo Rulli 1992 26 GK 2022-2023
24%
805 Giovanni van Bronckhorst 1975 88 DF, MF 2007-2009
24%
817 Glenn Bijl 1995 87 DF, MF 2014-2016, 2018-2020
24%
281 Hans Vonk 1970 164 GK 2000-2005, 2008-2009
24%
1218 Igor Paixão 2000 59 FW 2022-2023
24%
1161 Jaïro Riedewald 1996 63 DF, MF 2013-2016
24%
1259 Jakob Poulsen 1983 57 MF 2005-2007
24%
2202 Jari Litmanen 1971 20 MF, FW 2002-2003
24%
1418 Jeffrey van As 1972 48 DF 2000-2001, 2003-2004
24%
224 Jeremain Lens 1987 181 MF, FW 2006-2012
24%
1216 Johan Bakayoko 2003 59 FW 2021-2023
24%
292 Jonathan de Guzmán 1987 161 MF 2005-2009, 2022-2023
24%
102 Joris Mathijsen 1980 227 DF 2000-2006, 2012-2014
24%
1102 Julian Baas 2002 66 MF, FW 2022-2023
24%
832 Kevin Diks 1996 86 DF 2014-2017
24%
419 Kevin Strootman 1990 132 MF 2007-2012
24%
37 Kew Jaliens 1978 291 DF 2000-2010
24%
56 Kwame Quansah 1982 263 MF 2000-2001, 2005-2013
24%
139 Maarten Martens 1984 207 MF 2004-2013
24%
3523 Marcellino van der Leeuw 1990 1 FW 2009-2010
24%
103 Marco van Ginkel 1992 227 MF, FW 2009-2012, 2015-2017, 2020-2023
24%
779 Marten de Roon 1991 90 DF, MF 2009-2010, 2012-2014
24%
3279 Mathias De Wolf 2002 2 FW 2021-2022
24%
1316 Mats Wieffer 1999 54 MF 2022-2023
24%
50 Matthew Amoah 1980 271 FW 2000-2005, 2007-2011, 2013-2014
24%
873 Mees Hilgers 2001 83 DF 2020-2023
24%
72 Michael de Leeuw 1986 247 MF, FW 2011-2015, 2018-2021
24%
642 Michal Sadílek 1999 102 DF, MF 2018-2023
24%
321 Michel Vlap 1997 154 MF, FW 2016-2018, 2021-2023
24%
2338 Mika Godts 2005 16 MF, FW 2022-2023
24%
325 Mike van der Hoorn 1992 153 DF 2011-2015, 2021-2023
24%
352 Mitchell Dijks 1993 146 DF 2012-2017, 2022-2023
24%
944 Nacer Chadli 1989 78 MF, FW 2010-2012
24%
1104 Nick Olij 1995 66 GK 2014-2017, 2022-2023
24%
198 Niklas Moisander 1985 188 DF 2008-2014
24%
1958 Noa Lang 1999 27 MF, FW 2017-2020, 2023-2024
24%
1780 Pablo Marí 1993 31 DF 2017-2018
24%
1034 Philipp Max 1993 70 DF 2020-2022
24%
1031 Quincy Promes 1992 71 MF, FW 2011-2012, 2013-2014, 2019-2020
24%
3362 Raimund Riedewald 1986 2 DF 2005-2006
24%
884 Rasmus Elm 1988 83 MF 2009-2011
24%
1284 Ricardo Pepi 2003 56 MF, FW 2022-2023
24%
2978 Ricardo Rodríguez 1992 6 DF 2019-2020
24%
735 Rick Karsdorp 1995 93 DF, MF 2014-2016, 2019-2020
24%
973 Rodney Kongolo 1998 76 DF, MF 2018-2021
24%
512 Rogier Meijer 1981 119 MF 2007-2008, 2010-2011
24%
2425 Roland Baas 1996 15 DF 2014-2015, 2016-2017
24%
280 Ryan Thomas 1994 164 MF, FW 2013-2017, 2019-2021, 2023-2024
24%
28 Sander Boschker 1970 305 GK 2000-2002, 2004-2012
24%
3147 Sander Thomas 1997 4 MF 2015-2016
24%
394 Simon Poulsen 1984 137 DF 2007-2011, 2013-2016
24%
49 Stijn Schaars 1984 272 MF 2002-2006, 2008-2010, 2013-2018
24%
2006 Sven Botman 2000 26 DF 2019-2020
24%
150 Sven van Beek 1994 204 DF 2013-2015, 2017-2023
24%
2761 Teije ten Den 1993 9 FW 2014-2015, 2016-2017
24%
614 Terence Kongolo 1994 106 DF 2011-2016
24%
3576 Thomas Kok 1998 1 DF 2015-2017
24%
571 Thomas Vermaelen 1985 111 DF 2003-2008
24%
41 Tim de Cler 1978 284 DF 2000-2010
24%
2479 Tim Krul 1988 14 GK 2016-2017
24%
95 Tom Beugelsdijk 1990 233 DF 2012-2013, 2015-2021
24%
1152 Tom De Mul 1986 63 MF, FW 2003-2006
24%
1012 Tom Van Mol 1972 72 DF, MF 2000-2003
24%
138 Tonny Vilhena 1995 208 MF 2011-2018
24%
2706 Trevor David 1997 10 DF, FW 2016-2018
24%
222 Viktor Elm 1985 182 DF, MF 2008-2014
24%
96 Vurnon Anita 1989 231 DF, MF 2005-2006, 2008-2012, 2018-2019, 2020-2022
24%
1094 Wilfried Bony 1988 66 FW 2010-2012, 2021-2022
24%
2327 Wim de Ron 1969 17 GK 2002-2003
24%
1732 Youri Baas 2003 33 DF, FW 2021-2023
24%
201 Zakaria Labyad 1993 187 MF, FW 2009-2011, 2013-2014, 2016-2023
24%
995 Zlatan Ibrahimović 1981 74 FW 2001-2004
24%
6 Aaron Meijers 1987 377 DF, MF 2008-2009, 2011-2023
18%
1581 Afonso Alves 1981 39 MF, FW 2006-2007
18%
1171 Alfreð Finnbogason 1989 62 FW 2012-2013
18%
703 Andreas Granqvist 1985 96 DF, MF 2008-2010
18%
484 Andreas Isaksson 1981 123 GK 2008-2011
18%
899 André Ramalho 1992 81 DF 2021-2023
18%
716 Anwar El Ghazi 1995 94 MF, FW 2014-2016, 2022-2023
18%
1415 Arno Arts 1969 48 MF 2000-2002
18%
425 Arnold Bruggink 1977 131 MF, FW 2000-2002, 2004-2005, 2010-2011
18%
527 Arouna Koné 1983 116 FW 2003-2007
18%
573 Arvid Smit 1980 111 MF 2001-2005, 2008-2009
18%
544 Balázs Dzsudzsák 1986 114 MF, FW 2007-2010
18%
2516 Bart Meijers 1997 13 DF 2017-2018
18%
310 Bas Dost 1989 157 FW 2008-2011, 2022-2023
18%
262 Bas Kuipers 1994 169 DF 2014-2018, 2021-2023
18%
1981 Benjamin Tahirovic 2003 26 MF 2023-2024
18%
632 Bonaventure Kalou 1978 103 MF, FW 2000-2002, 2008-2009
18%
912 Brad Jones 1982 80 GK 2015-2017
18%
127 Bram Castro 1982 213 GK 2006-2009, 2014-2017
18%
1274 Brian Plat 2000 56 DF 2022-2023
18%
234 Bruno Martins Indi 1992 178 DF 2010-2013, 2020-2023
18%
2053 Calvin Bassey 1999 25 DF 2022-2023
18%
497 Carlos Salcido 1980 121 DF, MF 2006-2009
18%
1824 Cas Peters 1993 30 FW 2015-2016, 2018-2019
18%
731 Daan Rots 2001 93 MF, FW 2020-2023
18%
2242 Daan Smith 1992 19 DF 2011-2012
18%
682 Daley Sinkgraven 1995 98 DF, MF, FW 2013-2018
18%
900 Danilo 1999 81 MF, FW 2018-2022
18%
143 Danny Buijs 1982 206 MF 2002-2003, 2004-2010
18%
435 Dario Van den Buijs 1995 129 DF 2017-2023
18%
133 Darl Douglas 1979 212 MF, FW 2000-2001, 2004-2011
18%
1015 Darren Maatsen 1991 72 FW 2011-2012, 2016-2017, 2019-2020
18%
191 Demy de Zeeuw 1983 190 MF 2005-2010, 2014-2015
18%
183 Dennis Rommedahl 1978 192 MF, FW 2000-2003, 2007-2009
18%
43 Denny Landzaat 1976 281 MF 2000-2005, 2007-2012
18%
315 Deroy Duarte 1999 155 DF, MF, FW 2016-2017, 2019-2023
18%
759 Devyne Rensch 2003 91 DF 2020-2023
18%
2137 Diant Ramaj 2001 22 GK 2023-2024
18%
905 Dirk Proper 2002 81 MF 2021-2023
18%
3213 D'Leanu Arts 2003 3 DF 2023-2024
18%
848 Donny de Groot 1979 85 FW 2001-2002, 2003-2005, 2007-2008
18%
257 Donny Gorter 1988 171 DF, MF 2007-2013, 2016-2019
18%
1051 Dorus de Vries 1980 69 GK 2003-2005
18%
297 Douglas 1988 160 DF 2007-2012
18%
675 Dries Wuytens 1991 98 DF 2014-2017, 2019-2020
18%
3325 Dwight Eli 1982 2 DF 2001-2002
18%
118 Edwin de Graaf 1980 219 MF 2002-2011
18%
3601 Elias Olsson 2003 1 DF 2021-2022
18%
163 Eljero Elia 1987 198 MF, FW 2004-2008, 2015-2016, 2020-2021
18%
190 Eloy Room 1989 190 GK 2008-2018, 2023-2024
18%
461 Elson Hooi 1991 125 MF, FW 2012-2014, 2017-2019
18%
54 Eric Botteghin 1987 266 DF 2011-2020
18%
627 Evert Linthorst 2000 104 MF 2017-2023
18%
120 Everton 1983 218 MF, FW 2006-2012
18%
1202 Francisco Javier Rodríguez 1981 60 DF 2008-2010
18%
3309 Francisco Júnior 1992 2 MF 2013-2014
18%
36 Frank van der Struijk 1985 292 DF 2003-2015
18%
555 Furdjel Narsingh 1988 113 MF, FW 2008-2009, 2012-2015, 2018-2019
18%
831 Gabri García 1979 86 DF, MF 2006-2009
18%
1821 Giorgos Giakoumakis 1994 30 FW 2020-2021
18%
659 Gonzalo 1983 100 MF 2006-2010, 2015-2016
18%
406 Graziano Pellè 1985 135 FW 2007-2010, 2012-2013
18%
74 Guram Kashia 1987 244 DF 2010-2017
18%
3487 Guy Smith 1996 1 MF 2014-2015, 2017-2018
18%
818 Hans Hateboer 1994 87 DF, MF 2013-2016
18%
371 Héctor Moreno 1988 141 DF 2007-2010, 2015-2016
18%
88 Henk Timmer 1971 237 GK 2000-2009
18%
445 Heurelho Gomes 1981 128 GK 2004-2007
18%
2209 Hussein Ali 2002 20 DF, MF, FW 2022-2023
18%
300 Ibrahim Afellay 1986 160 MF, FW 2004-2010, 2019-2020
18%
1185 Iván Márquez 1994 61 DF 2021-2022
18%
1791 Jaap Stam 1972 31 DF 2006-2007
18%
1838 Jamie Smith 1980 30 MF 2004-2005
18%
3116 Jan Ras 1999 4 MF, FW 2019-2021
18%
137 Jan Vennegoor of Hesselink 1978 208 FW 2000-2006, 2011-2012
18%
97 Jan Wuytens 1985 229 DF 2005-2015
18%
2754 Jay Gorter 2000 9 GK 2021-2023
18%
528 Jeffrey Bruma 1991 116 DF 2013-2015, 2022-2023
18%
3335 Jelte Pal 2002 2 FW 2021-2022
18%
2642 Jens van Son 1987 11 MF 2015-2016
18%
668 Jerold Promes 1984 99 DF 2004-2005, 2007-2008, 2017-2018
18%
3337 Jesse Bal 2006 2 MF 2023-2024
18%
395 Jhon van Beukering 1983 137 FW 2000-2004, 2007-2008, 2010-2011
18%
504 Joel Drommel 1996 120 GK 2014-2017, 2019-2023
18%
463 Joey Pelupessy 1993 125 MF 2012-2013, 2014-2017, 2022-2023
18%
738 Jonas Olsson 1983 93 DF 2005-2007
18%
677 Jon Dahl Tomasson 1976 98 MF, FW 2000-2001, 2008-2009
18%
2837 Jordan Larsson 1997 8 FW 2016-2017
18%
171 Jordens Peters 1987 196 DF 2012-2013, 2014-2020
18%
203 Jordy Buijs 1988 187 DF, MF 2007-2008, 2010-2015
18%
220 Jorrit Hendrix 1995 182 DF, MF 2013-2022
18%
803 José Fortes Rodriguez 1972 88 DF 2000-2005
18%
2070 José Rodríguez 1994 24 DF, MF 2018-2019
18%
250 Joshua Brenet 1994 173 DF 2013-2017, 2019-2020, 2021-2023
18%
871 Juninho Bacuna 1997 83 MF, FW 2014-2017
18%
452 Jürgen Locadia 1993 127 FW 2012-2017
18%
27 Karim El Ahmadi 1985 305 MF 2003-2011, 2014-2017
18%
3508 Kees Smit 2006 1 MF 2023-2024
18%
2585 Kevin van Veen 1991 12 FW 2015-2016
18%
653 Kik Pierie 2000 101 DF 2016-2023
18%
2076 Kodai Sano 2003 24 MF, FW 2023-2024
18%
1786 Koki Ogawa 1997 31 FW 2023-2024
18%
801 Laros Duarte 1997 88 MF 2019-2022
18%
582 Leandro Bacuna 1991 109 DF, MF 2009-2012
18%
286 Lerin Duarte 1990 162 MF, FW 2009-2010, 2011-2014, 2016-2018
18%
1505 Levi Garcia 1997 44 FW 2015-2017
18%
29 Lex Immers 1986 304 MF, FW 2008-2015, 2017-2019
18%
420 Lorenzo Davids 1986 132 MF 2006-2010
18%
122 Luciano Narsingh 1990 218 MF, FW 2008-2016, 2019-2020
18%
2447 Luwamo Garcia 1985 14 FW 2006-2007
18%
3190 Mahamadou Dembélé 1999 3 DF 2018-2019
18%
1683 Manu García 1998 34 MF, FW 2017-2018
18%
670 Marino Promes 1977 99 FW 2000-2003
18%
1694 Mark de Vries 1975 34 FW 2005-2006
18%
24 Mark-Jan Fledderus 1982 311 DF, MF 2002-2016
18%
2059 Marko Pantelić 1978 25 FW 2009-2010
18%
12 Mark van der Maarel 1989 338 DF 2009-2023
18%
1332 Marnix Smit 1975 53 DF 2005-2008
18%
3238 Martijn de Vries 1992 3 DF 2011-2012
18%
2821 Martijn Kuiper 1978 8 DF 2000-2001
18%
1059 Martin Ødegaard 1998 69 MF, FW 2016-2018
18%
490 Mateja Kežman 1979 122 FW 2000-2003
18%
3529 Mats Rots 2006 1 DF 2022-2023
18%
40 Mats Seuntjens 1992 286 MF, FW 2011-2014, 2016-2018, 2020-2023
18%
562 Mauro Júnior 1999 112 DF, MF, FW 2017-2023
18%
2047 Max Bruns 2002 25 DF, MF 2020-2023
18%
1451 Max Clark 1996 46 DF 2018-2019
18%
2277 Maxim Dekker 2004 18 DF 2021-2023
18%
2888 Maxim Gullit 2001 7 DF 2020-2021
18%
543 Maxwell 1981 114 DF 2001-2004
18%
2889 Melayro Bogarde 2002 7 MF 2021-2022
18%
2084 Michael Reiziger 1973 24 DF 2005-2006
18%
2841 Michael Ros 1981 8 DF 2003-2004
18%
2322 Milan Smit 2003 17 MF, FW 2021-2022
18%
2253 Miliano Jonathans 2004 19 MF, FW 2021-2023
18%
1009 Million Manhoef 2002 73 DF, MF, FW 2020-2023
18%
398 Miralem Sulejmani 1988 137 MF, FW 2007-2012
18%
1115 Mohammed Kudus 2000 65 MF, FW 2020-2023
18%
327 Mousa Dembélé 1987 151 MF 2005-2009
18%
2415 Mukhtar Ali 1997 15 MF 2016-2019
18%
992 Myron Boadu 2001 74 MF, FW 2018-2020, 2023-2024
18%
232 Nebojša Gudelj 1968 179 DF 2000-2005
18%
228 Nemanja Gudelj 1991 180 DF, MF 2010-2016
18%
3615 Nick de Graaf 1987 1 DF 2007-2008
18%
1911 Nick Kuipers 1992 28 DF 2017-2019
18%
3055 Nick Kuipers 1988 5 DF 2007-2008
18%
1549 Nicky Kuiper 1989 41 DF 2008-2011, 2015-2016
18%
1340 Nicolai Boilesen 1992 52 DF 2010-2011, 2013-2014
18%
1354 Noni Madueke 2002 51 MF, FW 2019-2022
18%
790 Nordin Amrabat 1987 89 MF, FW 2007-2010
18%
2591 Olivier ter Horst 1989 12 DF 2009-2011
18%
513 Orkun Kökçü 2000 119 MF 2017-2022
18%
83 Orlando Engelaar 1979 239 DF, MF 2000-2004, 2006-2007, 2009-2012, 2014-2015
18%
189 Otman Bakkal 1985 191 MF, FW 2003-2004, 2006-2011, 2013-2014
18%
455 Owen Wijndal 1999 127 DF 2016-2023
18%
1736 Pedro David Rosendo Marques 1998 33 MF, FW 2022-2023
18%
1182 Perr Schuurs 1999 62 DF 2018-2022
18%
4 Peter Wisgerhof 1979 390 DF 2000-2013
18%
539 Pierre van Hooijdonk 1969 115 FW 2001-2002, 2005-2006
18%
252 Ragnar Klavan 1985 172 DF 2005-2011
18%
1193 Ralf Seuntjens 1989 61 MF, FW 2017-2018
18%
17 Ramon Zomer 1983 325 DF 2002-2015
18%
119 Rasmus Lindgren 1984 219 DF, MF 2004-2010, 2012-2015
18%
2960 Rein Smit 2001 6 DF, FW 2019-2020
18%
763 Remon de Vries 1979 91 MF 2005-2008
18%
147 Rens van Eijden 1988 205 DF 2008-2013, 2015-2017, 2021-2022
18%
247 Ricardo van Rhijn 1991 176 DF 2011-2015, 2017-2020
18%
764 Rick Dekker 1995 91 DF, MF 2014-2015, 2017-2019
18%
207 Riechedly Bazoer 1996 186 DF, MF 2014-2016, 2018-2023
18%
624 Ritsu Doan 1998 104 MF, FW 2017-2019, 2021-2022
18%
275 Robbin Ruiter 1987 166 GK 2012-2016, 2019-2022
18%
382 Robert Mühren 1989 140 MF, FW 2014-2018, 2022-2023
18%
236 Ronnie Stam 1984 178 DF, MF 2002-2009
18%
60 Roy Beerens 1987 258 MF, FW 2005-2013, 2017-2018
18%
3365 Roy de Ruiter 1989 2 FW 2009-2010
18%
881 Roy Makaay 1975 83 FW 2007-2009
18%
1122 Ryan Flamingo 2002 65 DF, MF 2022-2023
18%
1112 Salomon Kalou 1985 65 MF, FW 2004-2005
18%
449 Sander Fischer 1988 128 DF 2014-2017
18%
233 Sean Klaiber 1994 179 DF, MF 2013-2020, 2022-2023
18%
3568 Shapoul Ali 1990 1 FW 2009-2010
18%
809 Silvester van der Water 1996 88 MF, FW 2018-2020, 2022-2023
18%
1088 Simon Olsson 1997 67 MF, FW 2022-2023
18%
1157 Sofyan Amrabat 1996 63 DF, MF 2014-2017
18%
175 Stijn Wuytens 1989 194 DF, MF 2008-2011, 2014-2019
18%
1248 Sydney van Hooijdonk 2000 58 DF, FW 2018-2019, 2021-2022
18%
39 Thomas Bruns 1992 287 MF, FW 2010-2020, 2023-2024
18%
3064 Tim Linthorst 1994 5 DF 2015-2016
18%
446 Timon Wellenreuther 1995 128 GK 2017-2019, 2021-2023
18%
3372 Tim Peters 1985 2 FW 2005-2006
18%
1503 Tristan Dekker 1998 44 DF 2017-2020
18%
2032 Troy Parrott 2002 25 FW 2023-2024
18%
3256 Tygo Land 2006 3 MF 2022-2023
18%
929 Viktor Fischer 1994 79 MF, FW 2012-2015
18%
1318 Wesley de Ruiter 1986 54 GK 2007-2008, 2011-2012
18%
1678 Wesley Sonck 1978 34 FW 2003-2004
18%
8 Wout Brama 1986 353 MF 2005-2016, 2019-2022
18%
1135 Yorbe Vertessen 2001 64 MF, FW 2020-2023
18%
407 Yukinari Sugawara 2000 135 DF, FW 2019-2023
18%
2740 Abdelhak Nouri 1997 9 MF 2016-2017
12%
2918 Adilson dos Santos 1976 6 DF 2000-2001
12%
3010 Adrian Blake 2005 5 MF, FW 2023-2024
12%
874 Albert Guðmundsson 1997 83 MF, FW 2016-2021
12%
854 Alex 1982 84 DF 2004-2006
12%
202 Alexander Büttner 1989 187 DF, MF 2007-2011, 2016-2018, 2021-2022
12%
2058 Alexandre Penetra 2001 25 DF 2023-2024
12%
443 Anas Tahiri 1995 128 MF, FW 2019-2023
12%
229 André Bahia 1983 179 DF 2004-2010
12%
1108 André Bergdølmo 1971 66 DF 2000-2002
12%
861 Andwélé Slory 1982 84 MF, FW 2006-2009, 2014-2015
12%
2741 Andy Visser 2004 9 FW 2023-2024
12%
1221 Angelos Charisteas 1980 59 FW 2004-2006
12%
7 Anthony Lurling 1977 353 MF, FW 2000-2005, 2007-2013
12%
251 Arjan Swinkels 1984 173 DF 2006-2010, 2015-2016, 2020-2021
12%
21 Arnold Kruiswijk 1984 316 DF 2002-2007, 2009-2017
12%
1391 Aron Winter 1967 49 MF 2000-2001
12%
915 Atiba Hutchinson 1983 80 DF, MF 2010-2012
12%
1991 Ayase Ueda 1998 26 MF, FW 2023-2024
12%
87 Barry Opdam 1976 237 DF 2000-2007
12%
775 Bart van Rooij 2001 90 DF, MF 2021-2023
12%
98 Bart Vriends 1991 229 DF 2013-2014, 2016-2017, 2019-2023
12%
1946 Bersant Celina 1996 27 MF, FW 2016-2017
12%
2662 Birger Van de Ven 1982 10 DF 2004-2005
12%
2069 Bojan Krkić 1990 24 MF, FW 2013-2014
12%
479 Boy Waterman 1984 123 GK 2003-2008, 2010-2011, 2012-2013, 2022-2023
12%
636 Bram Nuytinck 1990 103 DF 2009-2012, 2023-2024
12%
212 Brett Holman 1984 183 MF, FW 2002-2003, 2006-2011
12%
1399 Bruma 1994 49 MF, FW 2019-2021
12%
2014 Burak Yılmaz 1985 26 FW 2022-2023
12%
637 Calvin Jong-a-Pin 1986 103 DF 2006-2010
12%
990 Carel Eiting 1998 74 MF 2016-2020, 2022-2023
12%
2191 Carlos Forbs 2004 21 FW 2023-2024
12%
2298 Cássio 1987 17 GK 2008-2009, 2010-2011
12%
107 Cedric van der Gun 1979 224 MF, FW 2000-2004, 2006-2008, 2011-2013
12%
14 Christian Kum 1985 334 DF 2005-2006, 2008-2020
12%
1842 Christian Santos 1988 30 MF, FW 2015-2016
12%
2026 Chuba Akpom 1995 25 MF, FW 2023-2024
12%
1563 Collins John 1985 40 FW 2002-2003, 2008-2009
12%
3323 Collin van Eijk 1991 2 GK 2010-2011
12%
870 Cristian Chivu 1980 84 DF 2000-2002
12%
476 Cuco Martina 1989 123 DF, MF 2011-2014, 2018-2019, 2021-2022
12%
2807 Daan Reiziger 2001 8 GK 2020-2023
12%
426 Dabney dos Santos 1996 131 MF, FW 2014-2019
12%
1283 DaMarcus Beasley 1982 56 DF, FW 2004-2005
12%
754 Daniel Jensen 1979 91 MF 2000-2002
12%
436 Danijel Pranjić 1981 129 DF, MF 2005-2008
12%
322 Danko Lazović 1983 154 FW 2003-2004, 2006-2009
12%
255 Danny Koevermans 1978 172 FW 2000-2001, 2005-2010, 2013-2014
12%
1807 Darío Cvitanich 1984 30 FW 2008-2010
12%
331 Daryl Janmaat 1989 151 DF 2008-2013, 2020-2021
12%
3211 Dave Kwakman 2004 3 MF 2023-2024
12%
2301 David Jones 1984 17 MF 2005-2006
12%
108 Dennis Gentenaar 1975 224 GK 2000-2004, 2006-2007, 2009-2011, 2013-2014
12%
2038 Dennis van der Heijden 1997 25 FW 2015-2017
12%
949 Derk Boerrigter 1986 78 MF, FW 2009-2010, 2011-2012
12%
1682 Derry Murkin 1999 34 DF 2022-2023
12%
57 Dirk Marcellis 1988 261 DF 2007-2012, 2014-2018
12%
1033 Dmitri Bulykin 1979 71 FW 2010-2012
12%
1065 Dustley Mulder 1985 68 DF 2005-2006, 2009-2010
12%
550 Édgar Barreto 1984 114 DF, MF 2003-2006, 2021-2022
12%
1014 Édison Méndez 1979 72 MF 2006-2008
12%
390 Edwin Zoetebier 1970 138 GK 2000-2007
12%
1771 Enes Ünal 1997 32 FW 2016-2017
12%
1416 Enric Llansana 2001 48 DF, MF 2020-2023
12%
1371 Eran Zahavi 1987 50 FW 2020-2021
12%
769 Erik Edman 1978 91 DF 2001-2003
12%
79 Erwin Mulder 1989 241 GK 2007-2008, 2009-2016, 2020-2023
12%
3478 Erwin Nuytinck 1994 1 MF 2011-2012
12%
2273 Espen van Ee 2003 18 MF, FW 2023-2024
12%
526 Etienne Vaessen 1995 117 GK 2019-2023
12%
3480 Finn Stam 2003 1 DF 2023-2024
12%
467 Florian Jozefzoon 1991 125 MF, FW 2010-2016, 2022-2023
12%
930 Fran Sol 1992 79 FW 2016-2018
12%
358 Fredrik Midtsjø 1993 145 MF 2017-2021
12%
685 Funso Ojo 1991 97 MF 2009-2011, 2014-2016
12%
1629 Gabriel Gudmundsson 1999 37 DF, MF, FW 2019-2021
12%
283 Gerald Sibon 1974 163 FW 2002-2005, 2007-2009, 2011-2012
12%
1060 Gernot Trauner 1992 68 DF 2021-2023
12%
928 Gervane Kastaneer 1996 79 MF, FW 2014-2016, 2018-2019, 2021-2022
12%
170 Gianni Zuiverloon 1986 196 DF 2004-2007, 2012-2015, 2020-2021
12%
84 Gill Swerts 1982 238 DF, MF 2002-2011, 2013-2014
12%
1084 Glynor Plet 1987 67 FW 2010-2011, 2014-2015
12%
1286 Guy Ramos 1985 55 DF, MF 2011-2013
12%
369 Gyrano Kerk 1995 142 MF, FW 2014-2015, 2016-2021
12%
628 Hans Mulder 1987 104 DF, MF 2006-2007, 2009-2010, 2012-2013, 2019-2022
12%
2370 Hans Visser 1966 16 MF 2000-2001
12%
2881 Hendrik van Beelen 1979 7 FW 2001-2002
12%
785 Ibrahim Sangaré 1997 89 MF 2020-2023
12%
1865 Iderlindo Moreno Freire 1985 29 DF, MF 2006-2008
12%
852 Isac Lidberg 1998 85 FW 2021-2023
12%
1615 Ismael Saibari 2001 37 MF, FW 2020-2023
12%
523 Ismaïl Aissati 1988 117 MF 2005-2011
12%
883 Ivo Pinto 1990 83 DF 2021-2023
12%
3491 Jaap van Duijn 1990 1 FW 2011-2012
12%
576 Jacob Mulenga 1984 111 MF, FW 2009-2013, 2021-2022
12%
901 Jafar Arias 1995 81 FW 2014-2015, 2018-2020
12%
2922 Jakov Medić 1998 6 DF 2023-2024
12%
34 Jan-Arie van der Heijden 1988 294 DF, MF 2007-2008, 2009-2020
12%
2183 Jan de Visser 1968 21 MF 2000-2001
12%
1320 Jan Heintze 1963 53 DF 2000-2002
12%
158 Jan Kromkamp 1980 201 DF 2000-2004, 2006-2009
12%
1907 Jan Paul van Hecke 2000 28 DF 2018-2019, 2020-2021
12%
3117 Jarno Westerman 2002 4 FW 2019-2021
12%
1934 Jarrad Branthwaite 2002 27 DF 2022-2023
12%
294 Jason Culina 1980 160 MF 2002-2003, 2004-2008
12%
519 Jefferson Farfán 1984 118 MF, FW 2004-2007
12%
1141 Jeroen Verhoeven 1980 64 GK 2003-2004, 2008-2009, 2010-2011, 2012-2014
12%
1384 Joachim Andersen 1996 49 DF 2014-2017
12%
1866 Joël Piroe 1999 29 FW 2018-2020
12%
537 Jóhann Berg Guðmundsson 1990 115 MF, FW 2010-2013
12%
393 Johann Vogel 1977 138 MF 2000-2004
12%
549 Jonas Svensson 1993 114 DF 2016-2020
12%
3442 Jonathan Mulder 2002 1 DF 2020-2021
12%
649 Joost van Aken 1994 102 DF 2013-2017, 2021-2022
12%
3339 Joran Pot 1989 2 MF 2013-2014
12%
3342 Jordi Blom 2002 2 FW 2022-2023
12%
2402 Jordi López 1981 15 MF 2010-2011
12%
3227 Jordy Brouwer 1988 3 FW 2010-2011
12%
1109 Jørgen Strand Larsen 2000 66 FW 2020-2022
12%
622 Joshua John 1988 104 MF, FW 2007-2009, 2011-2012, 2013-2014, 2020-2021
12%
1089 Jozy Altidore 1989 67 FW 2011-2012
12%
2044 Jurgen Ekkelenkamp 2000 25 MF, FW 2017-2021
12%
1315 Karim Rekik 1994 54 DF 2013-2014
12%
1437 Kasper Larsen 1993 47 DF 2015-2017
12%
361 Kees Kwakman 1983 144 DF, MF 2008-2013
12%
1643 Keisuke Honda 1986 36 MF, FW 2007-2008, 2009-2010, 2019-2020
12%
3232 Kerem Yilmaz 1984 3 FW 2005-2006
12%
427 Kevin Hofland 1979 131 DF 2000-2003, 2007-2009
12%
2644 Kevin Vink 1984 11 FW 2009-2010
12%
1245 Kevin Visser 1988 58 DF, MF 2010-2012
12%
2472 Kian Fitz-Jim 2003 14 DF, MF, FW 2020-2023
12%
2884 Kian Slor 2002 7 MF, FW 2019-2020, 2022-2023
12%
2885 Koen Stam 1987 7 DF 2007-2008
12%
2009 Kornelius Hansen 2001 26 FW 2023-2024
12%
2257 Lars Olden Larsen 1998 19 FW 2023-2024
12%
3516 Levi Opdam 1996 1 DF 2015-2016, 2017-2018
12%
1079 Lucas Andersen 1994 67 MF, FW 2012-2015
12%
1847 Lucas Piazon 1994 29 MF, FW 2013-2014
12%
303 Luc Castaignos 1992 159 FW 2009-2010, 2012-2014, 2017-2018
12%
70 Luigi Bruins 1987 249 MF, FW 2006-2011, 2014-2018
12%
966 Luis Sinisterra 1999 76 FW 2018-2021
12%
200 Mads Junker 1981 187 FW 2005-2011
12%
2361 Manuel da Costa 1986 16 DF 2006-2007
12%
753 Marcelo 1987 91 DF 2010-2012
12%
2113 Marciano Bruma 1984 23 DF 2005-2006, 2009-2010
12%
249 Marco Bizot 1991 175 GK 2012-2013, 2017-2020
12%
1800 Marcos López 1999 31 DF 2022-2023
12%
911 Marcos Senesi 1997 80 DF 2019-2021
12%
3234 Marco van Duin 1987 3 GK 2015-2016, 2019-2020
12%
503 Mario Engels 1993 120 MF, FW 2017-2018, 2020-2023
12%
1577 Markus Rosenberg 1982 40 FW 2005-2006
12%
2587 Mark Verhoeven 1969 12 DF 2000-2001
12%
421 Martin Drent 1970 132 FW 2000-2004
12%
802 Martin Hansen 1990 88 GK 2014-2015, 2017-2018
12%
1849 Mason Mount 1999 29 MF 2017-2018
12%
2923 Mateo Leš 2000 6 DF 2020-2021
12%
2605 Matías Jones 1991 12 MF, FW 2011-2012
12%
316 Mats Köhlert 1998 155 DF, MF, FW 2019-2023
12%
1180 Mattijs Branderhorst 1993 62 GK 2014-2015, 2016-2018, 2021-2023
12%
1146 Mauro Rosales 1981 63 MF, FW 2004-2006
12%
2549 Maximiliano Romero 1999 12 MF, FW 2018-2019, 2020-2021
12%
1701 Max Svensson 1998 34 MF, FW 2021-2022
12%
1313 Maya Yoshida 1988 54 DF 2010-2012
12%
820 Mees Hoedemakers 1998 87 MF 2017-2018, 2021-2023
12%
732 Melvin Platje 1988 93 FW 2008-2009, 2011-2012
12%
2563 Michael Ball 1979 12 DF 2005-2006
12%
1514 Michael Brouwer 1993 43 GK 2015-2020, 2023-2024
12%
1749 Michael Higdon 1983 32 FW 2013-2014
12%
556 Michael Mols 1970 113 FW 2004-2008
12%
366 Michael Pinto 1993 143 DF 2018-2023
12%
1421 Michael van der Kruis 1979 48 DF 2001-2002, 2004-2005
12%
9 Michel Breuer 1980 343 DF 2002-2003, 2004-2013, 2016-2017
12%
204 Mika Väyrynen 1981 186 MF 2001-2010
12%
389 Mike Havenaar 1987 138 FW 2011-2013, 2015-2016
12%
31 Mike te Wierik 1992 303 DF 2010-2022
12%
42 Mike van Duinen 1991 282 MF, FW 2011-2020, 2022-2023
12%
567 Milan van Ewijk 2000 112 DF 2019-2022
12%
1717 Milos Kerkez 2003 33 DF 2021-2022
12%
225 Mimoun Mahi 1994 180 MF, FW 2014-2018, 2020-2022
12%
1766 Miroslav Stoch 1989 32 MF, FW 2009-2010
12%
379 Mitchell van Bergen 1999 140 MF, FW 2015-2021, 2023-2024
12%
3054 Mohammed Tahiri 2001 5 MF, FW 2021-2022
12%
91 Navarone Foor 1992 236 MF, FW 2011-2013, 2015-2019, 2022-2023
12%
2986 Nelson da Costa 1982 6 MF 2003-2004
12%
1348 Neraysho Kasanwirjo 2002 52 DF, MF 2020-2023
12%
397 Nick Marsman 1990 137 GK 2011-2012, 2013-2020
12%
2194 Nicolás Lodeiro 1989 21 MF 2009-2010, 2011-2012
12%
1659 Niki Zimling 1985 35 MF 2010-2011, 2014-2015
12%
800 Nikolay Mihaylov 1988 88 GK 2008-2009, 2010-2012
12%
66 Nourdin Boukhari 1980 251 MF 2000-2008, 2011-2012
12%
1460 Oğuzhan Özyakup 1992 46 MF 2019-2020, 2022-2023
12%
1054 Ola John 1992 69 MF, FW 2010-2011, 2020-2021
12%
2604 Oleksandr Zinchenko 1996 12 MF, FW 2016-2017
12%
1196 Oliver Edvardsen 1999 61 MF, FW 2022-2023
12%
496 Oussama Assaidi 1988 121 MF, FW 2008-2012, 2016-2017
12%
330 Oussama Tannane 1994 151 MF, FW 2012-2015, 2018-2022
12%
3057 Paddy John 1990 5 FW 2008-2009
12%
196 Pa-Modou Kah 1980 189 DF, MF 2004-2010
12%
833 Park Ji-sung 1981 86 MF 2002-2004, 2013-2014
12%
3358 Patrick Brouwer 2001 2 MF, FW 2022-2023
12%
131 Patrick Pothuizen 1972 213 DF 2000-2009
12%
611 Patrick van Aanholt 1990 106 DF 2011-2013, 2022-2023
12%
2489 Paxten Aaronson 2003 14 MF 2023-2024
12%
353 Pelle Clement 1996 146 MF, FW 2016-2017, 2018-2023
12%
3359 Peter Blom 1982 2 DF 2002-2003
12%
960 Philippe Sandler 1997 77 DF 2016-2017, 2021-2023
12%
1483 Phillipp Mwene 1994 44 DF 2021-2023
12%
1087 Pontus Wernbloom 1986 67 MF, FW 2009-2011
12%
1011 Przemysław Tytoń 1987 73 GK 2007-2008, 2009-2013, 2021-2023
12%
25 Purrel Fränkel 1976 308 DF 2000-2008, 2010-2011
12%
1584 Ragnar Ache 1998 39 FW 2016-2017, 2019-2020
12%
3547 Raimond van der Gouw 1963 1 GK 2003-2004
12%
3072 Ray Fränkel 1982 5 DF 2003-2004
12%
2714 Răzvan Marin 1996 10 MF 2019-2020
12%
3552 Ricardo Smits 1982 1 DF 2003-2004
12%
2192 Róbert Boženík 1999 21 FW 2019-2021
12%
551 Roberto Rosales 1988 114 DF, MF 2010-2013
12%
383 Robert Zwinkels 1983 140 GK 2005-2006, 2008-2020
12%
16 Rob Wielaert 1978 327 DF 2001-2012
12%
1570 Roland Bergkamp 1991 40 FW 2010-2011, 2012-2013, 2016-2017
12%
51 Romano Denneboom 1981 271 FW 2000-2009
12%
403 Romeo Castelen 1983 136 MF, FW 2003-2006, 2013-2014, 2017-2018
12%
548 Ronald Waterreus 1970 114 GK 2000-2003, 2006-2007
12%
3558 Ron Janzen 1994 1 DF 2014-2015
12%
1916 Roy Kuijpers 2000 28 MF, FW 2021-2022
12%
1874 Royston Drenthe 1987 29 DF, MF 2005-2006
12%
2117 Ruud Kool 1966 23 MF 2000-2001
12%
237 Ruud Vormer 1988 178 MF 2006-2014
12%
722 Ryan Babel 1986 94 MF, FW 2003-2006, 2012-2013, 2019-2020
12%
1404 Ryan Donk 1986 49 DF, MF 2005-2007
12%
92 Ryan Koolwijk 1985 236 MF 2007-2008, 2010-2014, 2016-2018, 2021-2022
12%
2143 Ryo Miyaichi 1992 22 MF, FW 2010-2011, 2014-2015
12%
388 Saïd Bakari 1994 138 DF, MF, FW 2019-2023
12%
3425 Sam Hutchinson 1989 1 DF, MF 2013-2014
12%
1057 Sam Lammers 1997 69 FW 2016-2020, 2023-2024
12%
309 Sam Larsson 1993 158 MF, FW 2014-2019
12%
89 Sander van de Streek 1993 237 MF, FW 2014-2015, 2017-2022
12%
401 Santiago Arias 1992 136 DF, MF 2013-2017
12%
1020 Scott Booth 1971 72 FW 2000-2002
12%
100 Sergio Padt 1990 228 GK 2014-2020
12%
770 Sergio Romero 1987 90 GK 2007-2010
12%
566 Shinji Ono 1979 112 MF 2001-2005
12%
786 Shota Arveladze 1973 89 FW 2000-2001, 2005-2006
12%
3423 Silas Andersen 2004 1 FW 2023-2024
12%
101 Simon Cziommer 1980 227 MF 2000-2008, 2012-2014
12%
355 Simon Gustafson 1995 146 MF, FW 2015-2021
12%
1696 Sontje Hansen 2002 34 FW 2019-2020, 2021-2022, 2023-2024
12%
2928 Søren Larsen 1981 6 FW 2010-2011
12%
2505 Stephan Andersen 1981 13 GK 2013-2014
12%
464 Sven Mijnans 2000 125 MF, FW 2019-2023
12%
1799 Tarik Elyounoussi 1988 31 MF, FW 2008-2010
12%
2963 Thijs Bouma 1992 6 DF 2015-2016
12%
2964 Thijs Dallinga 2000 6 DF, FW 2019-2020
12%
2120 Thomas Beelen 2001 23 DF, MF 2021-2022, 2023-2024
12%
2226 Thomas Holm 1981 20 DF, MF 2000-2002
12%
2597 Thom van Bergen 2004 12 DF, FW 2022-2023
12%
2725 Thorgan Hazard 1993 9 MF, FW 2022-2023
12%
35 Tim Breukers 1987 294 DF 2007-2020
12%
106 Timothy Derijck 1987 224 DF, MF 2005-2006, 2008-2015
12%
1124 Tobias Lauritsen 1997 65 FW 2022-2023
12%
319 Tomáš Galásek 1973 154 MF 2000-2005
12%
1917 Tommy St. Jago 2000 28 DF 2019-2023
12%
3373 Tom Overtoom 1990 2 MF 2015-2016
12%
2763 Tristan Gooijer 2004 9 DF, MF 2023-2024
12%
69 Urby Emanuelson 1986 250 DF, MF, FW 2004-2010, 2017-2020
12%
706 Václav Černý 1997 95 MF, FW 2015-2022
12%
1187 Vasilios Barkas 1994 61 GK 2022-2023
12%
1770 Victor Edvardsen 1996 32 FW 2023-2024
12%
132 Wilfred Bouma 1978 213 DF 2000-2005, 2010-2012
12%
301 Willie Overtoom 1986 159 MF 2008-2013
12%
3583 Wimilio Vink 1993 1 MF 2011-2012
12%
3585 Wouter de Vogel 1990 1 MF 2011-2012
12%
559 Xandro Schenk 1993 113 DF 2013-2014, 2016-2017, 2019-2020
12%
1899 Yoann Cathline 2002 28 DF, FW 2023-2024
12%
71 Youssouf Hersi 1982 248 MF 2000-2008, 2010-2011
12%
2670 Yu Hai 1987 10 DF, FW 2006-2007
12%
3069 Yuri Petrov 1974 5 FW 2000-2001, 2002-2003
12%
180 Yuri Rose 1979 194 MF 2004-2011
12%
1888 Yves De Winter 1987 28 GK 2011-2012, 2014-2015, 2016-2017
12%
1338 Zakaria Bakkali 1996 52 DF, MF, FW 2013-2014, 2022-2023
12%
945 Zdeněk Grygera 1980 78 DF 2003-2006
12%
781 Zian Flemming 1998 90 MF, FW 2018-2021
12%
1136 Abel Tamata 1990 64 DF 2010-2016
6%
376 Abubakari Yakubu 1981 140 MF 2000-2008
6%
22 Adil Auassar 1986 313 DF, MF, FW 2007-2008, 2009-2011, 2014-2017, 2019-2022
6%
617 Ahmed El Messaoudi 1995 105 MF, FW 2018-2022
6%
1624 Ahmed Musa 1992 37 MF, FW 2010-2011
6%
2656 Ahmetcan Kaplan 2003 11 DF 2022-2023
6%
2169 Aitor Cantalapiedra 1996 21 FW 2019-2020
6%
3269 Alain Van Mieghem 1982 3 MF 2002-2003
6%
516 Albert van der Haar 1975 118 DF 2002-2005
6%
1811 Alcides 1985 30 DF 2006-2007
6%
3316 Aleksandar Stankov 1991 2 FW 2009-2010
6%
1580 Alessio da Cruz 1997 40 MF, FW 2015-2016, 2020-2021, 2023-2024
6%
1575 Alexander Gerndt 1986 40 FW 2011-2012
6%
1261 Alexander Merkel 1992 57 MF 2018-2019
6%
1071 Alexei Koșelev 1993 68 GK 2018-2020
6%
948 Alex Schalk 1992 78 MF, FW 2010-2014
6%
128 Ali Boussaboun 1979 213 FW 2001-2006, 2008-2009, 2010-2011
6%
645 Ali Messaoud 1991 102 MF, FW 2012-2013, 2014-2015, 2016-2018
6%
2787 Allan Bak Jensen 1978 8 MF 2001-2002
6%
1765 Amadou Ciss 1999 32 MF, FW 2018-2019
6%
1344 Anass Achahbar 1994 52 MF, FW 2011-2012, 2014-2016
6%
1948 Anass Salah-Eddine 2002 27 DF, MF 2021-2023
6%
1070 Anastasios Douvikas 1999 68 FW 2021-2023
6%
2022 Anders Due 1982 25 MF 2006-2007
6%
1733 André Hanssen 1981 33 MF 2004-2006
6%
536 Andres Oper 1977 115 FW 2005-2009
6%
825 Andrzej Niedzielan 1979 87 FW 2003-2006
6%
834 Andy van der Meyde 1979 86 MF, FW 2000-2002
6%
1067 Angeliño 1997 68 DF 2017-2018
6%
2785 Angelo Martha 1982 8 DF 2005-2006, 2008-2009
6%
2438 Anis Hadj Moussa 2002 14 FW 2023-2024
6%
30 Anouar Hadouir 1982 303 MF, FW 2002-2010, 2012-2013, 2016-2018
6%
1785 Anselmo García MacNulty 2003 31 DF 2023-2024
6%
1653 Anthony Limbombe 1994 35 FW 2015-2016, 2023-2024
6%
2633 Antoni Milambo 2005 11 MF, FW 2021-2023
6%
804 Arber Zeneli 1995 88 MF, FW 2015-2018
6%
241 Ard van Peppen 1985 177 DF 2007-2008, 2011-2013, 2015-2017
6%
1661 Arjan Bosschaart 1971 35 MF 2002-2003
6%
1001 Arjan van der Laan 1969 73 MF 2000-2001, 2003-2004
6%
2742 Ar'jany Martha 2003 9 DF, FW 2021-2022, 2023-2024
6%
1806 Armando Broja 2001 30 FW 2020-2021
6%
904 Armando Obispo 1999 81 DF 2017-2023
6%
494 Arnaud Djoum 1989 121 MF 2008-2013
6%
2574 Arnaut Danjuma 1997 12 FW 2016-2017
6%
541 Arno Verschueren 1997 114 DF, MF 2017-2018, 2021-2023
6%
1630 Aron Jóhannsson 1990 58 MF, FW 2012-2014, 2012-2014
6%
3080 Aziz Behich 1990 4 DF 2018-2019
6%
616 Azubuike Oliseh 1978 106 DF, MF 2000-2004
6%
707 Barry Maguire 1989 95 DF, MF 2008-2012
6%
295 Barry van Galen 1970 160 MF 2000-2005
6%
1675 Bart Goor 1973 34 MF 2004-2005
6%
710 Bartholomew Ogbeche 1984 95 FW 2013-2017
6%
142 Bart van Hintum 1987 206 DF 2012-2015, 2017-2021, 2023-2024
6%
454 Bas Roorda 1973 127 GK 2000-2002, 2004-2006
6%
146 Bas Sibum 1982 205 MF 2003-2010, 2014-2015
6%
2464 Bas van den Brink 1982 14 DF 2003-2004
6%
19 Ben Rienstra 1990 317 DF, MF 2010-2022
6%
1389 Ben Sahar 1989 49 MF, FW 2008-2009, 2014-2015
6%
2329 Bernard Parker 1986 17 MF, FW 2009-2010
6%
599 Berry Powel 1980 107 FW 2004-2005, 2007-2009, 2013-2014
6%
1787 Bert Konterman 1971 31 DF, MF 2003-2004
6%
469 Bilal Başaçıkoğlu 1995 125 MF, FW 2013-2017, 2021-2022
6%
1130 Björn Vleminckx 1985 64 FW 2009-2010
6%
1002 Bobby Adekanye 1999 73 MF, FW 2020-2021, 2022-2023
6%
954 Bob Peeters 1974 77 FW 2000-2003
6%
1823 Bob Schepers 1992 30 MF, FW 2012-2014
6%
1400 Bogdan Lobonț 1978 49 GK 2000-2001, 2002-2004
6%
105 Boldizsár Bodor 1982 225 DF 2004-2010, 2013-2014
6%
2342 Borna Sosa 1998 16 DF 2023-2024
6%
1788 Boyd Lucassen 1998 31 DF, MF 2017-2018, 2021-2022
6%
1995 Boy Kemper 1999 26 DF 2019-2020
6%
717 Brahim Darri 1994 94 MF, FW 2011-2012, 2014-2017
6%
2406 Brayann Pereira 2003 15 DF 2023-2024
6%
3461 Brian Jacobs 1995 1 FW 2015-2016
6%
213 Brian Vandenbussche 1981 183 GK 2001-2002, 2004-2013
6%
892 Brian van Loo 1975 82 GK 2005-2012
6%
1705 Bruno Uvini 1991 33 DF 2015-2016
6%
1773 Bryan Limbombe 2001 31 MF, FW 2023-2024
6%
2466 Bryan Roy 1970 14 MF, FW 2000-2001
6%
927 Bryan Ruiz 1985 79 MF, FW 2009-2011, 2013-2014
6%
3206 Cain Seedorf 2000 3 DF, FW 2020-2021
6%
1289 Can Bozdogan 2001 55 MF 2022-2023
6%
1201 Carlens Arcus 1996 60 DF 2022-2023
6%
2065 Carlos Vinícius 1995 24 FW 2021-2022
6%
2610 Cedric Badjeck 1995 11 FW 2011-2016
6%
3321 Cees Keizer 1986 2 MF 2007-2008
6%
1223 Cees Paauwe 1977 59 GK 2002-2006, 2009-2010
6%
1706 Charles-Andréas Brym 1998 33 MF, FW 2022-2023
6%
3085 Charly Musonda Jr. 1996 4 MF 2018-2019
6%
3208 Chedric Seedorf 1983 3 MF 2000-2001
6%
1255 Chris Janssens 1969 57 DF, MF 2001-2002
6%
687 Christian Grindheim 1983 97 MF 2007-2010
6%
3294 Christian Rasmussen 2003 2 FW 2022-2023
6%
3417 Christy Bonevacia 1985 1 MF 2003-2004
6%
2840 Cian Harries 1997 8 DF 2019-2020
6%
744 Clint Leemans 1995 92 MF, FW 2014-2015, 2017-2020
6%
1139 Couhaib Driouech 2002 64 MF, FW 2020-2021, 2022-2023
6%
2178 Crysencio Summerville 2001 21 MF, FW 2019-2020
6%
62 Csaba Fehér 1975 255 DF, MF 2000-2010
6%
1149 Cyril Ngonge 2000 63 MF, FW 2019-2022
6%
1455 Daan Huisman 2002 46 MF, FW 2020-2023
6%
2148 Daan Rienstra 1992 22 MF 2014-2015, 2019-2020
6%
1304 Dalibor Stevanović 1984 55 MF 2008-2010
6%
2367 Damian van der Haar 2004 16 DF 2021-2022, 2023-2024
6%
1118 Damon Mirani 1996 65 DF, MF 2022-2023
6%
2497 Daniel Cruz 1981 13 MF 2000-2001
6%
968 Daniël de Ridder 1984 76 MF, FW 2003-2004, 2012-2014
6%
1487 Daniel Fernández Artola 1983 44 DF 2007-2009, 2011-2012
6%
634 Daniel Schwaab 1988 103 DF 2016-2019
6%
1802 Danilo Pereira 1991 31 DF, FW 2012-2013
6%
124 Danny Holla 1987 217 MF 2006-2013, 2016-2017
6%
242 Danny Mathijssen 1983 177 MF 2001-2008
6%
652 Danny Post 1989 101 DF, MF 2010-2011, 2017-2020, 2023-2024
6%
1096 Danny Verbeek 1990 66 MF, FW 2012-2014
6%
1045 Dario Vujičević 1990 69 MF 2008-2010, 2012-2016
6%
1941 Darius Johnson 2000 27 MF, FW 2022-2023
6%
186 Darryl Lachman 1989 191 DF 2009-2010, 2012-2019
6%
409 Daryl van Mieghem 1989 135 MF, FW 2011-2012, 2014-2016, 2018-2019, 2022-2023
6%
2567 Dauda Mohammed 1998 12 MF, FW 2018-2019
6%
1860 Dave Bus 1978 29 DF 2004-2005
6%
1492 Dave van der Meer 1973 44 DF 2000-2001
6%
2412 David Connolly 1977 15 FW 2000-2001
6%
830 David Jensen 1992 86 GK 2016-2019
6%
3611 David Johnson 1984 1 MF 2002-2003
6%
1654 David Meul 1981 35 GK 2012-2013, 2014-2015
6%
2444 Davino Verhulst 1987 14 GK 2010-2011
6%
2576 Dean James 2000 12 DF, FW 2022-2023
6%
1119 Delano Hill 1975 65 DF 2000-2001, 2006-2007
6%
2693 Delano van Crooy 1991 10 GK 2017-2020, 2022-2023
6%
1252 Denni Avdić 1988 58 MF, FW 2012-2014
6%
1327 Dennis Gerritsen 1971 53 FW 2000-2001
6%
2809 Dennis van der Ree 1979 8 DF 2000-2001
6%
2878 Dennis Vos 2001 7 DF 2021-2022
6%
3603 Dermane Karim 2003 1 MF 2021-2022
6%
862 Derrick Luckassen 1995 84 DF, MF 2014-2019, 2022-2023
6%
984 Deyovaisio Zeefuik 1998 75 DF 2016-2019
6%
441 Diego Biseswar 1988 129 MF, FW 2005-2011
6%
2107 Diego Jongen 1983 23 FW 2001-2002, 2004-2005
6%
1931 Diego Palacios 1999 27 DF 2018-2019
6%
1155 Dimitris Siovas 1988 63 DF 2021-2023
6%
538 Dirk Abels 1997 115 DF, MF 2019-2022
6%
2027 Dominic Solanke 1997 25 FW 2015-2016
6%
2831 Dorin Rotariu 1995 8 MF, FW 2018-2019
6%
3200 Dulee Johnson 1984 3 MF 2011-2012
6%
298 Dwight Tiendalli 1985 160 DF 2004-2011
6%
2467 Dylan George 1998 14 FW 2016-2017
6%
2623 Edgar Ié 1994 11 DF 2019-2020
6%
68 Édouard Duplan 1983 250 MF, FW 2007-2017
6%
176 Edson Braafheid 1983 194 DF 2003-2008, 2012-2013, 2016-2017
6%
1035 Elayis Tavsan 2001 70 MF, FW 2021-2023
6%
2357 Elia Soriano 1989 16 FW 2019-2020
6%
783 Emil Hansson 1998 90 MF, FW 2016-2017, 2019-2021, 2023-2024
6%
1098 Enzo Cornelisse 2003 66 DF, MF 2020-2023
6%
413 Eric Addo 1978 134 DF, MF 2000-2010
6%
46 Erik Falkenburg 1988 277 MF, FW 2009-2019
6%
711 Erik Nevland 1977 95 FW 2004-2007
6%
1494 Erik ten Hag 1970 44 DF, MF 2000-2001
6%
1243 Ernest Faber 1971 58 DF 2000-2003
6%
412 Esteban Alvarado 1989 134 GK 2010-2014
6%
922 Euzebiusz Smolarek 1981 80 MF, FW 2000-2001, 2003-2004, 2011-2012
6%
3214 Evert Brouwers 1990 3 FW 2010-2011
6%
3479 Ewald Koster 1985 1 DF 2006-2007
6%
1495 Fabian Sporkslede 1993 44 DF 2012-2013, 2014-2015, 2017-2019
6%
2512 Faysal El Idrissi 1977 13 MF 2000-2001
6%
646 Ferrie Bodde 1982 102 MF 2003-2006
6%
1036 Ferry de Haan 1972 70 DF 2000-2002
6%
935 Ferry de Regt 1988 79 DF 2007-2008, 2009-2011
6%
2638 Ferry van Vliet 1980 11 MF 2000-2001
6%
672 Filip Đuričić 1992 99 MF, FW 2009-2012
6%
1592 Filip Kostić 1992 39 DF, FW 2012-2013
6%
594 Filip Kurto 1991 108 GK 2012-2017
6%
1737 Filip Stankovic 2002 33 GK 2022-2023
6%
1626 Filip Stevanovic 2002 37 MF, FW 2021-2022, 2023-2024
6%
2258 Francisco Conceição 2002 19 MF, FW 2022-2023
6%
726 Francis Dickoh 1982 93 DF 2006-2009
6%
2748 Frank Broers 1977 9 DF 2000-2001
6%
76 Frank Demouge 1982 243 FW 2001-2004, 2007-2013
6%
2903 Frank Ross 1998 7 MF, FW 2021-2022
6%
367 Fred Benson 1984 143 FW 2004-2007, 2009-2010, 2012-2013
6%
1550 Fred Friday 1995 41 FW 2016-2018
6%
1672 Fredrik Aursnes 1995 35 MF 2021-2022
6%
1288 Fredrik Jensen 1997 55 MF, FW 2016-2017
6%
570 Garry De Graef 1974 111 DF 2000-2002, 2004-2005
6%
521 Gastón Pereiro 1995 118 MF, FW 2015-2019
6%
2537 Gatito Fernández 1988 13 GK 2011-2012
6%
1005 Geert Arend Roorda 1988 73 MF 2007-2012
6%
878 Género Zeefuik 1990 83 FW 2006-2007, 2010-2013
6%
1099 Geoffrey Castillion 1991 66 FW 2010-2013
6%
3218 Geoffrey Meye 1982 3 DF 2001-2002
6%
424 George Cox 1998 131 DF, MF 2019-2023
6%
3157 George Johnston 1998 4 DF 2019-2020
6%
2933 Georges Mikautadze 2000 6 MF, FW 2023-2024
6%
814 Georgios Samaras 1985 87 MF, FW 2002-2005
6%
864 Gerry Koning 1980 84 DF 2003-2004, 2008-2010
6%
2317 Gersom Klok 1990 17 DF 2018-2019
6%
958 Gianluca Nijholt 1990 77 MF 2007-2008, 2009-2010, 2017-2018
6%
2801 Gianluca Scamacca 1999 8 MF, FW 2018-2019
6%
273 Gibril Sankoh 1983 167 DF 2004-2009, 2015-2016
6%
602 Gijs Smal 1997 107 DF 2020-2023
6%
3034 Gino Bosz 1993 5 DF, MF 2014-2015, 2017-2018
6%
284 Gino Coutinho 1982 163 GK 2000-2001, 2003-2004, 2005-2006, 2009-2017
6%
2306 Giorgi Aburjania 1995 17 MF 2019-2020
6%
836 Giovanni Korte 1993 86 MF, FW 2012-2013, 2014-2015, 2017-2018
6%
578 Giovanni Troupée 1998 110 DF 2015-2021
6%
1620 Glenn Loovens 1983 37 DF 2001-2002, 2004-2005
6%
3392 Gor Agbaljan 1997 1 MF 2016-2017
6%
3485 Gregory Nelson 1988 1 MF, FW 2007-2008
6%
2751 Gregory Schaken 1989 9 MF, FW 2007-2008
6%
1772 Guilherme Afonso 1985 31 FW 2004-2005
6%
572 Guyon Fernandez 1986 111 FW 2010-2014, 2016-2017
6%
1862 Gyan de Regt 2002 29 MF, FW 2021-2023
6%
1573 Håkon Evjen 2000 40 MF, FW 2019-2022
6%
1621 Hamdi Akujobi 2000 37 DF, MF, FW 2019-2021, 2023-2024
6%
347 Hans van de Haar 1975 148 FW 2001-2006
6%
2901 Harmeet Singh 1990 7 MF 2012-2013
6%
2900 Haruna Babangida 1982 7 MF, FW 2010-2011
6%
674 Hatem Trabelsi 1977 99 DF 2001-2005
6%
760 Henk Vos 1968 91 FW 2000-2001, 2002-2003, 2005-2006
6%
1825 Henny Schilder 1984 30 DF 2008-2009
6%
109 Henrico Drost 1987 223 DF 2005-2009, 2011-2016, 2019-2020
6%
2931 Henrik Ojamaa 1991 6 FW 2016-2017
6%
1375 Hilal Ben Moussa 1992 50 MF 2012-2013, 2018-2020
6%
2181 Hobie Verhulst 1993 21 GK 2020-2023
6%
485 Hugo 1974 122 MF 2000-2004
6%
2353 Ibrahim Sadiq 2000 16 MF, FW 2023-2024
6%
747 Ilja van Leerdam 1978 92 MF 2001-2002, 2004-2005
6%
2318 Indy Groothuizen 1996 17 GK 2017-2018
6%
2247 Ingo van Weert 1994 19 DF, MF 2013-2014, 2019-2020
6%
713 Iñigo Córdoba 1997 94 MF, FW 2021-2023
6%
3186 Isaac Cuenca 1991 3 MF, FW 2012-2013
6%
3187 Ismael Urzaiz 1971 3 FW 2007-2008
6%
3443 Issam El Maach 2000 1 GK 2018-2019, 2021-2023
6%
1434 Ivor Pandur 2000 47 GK 2022-2023
6%
2135 Izzy Brown 1997 22 FW 2015-2016
6%
1160 Jack Tuyp 1983 63 FW 2003-2004, 2008-2009
6%
1114 Jacob Rasmussen 1997 65 DF 2020-2022
6%
1896 Jake Clarke-Salter 1997 28 DF 2018-2019
6%
1227 Jamal Amofa 1998 59 DF 2020-2021, 2022-2023
6%
1264 Jamie Jacobs 1997 57 MF 2018-2019, 2021-2022
6%
597 Janis Blaswich 1991 107 GK 2018-2021
6%
3037 Jan Lammers 1995 5 DF 2015-2016
6%
2580 Jari Schuurman 1997 12 MF, FW 2015-2016
6%
1091 Jason Davidson 1991 66 DF, MF 2011-2013, 2016-2017
6%
114 Jason Oost 1982 222 FW 2002-2008, 2011-2012
6%
1587 Javairô Dilrosun 1998 39 MF, FW 2022-2023
6%
3287 Javier Martina 1987 2 FW 2008-2009
6%
1393 Javier Vet 1993 49 MF, FW 2014-2015, 2018-2019, 2021-2022
6%
2948 Jayden Braaf 2002 6 MF, FW 2023-2024
6%
1566 Jayden Oosterwolde 2001 40 DF 2020-2021
6%
3038 Jaydon Amauri Banel 2004 5 MF, FW 2022-2023
6%
1323 Jay Idzes 2000 53 DF, MF 2021-2022
6%
584 Jean-Paul Boëtius 1994 109 MF, FW 2012-2014, 2017-2018
6%
1037 Jeffrey De Lange 1998 70 GK 2019-2023
6%
343 Jeffrey Gouweleeuw 1991 149 DF 2010-2015
6%
152 Jeffrey Leiwakabessy 1981 203 DF 2000-2005, 2011-2013, 2015-2016
6%
1331 Jeffrey Talan 1971 53 MF, FW 2000-2002
6%
3497 Jelle de Lange 1998 1 DF 2014-2015, 2016-2017
6%
3039 Jelle Duin 1999 5 FW 2020-2022
6%
38 Jelle ten Rouwelaar 1980 287 GK 2002-2003, 2007-2014
6%
2292 Jelle Van Damme 1983 17 DF, MF 2002-2003
6%
3498 Jenson Seelt 2003 1 DF 2021-2022
6%
1935 Jérémie Bréchet 1979 27 DF, MF 2008-2009
6%
619 Jeroen Drost 1987 105 DF 2004-2011
6%
1792 Jeroen Houwen 1996 31 GK 2014-2017, 2020-2023
6%
1625 Jerzy Dudek 1973 37 GK 2000-2001
6%
144 Jesper Drost 1993 206 MF, FW 2012-2020
6%
3008 Jesper Grønkjær 1977 5 MF, FW 2000-2001
6%
3500 Jesper Uneken 2004 1 FW 2023-2024
6%
3501 Jesse Schuurman 1998 1 MF 2017-2018
6%
3502 Jesse van de Haar 2005 1 FW 2022-2023
6%
1454 Jesús Corona 1993 46 DF, FW 2013-2015
6%
2688 Jhondly van der Meer 2002 10 DF 2021-2022
6%
2259 João Carlos Teixeira 1993 19 MF, FW 2020-2021
6%
829 Jody Lukoki 1992 86 MF, FW 2010-2014
6%
3154 Joel Castro Pereira 1996 4 GK 2021-2022
6%
1953 Joey Jacobs 2000 27 DF 2023-2024
6%
1828 Joey Konings 1998 30 MF, FW 2018-2019
6%
1043 Johan Elmander 1981 70 FW 2000-2003
6%
263 John Goossens 1988 169 MF, FW 2008-2013, 2018-2020
6%
2125 John Guidetti 1992 23 FW 2011-2012
6%
1368 John O'Brien 1977 51 DF, MF 2000-2005
6%
2111 John Verhoek 1989 23 FW 2011-2012
6%
1660 John Yeboah 2000 35 MF, FW 2019-2021
6%
1062 Jonathan Reis 1989 68 MF, FW 2007-2008, 2009-2013
6%
20 Joost Broerse 1979 317 DF, MF 2000-2007, 2011-2014
6%
1645 Jordy de Wijs 1995 36 DF 2014-2017
6%
130 Joris van Overeem 1994 213 MF, FW 2014-2021
6%
1774 Jorn Brondeel 1993 31 GK 2017-2018, 2019-2021
6%
1251 Joshua Kitolano 2001 58 MF 2022-2023
6%
2018 Josimar Lima 1989 25 DF 2009-2010, 2014-2015, 2018-2019
6%
372 Julian Jenner 1984 141 MF, FW 2003-2011
6%
509 Juriën Gaari 1993 119 DF 2019-2023
6%
3506 Kai Huisman 1995 1 FW 2017-2018
6%
865 Kaj Sierhuis 1998 84 FW 2017-2019, 2021-2022, 2023-2024
6%
305 Kamohelo Mokotjo 1991 159 MF 2010-2016
6%
980 Kasper Bøgelund 1980 75 DF 2000-2004
6%
3507 Kayne van Oevelen 2003 1 GK 2022-2023
6%
164 Kees Luijckx 1986 198 DF, MF 2006-2013
6%
2313 Keito Nakamura 2000 17 FW 2019-2020
6%
166 Kelvin Leerdam 1990 198 DF, MF 2008-2016, 2023-2024
6%
843 Ken Leemans 1983 105 DF, MF 2005-2007, 2009-2011
6%
1380 Kenneth Dougall 1993 49 DF, MF 2016-2017
6%
970 Kenzo Goudmijn 2001 76 MF, FW 2018-2023
6%
606 Kevin Conboy 1987 106 DF 2011-2013, 2015-2016
6%
2132 Kevin Vandenbergh 1983 22 FW 2007-2008, 2009-2010
6%
650 Kevin Vermeulen 1990 102 MF, FW 2014-2017, 2019-2020
6%
971 Khalid Boulahrouz 1981 76 DF 2001-2004, 2014-2015
6%
554 Khalid Sinouh 1975 113 GK 2000-2004, 2006-2007, 2009-2012
6%
3043 Ki-Jana Hoever 2002 5 DF 2022-2023
6%
2645 Kiki Musampa 1977 11 MF, FW 2007-2008
6%
488 Kingsley Ehizibue 1995 122 DF, MF, FW 2014-2018
6%
1179 Kjell Scherpen 2000 62 GK 2018-2020, 2022-2023
6%
1362 Kofi Mensah 1978 51 DF 2000-2003
6%
1272 Ko Itakura 1997 56 DF 2018-2020
6%
2508 Kostas Mitroglou 1988 13 MF, FW 2019-2020
6%
2034 Kristian Nökkvi Hlynsson 2004 25 MF, FW 2022-2023
6%
631 Kristoffer Nordfeldt 1989 104 GK 2011-2014
6%
345 Kristoffer Peterson 1994 149 MF, FW 2014-2019, 2023-2024
6%
2176 Kristopher Vida 1995 21 MF 2015-2016
6%
1271 Krisztián Vadócz 1985 56 MF 2007-2008, 2011-2012
6%
73 Kurt Elshot 1977 246 DF 2000-2009
6%
1085 Kyle Ebecilio 1994 67 MF 2013-2016, 2018-2019
6%
1474 Lars Hutten 1990 45 MF, FW 2010-2011, 2014-2015, 2018-2019
6%
669 Leeroy Owusu 1996 99 DF 2016-2017, 2018-2019, 2020-2021
6%
903 Lee Young-pyo 1977 81 DF 2002-2005
6%
253 Lennart Thy 1992 172 MF, FW 2017-2021, 2023-2024
6%
696 Leonard Nienhuis 1990 96 GK 2013-2015, 2017-2018
6%
271 Leonardo 1983 167 MF, FW 2000-2010
6%
964 Leonardo 1976 76 MF 2000-2003
6%
1489 Leon Guwara 1996 44 DF 2018-2020
6%
2543 Leo Sauer 2005 13 MF, FW 2023-2024
6%
1647 Lequincio Zeefuik 2004 36 MF, FW 2022-2023
6%
311 Leroy George 1987 157 MF, FW 2006-2012, 2020-2021
6%
1138 Lewis Baker 1995 64 MF 2015-2016
6%
2252 Liam van Gelderen 2001 19 DF, MF 2021-2022
6%
3078 Lisandro Magallán 1993 4 DF 2018-2019, 2021-2022
6%
1784 Llazaros Rota 1997 31 DF 2019-2021
6%
1092 Loïs Openda 2000 66 FW 2020-2021
6%
208 Lorenzo Burnet 1991 185 DF 2011-2019, 2022-2023
6%
1602 Lorenzo Ebecilio 1991 38 MF, FW 2010-2011
6%
2461 Lorenzo Lucca 2000 14 MF, FW 2022-2023
6%
1484 Loris Brogno 1992 44 FW 2016-2017
6%
3079 Lucas Ocampos 1994 4 FW 2022-2023
6%
2843 Lucas Pratto 1988 7 MF, FW 2020-2021
6%
493 Luciano 1980 121 GK 2008-2012
6%
264 Luciano Slagveer 1993 169 MF, FW 2012-2019
6%
2210 Luciano Valente 2003 20 MF 2020-2022
6%
1475 Ludovit Reis 2000 45 MF 2017-2018
6%
3412 Luis Manuel Orejuela 1995 1 DF 2017-2018
6%
1603 Luís Pedro 1990 38 MF, FW 2008-2009, 2011-2012
6%
3128 Luis Pedro 1992 4 DF 2011-2012
6%
977 Luke Wilkshire 1981 75 DF, FW 2006-2007, 2014-2015
6%
879 Luuk Brouwers 1998 83 MF 2021-2023
6%
1491 Maarten Paes 1998 44 GK 2016-2017, 2018-2021
6%
761 Maceo Rigters 1984 91 FW 2003-2006, 2010-2011
6%
2616 Mads Bech Sørensen 1999 11 DF 2022-2023
6%
1249 Maduka Okoye 1999 58 GK 2020-2021
6%
351 Maikel Kieftenbeld 1990 146 DF, MF 2010-2014, 2022-2023
6%
2100 Marcel Appiah 1988 23 DF, FW 2015-2016
6%
1162 Marcel Koning 1975 63 MF 2000-2004
6%
314 Marcel Meeuwis 1980 156 MF 2000-2001, 2006-2008, 2010-2012
6%
1363 Marco Tol 1998 51 DF 2021-2022
6%
2697 Marco van Hoogdalem 1972 10 DF 2003-2004
6%
1429 Marcus Allbäck 1973 48 FW 2000-2001
6%
1233 Marcus Pedersen 2000 59 DF 2021-2023
6%
1962 Marcus Pedersen 1990 27 FW 2010-2011, 2013-2014
6%
866 Marc van Hintum 1967 84 DF 2000-2001, 2003-2004
6%
153 Mark Looms 1981 203 DF 2005-2012
6%
362 Mark Luijpers 1970 144 DF 2000-2004
6%
1482 Marko Arnautović 1989 44 MF, FW 2006-2008
6%
81 Marko Vejinović 1990 240 MF 2008-2020, 2023-2024
6%
593 Markus Henriksen 1992 108 DF, MF 2012-2016
6%
2207 Markus Schubert 1998 20 GK 2021-2023
6%
739 Marlon Pereira 1987 92 DF, MF 2009-2010, 2013-2015
6%
1276 Mart Dijkstra 1990 56 DF, MF 2013-2014, 2016-2017
6%
194 Martijn Meerdink 1976 189 MF 2000-2008
6%
638 Martijn Reuser 1975 103 MF 2004-2006, 2008-2009
6%
1075 Martijn van der Laan 1988 68 DF 2007-2008, 2013-2016
6%
1869 Martijn van Galen 1970 29 FW 2000-2001
6%
276 Martin Pieckenhagen 1971 165 GK 2005-2009
6%
1298 Marvin Emnes 1988 55 MF, FW 2005-2007
6%
1777 Mateo Cassierra 1997 31 FW 2016-2018
6%
842 Mateusz Klich 1990 86 MF 2012-2013, 2016-2017
6%
1319 Mathias Kjølø 2001 54 MF 2020-2021, 2022-2023
6%
2458 Mathias Pogba 1990 14 FW 2016-2017
6%
2200 Mathias Ross 2001 20 DF 2023-2024
6%
1831 Mathieu Boots 1975 30 DF 2008-2009
6%
697 Mats Deijl 1997 96 DF, MF 2021-2023
6%
400 Matúš Bero 1995 137 MF, FW 2018-2022
6%
1740 Maurice Buys 1980 33 MF 2003-2004
6%
3352 Max de Boom 1996 2 FW 2014-2015, 2016-2017
6%
2448 Maxime Lestienne 1992 14 FW 2015-2016
6%
384 Melle Meulensteen 1999 139 DF, MF 2019-2023
6%
3605 Metehan Güçlü 1999 1 FW 2022-2023
6%
2422 Mexx Meerdink 2003 15 MF, FW 2021-2023
6%
1307 Michael Bradley 1987 55 DF, MF 2005-2007
6%
141 Michael Dingsdag 1982 207 DF, MF 2001-2009
6%
1137 Michael Krohn-Dehli 1983 64 MF, FW 2004-2007
6%
1751 Michael Zetterer 1995 32 GK 2019-2020
6%
2114 Michel Doesburg 1968 23 DF 2002-2003
6%
1465 Mido 1983 45 FW 2001-2002, 2010-2011
6%
1317 Miel Mans 1978 54 MF 2000-2003
6%
909 Mihai Neșu 1983 81 DF 2008-2010
6%
3436 Mike Owusu 1977 1 DF 2002-2003
6%
1956 Milan de Haan 2003 27 MF 2023-2024
6%
875 Milot Rashica 1996 83 FW 2015-2017
6%
3535 Mitchell van Rooijen 1998 1 MF 2019-2020
6%
2822 Mo Hamdaoui 1993 8 DF, MF, FW 2014-2015, 2016-2017, 2018-2019
6%
2660 Mohamed Amissi 2000 10 MF, FW 2019-2021
6%
660 Mohamed El Makrini 1987 100 MF 2013-2014, 2016-2017
6%
3053 Mohamed Mallahi 2000 5 DF, FW 2020-2021
6%
1395 Mohamed Sankoh 2003 49 FW 2022-2023
6%
1127 Mohammed Osman 1994 65 MF 2015-2019, 2021-2022
6%
867 Nacer Barazite 1990 84 MF, FW 2010-2011, 2014-2016
6%
2254 Naci Ünüvar 2003 19 MF, FW 2023-2024
6%
2167 Nathan Kabasele 1994 21 FW 2015-2016
6%
938 Nathan Rutjes 1983 79 MF 2005-2009, 2015-2017
6%
1718 Nathan Tjoe-A-On 2001 33 DF, FW 2022-2023
6%
3419 Nazjir Held 2005 1 DF 2023-2024
6%
1965 Nemanja Matić 1988 27 MF 2010-2011
6%
889 Nicklas Pedersen 1987 82 FW 2008-2011, 2018-2019
6%
261 Nick van der Velden 1981 170 MF, FW 2003-2004, 2006-2007, 2008-2015
6%
82 Nicky Hofs 1983 240 MF 2001-2009, 2011-2012
6%
402 Nicolas Isimat-Mirin 1991 136 DF 2014-2018, 2022-2023
6%
1403 Nigel Hasselbaink 1990 49 FW 2015-2016
6%
1388 Nikos Machlas 1973 49 MF, FW 2000-2001
6%
3244 Nils Rossen 2005 3 MF, FW 2021-2023
6%
3134 Noah Ohio 2003 4 MF, FW 2020-2021
6%
3135 Noël Goossens 1994 4 FW 2014-2015
6%
1873 Nordin Wooter 1976 29 MF, FW 2002-2003
6%
2240 Nouha Dicko 1992 19 FW 2019-2020
6%
1055 Ole Romeny 2000 69 MF, FW 2020-2023
6%
2620 Oliver Antman 2001 11 MF, FW 2022-2023
6%
2983 Omar Rekik 2001 6 DF, MF 2022-2023
6%
981 Orestis Kiomourtzoglou 1998 75 MF 2019-2021
6%
2957 Orlando Trustfull 1970 6 MF 2000-2001
6%
1747 Oscar Fraulo 2003 32 MF 2023-2024
6%
1406 Oscar Hiljemark 1992 49 MF 2012-2014
6%
457 Othman Boussaid 2000 126 MF, FW 2018-2023
6%
291 Oussama Idrissi 1996 161 MF, FW 2015-2020, 2022-2023
6%
654 Pablo Rosario 1997 101 DF, MF 2016-2020
6%
350 Pantelis Hatzidiakos 1997 146 DF 2015-2023
6%
3602 Pär Hansson 1986 1 GK 2015-2016
6%
67 Pascal Bosschaart 1980 251 DF, MF 2000-2006, 2008-2010
6%
1912 Patrick Gerritsen 1987 28 FW 2005-2006, 2008-2009
6%
116 Patrick Paauwe 1975 221 DF, MF 2000-2005, 2009-2010
6%
3544 Patrick ter Mate 1992 1 GK 2013-2014
6%
1366 Patrik Wålemark 2001 51 MF, FW 2021-2023
6%
380 Paul Bosvelt 1970 140 DF, MF 2000-2002, 2005-2006
6%
588 Paul de Lange 1981 109 MF 2003-2005, 2008-2009
6%
357 Paul Gladon 1992 145 MF, FW 2015-2023
6%
154 Paul Matthijs 1976 203 MF 2000-2008
6%
1379 Paulos Abraham 2002 50 MF, FW 2020-2022
6%
244 Paul Verhaegh 1983 177 DF 2004-2009, 2019-2020
6%
3188 Pedro 2000 3 FW 2021-2022
6%
274 Pele van Anholt 1991 166 DF, MF 2011-2016, 2018-2019
6%
1231 Peter Uneken 1972 59 DF 2001-2002, 2004-2005
6%
472 Peter van Ooijen 1992 124 MF, FW 2013-2019
6%
1748 Peter Vindahl Jensen 1998 32 GK 2021-2022
6%
1240 Petri Pasanen 1980 58 DF 2000-2003
6%
293 Petter Hansson 1976 161 DF 2002-2006
6%
3280 Philippe Léonard 1974 2 DF 2006-2007
6%
123 Piet Velthuizen 1986 218 GK 2006-2015, 2018-2019, 2020-2021
6%
3361 Pim Bouwman 1991 2 MF 2010-2011
6%
2863 Quenten Martinus 1991 7 MF 2010-2011
6%
2297 Quincy Hoeve 2003 17 MF, FW 2023-2024
6%
932 Ragnar Oratmangoen 1998 79 MF, FW 2021-2023
6%
547 Rajiv van La Parra 1991 114 MF, FW 2011-2013, 2023-2024
6%
3616 Ralf De Haan 1984 1 MF 2003-2004
6%
491 Ramiz Zerrouki 1998 121 MF 2019-2023
6%
159 Ramon Leeuwin 1987 201 DF, MF 2010-2020
6%
2201 Rasmus Kristensen 1997 20 DF 2017-2018
6%
2864 Rayvien Rosario 2004 7 DF, FW 2022-2023
6%
1210 Redouan El Yaakoubi 1996 60 DF, MF 2022-2023
6%
1502 Regi Blinker 1969 44 MF, FW 2000-2001
6%
2168 Reiss Nelson 1999 21 FW 2021-2022
6%
553 Rémi Amieux 1986 113 DF, MF 2010-2014
6%
486 Renato Ibarra 1991 122 MF, FW 2011-2015
6%
750 Renato Tapia 1995 92 DF, MF 2014-2019
6%
134 Resit Schuurman 1979 211 DF, MF 2001-2009
6%
2679 Richard Jensen 1996 10 DF 2015-2016, 2017-2018
6%
1247 Richard van der Venne 1992 58 MF 2019-2021
6%
155 Rick Hoogendorp 1975 203 FW 2000-2006, 2008-2009
6%
279 Rick Kruys 1985 164 MF 2003-2007, 2014-2015
6%
2592 Rick Verbeek 1988 12 MF, FW 2009-2011
6%
370 Rico Strieder 1992 141 DF, MF 2015-2021
6%
313 Ridgeciano Haps 1993 157 DF, MF, FW 2013-2021
6%
1797 Riga Mustapha 1981 31 MF, FW 2000-2002
6%
1486 Rihairo Meulens 1988 44 FW 2006-2007, 2009-2010, 2014-2015
6%
2004 Robbert de Vos 1996 26 MF, FW 2015-2016, 2018-2020
6%
64 Robbert Schilder 1986 255 DF, MF 2005-2015
6%
2699 Robert Klaasen 1993 10 MF 2018-2019
6%
1056 Robert Molenaar 1969 69 DF 2003-2005
6%
1851 Roberto González 2001 29 MF, FW 2023-2024
6%
756 Robin Gosens 1994 91 DF, MF, FW 2014-2016
6%
85 Robin Nelisse 1978 238 FW 2000-2007
6%
3061 Robin Roefs 2003 5 GK 2021-2023
6%
1458 Robin van der Meer 1995 46 DF 2014-2015, 2016-2018
6%
894 Rob Maas 1969 82 DF, MF 2005-2007
6%
48 Rob Penders 1975 274 DF 2000-2010
6%
478 Rochdi Achenteh 1988 123 DF, MF 2012-2016
6%
3140 Rodney Antwi 1995 4 FW 2014-2016
6%
828 Rodrigo Guth 2000 86 DF 2021-2023
6%
1334 Roel Brouwers 1981 53 DF 2002-2004, 2016-2017
6%
1743 Roland Lamah 1987 32 MF, FW 2007-2008
6%
1239 Roly Bonevacia 1991 58 MF 2010-2013
6%
1349 Roy Kortsmit 1992 52 GK 2016-2017
6%
160 Ruben Schaken 1982 199 MF, FW 2009-2016
6%
2268 Rui Mendes 1999 18 MF, FW 2022-2023
6%
592 Rutger Worm 1986 108 MF 2004-2009
6%
78 Rydell Poepon 1987 242 MF, FW 2006-2013, 2015-2016
6%
2701 Safouane Karim 2004 10 MF, FW 2023-2024
6%
1376 Sam Beukema 1998 50 DF 2021-2022
6%
218 Samuel Armenteros 1990 183 FW 2009-2014, 2016-2017, 2021-2022
6%
126 Sander Keller 1979 215 DF 2000-2001, 2002-2010
6%
65 Sander van Gessel 1976 253 DF 2000-2009
6%
1128 Sanharib Malki 1984 65 FW 2011-2012
6%
1878 Sebastian Szymański 1999 29 MF, FW 2022-2023
6%
1133 Sébastien Pocognoli 1987 64 DF, MF 2007-2009
6%
182 Sekou Cissé 1985 192 FW 2004-2013
6%
812 Shawn Adewoye 2000 87 DF 2020-2023
6%
2555 Shelton Martis 1982 12 DF 2002-2003
6%
508 Sheraldo Becker 1995 120 MF, FW 2014-2018
6%
2324 Sieb Dijkstra 1966 17 GK 2000-2001
6%
955 Siebe Horemans 1998 77 DF 2018-2019, 2022-2023
6%
2530 Silvano Vos 2005 13 MF 2022-2023
6%
2536 Sivert Mannsverk 2002 13 DF, MF 2023-2024
6%
145 Sjaak Polak 1976 206 DF 2000-2007
6%
3368 Sjoerd Ars 1984 2 FW 2015-2016
6%
558 Sjoerd Overgoor 1988 113 MF 2010-2011, 2013-2015
6%
3618 Sjors Hermsen 2007 1 FW 2023-2024
6%
1214 Slobodan Rajković 1989 60 DF 2007-2010
6%
729 Souffian El Karouani 2000 93 DF 2021-2023
6%
965 Stanislav Manolev 1985 76 DF, MF 2009-2012
6%
148 Stefaan Tanghe 1972 204 MF 2000-2006
6%
3275 Stefan Mauk 1995 2 MF 2016-2017
6%
2161 Stefano Denswil 1993 22 DF 2012-2014
6%
3022 Stefano Lilipaly 1990 5 MF 2011-2012
6%
749 Stefano Seedorf 1982 92 MF 2002-2006
6%
702 Stephan Keller 1979 96 DF 2005-2008
6%
2794 Stephen Sama 1993 8 DF 2018-2019
6%
741 Steve De Ridder 1987 92 MF, FW 2008-2009, 2010-2011, 2013-2014
6%
1477 Steve Goossen 1968 45 DF 2000-2001
6%
3180 Steven Pereira 1994 3 DF 2013-2014
6%
1076 Stijn van Gassel 1996 68 GK 2022-2023
6%
328 Stijn Vreven 1973 151 DF 2000-2002, 2004-2006
6%
2596 Sven Braken 1993 12 FW 2018-2019
6%
613 Sylla Sow 1996 106 MF, FW 2017-2018, 2019-2020, 2022-2023
6%
1553 Taylor Booth 2001 41 MF, FW 2022-2023
6%
640 Ted van de Pavert 1992 103 DF 2010-2011, 2015-2016, 2018-2019
6%
3303 Teemu Tainio 1979 2 MF 2010-2011
6%
168 Theo Lucius 1976 197 DF, MF 2000-2009
6%
3251 Thijmen Nijhuis 1998 3 GK 2015-2016, 2018-2023
6%
2119 Thijs Oosting 2000 23 DF, MF, FW 2020-2021
6%
2187 Thijs van Leeuwen 2001 21 FW 2020-2022
6%
914 Thomas Buffel 1981 80 MF, FW 2002-2004
6%
1411 Thomas Kristensen 1983 48 MF 2014-2015
6%
1712 Thomas Robinet 1996 33 MF, FW 2023-2024
6%
1572 Thomas Verhaar 1988 40 FW 2016-2017
6%
1761 Ties Evers 1991 32 DF 2010-2011
6%
2480 Tijani Babangida 1973 14 MF, FW 2001-2002
6%
1077 Tijjani Noslin 1999 68 MF, FW 2021-2023
6%
13 Tim Cornelisse 1978 335 DF 2000-2012, 2014-2015
6%
1639 Tim Hölscher 1995 36 MF, FW 2012-2016, 2019-2020
6%
3410 Timothée Atouba 1982 1 DF 2009-2010
6%
742 Tim Sparv 1987 92 MF 2009-2012
6%
354 Tjaronn Chery 1988 146 MF, FW 2008-2009, 2011-2014, 2023-2024
6%
1292 Tobias Pachonik 1995 55 DF 2019-2020
6%
2333 Tobias Sana 1989 17 MF, FW 2012-2013
6%
810 Tomáš Suslov 2002 88 MF, FW 2019-2022
6%
1086 Tom Boere 1992 67 FW 2017-2018, 2019-2020, 2021-2022
6%
58 Tom Caluwé 1978 260 MF 2000-2008
6%
185 Tom Hiariej 1988 192 DF, MF 2007-2016, 2019-2020
6%
651 Tommy Oar 1991 101 MF, FW 2010-2014
6%
2705 Tom Sier 1970 10 DF 2000-2001
6%
596 Tom Soetaers 1980 107 MF 2000-2003
6%
568 Tom van Weert 1990 112 FW 2014-2018
6%
3581 Trustin van 't Loo 2004 1 MF 2021-2022
6%
575 Tyronne Ebuehi 1995 111 DF 2014-2017, 2020-2021
6%
2600 Umar Sadiq 1997 12 FW 2017-2018
6%
1526 Uroš Matić 1990 42 MF 2013-2014
6%
2260 Uroš Spajić 1993 19 DF 2020-2021
6%
2982 Valmir Berisha 1996 6 FW 2015-2016
6%
1523 Victor Jensen 2000 42 MF, FW 2020-2023
6%
1370 Victor Pálsson 1991 50 DF, MF 2012-2013
6%
2764 Vincent Schippers 2001 9 DF, MF, FW 2020-2021
6%
465 Virgilio Teixeira 1973 125 DF 2000-2006, 2008-2009
6%
605 Virgil Misidjan 1993 107 MF, FW 2012-2013, 2020-2022
6%
238 Vito van Crooy 1996 178 MF, FW 2017-2023
6%
272 Vito Wormgoor 1988 167 DF 2008-2009, 2010-2015
6%
2834 Vladimir Stojković 1983 8 GK 2006-2007
6%
1063 Wamberto 1974 68 MF, FW 2000-2003
6%
442 Warner Hahn 1992 129 GK 2014-2019, 2021-2022
6%
162 Wesley Verhoek 1986 199 MF, FW 2004-2006, 2008-2014
6%
475 Wilfried Kanon 1993 123 DF 2013-2019
6%
1582 Will Johnson 1987 39 MF, FW 2006-2007
6%
2121 Wouter Goes 2004 23 DF 2022-2023
6%
2197 Xander Blomme 2002 20 MF 2022-2023
6%
1213 Xavier Mous 1995 60 GK 2019-2022
6%
1195 Yanick van Osch 1997 61 GK 2016-2022
6%
1937 Yankuba Minteh 2004 27 FW 2023-2024
6%
290 Yannis Anastasiou 1973 161 FW 2000-2006
6%
1989 Yaw Yeboah 1997 26 MF, FW 2016-2017
6%
3191 Yaya Sanogo 1993 3 FW 2015-2016
6%
422 Yevhen Levchenko 1978 132 MF 2002-2003, 2005-2008, 2010-2011
6%
265 Younes Namli 1994 168 DF, MF, FW 2014-2018, 2021-2023
6%
302 Youness Mokhtar 1991 159 MF, FW 2012-2014, 2016-2017, 2020-2021
6%
2212 Younes Taha El Idrissi 2002 20 MF, FW 2023-2024
6%
86 Youssef El Akchaoui 1981 237 DF, MF 2003-2012
6%
77 Yuri Cornelisse 1975 243 FW 2000-2006, 2008-2009
6%
2803 Yvandro Borges Sanches 2004 8 MF, FW 2023-2024
6%
1552 Yvon Mvogo 1994 41 GK 2020-2021
6%
1971 Zach Booth 2004 27 MF, FW 2023-2024
6%
673 Željko Petrović 1965 99 DF, MF 2000-2003
6%
2311 Zidane Iqbal 2003 17 DF, MF 2023-2024
6%
3318 Aaron Bastiaans 2002 2 FW 2018-2020
0%
2103 Abass Issah 1998 23 MF, FW 2019-2020
0%
3445 Abdallah Aberkane 2000 1 DF 2019-2020
0%
2241 Abdelhali Chaiat 1983 19 FW 2002-2003
0%
2211 Abdelkarim Kissi 1980 20 MF 2005-2006
0%
1755 Abdelkrim El Hadrioui 1972 32 DF 2000-2001
0%
2513 Abdel Malek El Hasnaoui 1994 13 MF 2015-2016
0%
730 Abdenasser El Khayati 1989 93 MF 2016-2018, 2020-2021
0%
2682 Abdenego Nankishi 2002 10 FW 2023-2024
0%
3163 Abdeslam Assouiki 1981 4 MF 2001-2002
0%
1203 Abdou Harroui 1998 60 MF 2017-2018, 2019-2021
0%
2286 Abdülhamit Yıldız 1987 18 DF, MF 2008-2009
0%
1798 Abdul Jeleel Ajagun 1993 31 MF 2016-2017
0%
2980 Abgar Barsom 1977 6 MF 2002-2003
0%
1918 Abiola Dauda 1988 28 FW 2014-2016
0%
3446 Achille Vaarnold 1996 1 FW 2015-2016
0%
2214 Achraf Douiri 1999 20 DF, FW 2022-2023
0%
2363 Achraf El Bouchataoui 2000 16 MF 2019-2021
0%
3447 Achraf Madi 2002 1 DF 2021-2022
0%
2547 Adam Farouk 1985 13 DF 2004-2005
0%
2875 Ádám Hrepka 1987 7 FW 2007-2008
0%
2717 Adam Nemec 1985 10 FW 2015-2016
0%
1407 Adam Sarota 1988 48 MF 2010-2014
0%
3608 Adem Yaran 1985 1 DF 2005-2006
0%
151 Adil Ramzi 1977 203 MF, FW 2000-2006, 2011-2012
0%
2857 Adi Nalic 1997 7 MF, FW 2023-2024
0%
1994 Adnan Alisic 1984 26 MF 2007-2008, 2010-2011, 2014-2015
0%
1562 Adnan Barakat 1982 40 MF, FW 2002-2004
0%
714 Adnane Tighadouini 1992 94 MF, FW 2010-2011, 2013-2014, 2016-2017
0%
3401 Adnan Sečerović 1991 1 MF 2009-2010
0%
2913 Adnan Ugur 2001 6 DF, MF 2019-2021
0%
947 Adrián Dalmau 1994 78 MF, FW 2018-2021
0%
1938 Adrian Fein 1999 27 MF 2020-2021, 2022-2023
0%
2441 Adrian Grbić 1996 14 MF, FW 2021-2022
0%
3263 Adrian Mazilu 2005 3 FW 2023-2024
0%
1585 Adrian Szöke 1998 39 MF, FW 2019-2021
0%
3448 Age Hains Boersma 1982 1 FW 2006-2007
0%
3202 Agil Etemadi 1987 3 GK 2018-2019, 2023-2024
0%
2910 Agim Zeka 1998 6 MF, FW 2018-2019
0%
2510 Ahmad Mendes Moreira 1995 13 MF, FW 2018-2019
0%
1204 Ahmed Ahahaoui 1983 60 FW 2009-2010
0%
462 Ahmed Ammi 1981 125 DF 2007-2012
0%
3386 Ahmed Kasmi 1979 2 MF 2000-2001
0%
2435 Ahmed Kutucu 2000 15 MF, FW 2020-2021
0%
1198 Ahmed Touba 1998 60 DF 2020-2021
0%
2981 Aimar Sher 2002 6 MF, FW 2022-2023
0%
898 Ajdin Hrustic 1996 81 MF, FW 2016-2020, 2023-2024
0%
1822 Akram Roumani 1978 30 DF 2005-2006
0%
2858 Alair Cruz Vicente 1981 7 DF 2002-2003
0%
3427 Albert Lottin 2001 1 MF 2022-2023
0%
2348 Albert Luque 1978 16 MF, FW 2007-2008
0%
3273 Alberto Acosta 1966 2 FW 2001-2002, 2003-2004
0%
755 Alberto Saavedra 1981 91 DF 2003-2006
0%
976 Albert Rusnák 1994 76 MF, FW 2014-2016
0%
2690 Albert van der Sleen 1963 10 GK 2000-2001
0%
2189 Albert Yobo 1979 21 DF 2003-2004
0%
2337 Alec Van Hoorenbeeck 1998 16 DF 2023-2024
0%
2770 Aleksandar Bjelica 1994 9 DF, MF 2013-2014, 2019-2020
0%
3444 Aleksandar Boljević 1995 1 MF, FW 2014-2015
0%
2631 Aleksandar Damčevski 1992 11 DF 2014-2015
0%
925 Aleksandar Radosavljević 1979 80 DF, MF 2010-2012
0%
2265 Aleksandar Railić 1979 18 MF 2003-2004
0%
326 Aleksandar Ranković 1978 152 DF, MF 2002-2006, 2008-2010
0%
3261 Aleksander Kłak 1970 3 GK 2004-2005
0%
1767 Aleksander Šeliga 1980 32 GK 2009-2010
0%
3095 Aleksei Kangaskolkka 1988 4 FW 2013-2014
0%
1410 Alen Halilović 1996 48 MF, FW 2019-2020, 2023-2024
0%
2290 Alessandro Ciranni 1996 17 DF 2018-2019
0%
1617 Alessandro Damen 1990 37 GK 2014-2015, 2016-2018, 2021-2022
0%
3313 Alessandro Tripaldelli 1999 2 DF, MF 2018-2019
0%
1527 Alexander Bannink 1990 42 MF, FW 2010-2011, 2015-2016, 2018-2019
0%
2606 Alexander Christovão 1993 11 FW 2012-2013
0%
2771 Alexander Jeremejeff 1993 9 FW 2020-2021
0%
2792 Alexander Laukart 1998 8 MF 2017-2018, 2019-2020
0%
1738 Alexander Östlund 1978 33 DF 2004-2005
0%
1903 Alexander Prent 1983 28 MF 2004-2005, 2007-2008
0%
1605 Alexander Sørloth 1995 38 DF, FW 2015-2016
0%
2307 Alexander Voigt 1978 17 DF 2005-2006
0%
2661 Alexandre Di Gregorio 1980 10 MF 2009-2010
0%
1280 Alex Bangura 1999 56 DF 2021-2022
0%
2303 Àlex Carbonell 1997 17 MF 2019-2020
0%
1671 Alex Emenike 1989 35 DF 2009-2011
0%
2844 Alex Gersbach 1997 7 DF, MF 2018-2019
0%
3382 Alex Mortensen 2002 2 FW 2021-2022
0%
2603 Alex Timossi Andersson 2001 12 MF, FW 2022-2023
0%
2514 Alfons Groenendijk 1964 13 MF 2000-2001
0%
1641 Alfons Sampsted 1998 36 DF 2022-2023
0%
308 Alfred Schreuder 1972 158 MF 2000-2008
0%
1923 Ali Akman 2002 28 FW 2021-2022
0%
3449 Ali Benomar 1988 1 MF 2008-2009
0%
356 Ali Elkhattabi 1977 145 FW 2000-2005
0%
3101 Aliou Badara Baldé 2002 4 FW 2020-2021
0%
206 Alje Schut 1981 186 DF 2000-2004, 2006-2011
0%
1022 Alois Oroz 2000 71 DF, MF 2020-2023
0%
2099 Álvaro Peña 1991 23 MF 2023-2024
0%
2449 Amar Ćatić 1999 14 MF, FW 2018-2020
0%
2433 Amin Affane 1994 15 MF 2012-2013
0%
1853 Amine Boutrah 2000 29 FW 2023-2024
0%
1768 Amin Sarr 2001 32 FW 2021-2022
0%
2364 Amir Absalem 1997 16 DF 2017-2019
0%
3450 Amir Ismaïl 2004 1 FW 2022-2023
0%
3105 Amourrichio Van Axel Dongen 2004 4 FW 2021-2022, 2023-2024
0%
2309 Anargyros Kampetsis 1999 17 MF, FW 2021-2022
0%
1900 Anas Ouahim 1997 28 MF, FW 2021-2022, 2023-2024
0%
3021 Anastasios Donis 1996 5 MF, FW 2020-2021
0%
2769 Anatoli Gerk 1984 9 MF, FW 2005-2006
0%
2615 Anders Dreyer 1998 11 MF, FW 2019-2020
0%
1436 Anders Nielsen 1972 47 FW 2000-2001
0%
1281 Andraž Kirm 1984 56 MF, FW 2012-2013
0%
2780 Andréa Fileccia 1991 8 FW 2010-2011
0%
1113 Andreas Bjelland 1988 65 DF, MF 2012-2014
0%
2601 Andreas Calcan 1994 12 MF, FW 2016-2017
0%
2544 Andreas Landgren 1989 13 DF, MF 2010-2011
0%
1369 Andreas Lasnik 1983 50 MF 2010-2012
0%
1508 Andreas Ludwig 1990 43 MF 2015-2016
0%
2208 Andreas Samaris 1989 20 DF, MF 2021-2022
0%
1205 André de Ridder 1974 60 MF 2002-2003
0%
2029 André Fomitschow 1990 25 DF 2016-2017
0%
2713 Andrei Ratiu 1998 10 MF, FW 2020-2021
0%
2860 Andrej Lukić 1994 7 DF 2018-2019
0%
2432 Andrej Rendla 1990 15 MF, FW 2007-2008, 2009-2011
0%
2106 André Karnebeek 1971 23 DF 2000-2001
0%
2711 André Vidigal 1998 10 FW 2018-2019
0%
1933 Andrew Driver 1987 27 MF 2015-2016
0%
3409 Andrew Ornoch 1985 1 MF, FW 2009-2010
0%
2627 Andri Fannar Baldursson 2002 11 MF 2022-2023
0%
2498 Andrija Balić 1997 13 MF 2018-2019
0%
1882 Andrija Novakovich 1996 29 FW 2018-2019
0%
1358 Anduele Pryor 1985 51 MF, FW 2006-2008
0%
1895 Andy Edwards 1971 28 DF 2000-2001
0%
2781 Andy Kawaya 1996 8 FW 2015-2016
0%
3416 Angelo Cijntje 1980 1 DF 2013-2014
0%
3023 Anmar Almubaraki 1991 5 MF, FW 2010-2011
0%
545 Anouar Diba 1983 114 MF, FW 2002-2006, 2010-2011
0%
2146 Anouar El Azzouzi 2001 22 MF 2023-2024
0%
323 Anouar Kali 1991 153 MF, FW 2010-2018
0%
3414 Ante Ćorić 1997 1 MF 2020-2021
0%
2174 Anthony Annan 1986 21 MF 2011-2012
0%
3451 Anthony Bentem 1990 1 DF 2009-2010
0%
2691 Anthony Biekman 1994 10 FW 2014-2015
0%
2551 Anthony Descotte 2003 12 MF, FW 2022-2023
0%
3161 Anthony Fontana 1999 4 MF, FW 2023-2024
0%
1469 Anthony Musaba 2000 45 MF, FW 2021-2022
0%
665 Anthony Obodai 1982 99 MF 2003-2006, 2009-2010
0%
3430 Anthony Syhre 1995 1 DF 2018-2019
0%
2128 Antoine Colassin 2001 22 MF, FW 2022-2023
0%
3270 Antoine Conde 1982 3 FW 2000-2001
0%
157 Antoine van der Linden 1976 201 DF 2003-2006, 2009-2011
0%
2439 Antonio Correia 1983 14 FW 2002-2003
0%
2941 Antonio Satriano 2003 6 FW 2023-2024
0%
3285 Anton Jongsma 1983 2 MF 2002-2003, 2009-2010
0%
1940 Apostolos Vellios 1992 27 MF, FW 2023-2024
0%
1554 Aras Özbiliz 1990 40 MF, FW 2010-2011, 2018-2019
0%
3274 Archie Thompson 1978 2 MF, FW 2005-2006
0%
835 Arco Jochemsen 1971 86 MF 2000-2003
0%
3403 Arghus 1988 1 DF 2016-2017
0%
1262 Arianit Ferati 1997 57 DF, MF 2021-2023
0%
2876 Arian Kastrati 2001 7 MF, FW 2020-2021
0%
2355 Ariel Harush 1988 16 GK 2019-2020
0%
2416 Arijanet Muric 1998 15 GK 2018-2019, 2020-2021
0%
2877 Arjan Bisseling 1979 7 MF 2000-2001
0%
3452 Arjan Christianen 1982 1 GK 2012-2013
0%
666 Arjan Ebbinge 1974 99 DF 2000-2005
0%
2365 Arjan Human 1978 16 FW 2000-2001
0%
3453 Arjan van der Kaaij 1983 1 GK 2004-2005
0%
3028 Arjan Wisse 1985 5 MF 2003-2004
0%
3106 Arjen Hagenauw 1994 4 FW 2013-2014
0%
1598 Arjen van der Heide 2001 38 MF, FW 2018-2021
0%
221 Arkadiusz Radomski 1977 182 MF 2000-2004, 2008-2009
0%
3096 Armel Bella Kotchap 2001 4 DF 2023-2024
0%
1509 Arnar Viðarsson 1978 43 MF 2005-2007
0%
3428 Arnaud Luzayadio 1999 1 FW 2022-2023
0%
2215 Arno Doomernik 1970 20 MF 2000-2001
0%
2774 Arnold Nijkamp 1973 9 GK 2000-2001
0%
2033 Arnór Smárason 1988 25 MF, FW 2007-2009
0%
3271 Arno Schaap 1974 3 MF 2000-2001
0%
1858 Arno Splinter 1977 29 MF 2000-2002
0%
1904 Arno van Zwam 1969 28 GK 2003-2006
0%
3311 Áron Dobos 2000 2 MF 2018-2019
0%
3441 Aron Gunnarsson 1989 1 DF, MF 2007-2008
0%
2270 Arsenio Valpoort 1992 18 MF, FW 2011-2012
0%
3166 Arshak Koryan 1995 3 FW 2016-2017
0%
1438 Arthur Zagre 2001 47 DF, FW 2021-2023
0%
2515 Aschraf El Mahdioui 1996 13 MF 2016-2017
0%
1837 Aslak Witry 1996 30 DF 2021-2022
0%
2383 Asumah Abubakar 1997 16 MF, FW 2015-2017
0%
2793 Atakan Akkaynak 1999 8 MF 2018-2019
0%
3384 Atilla Yıldırım 1990 2 FW 2010-2011
0%
2800 Augustin Anello 2002 8 MF, FW 2023-2024
0%
3454 Augustin Drakpe 2001 1 DF 2021-2022
0%
1263 Aurélien Joachim 1986 57 FW 2012-2013
0%
3167 Aventis Aventisian 2002 3 DF, MF 2021-2023
0%
2870 Axel Borgmann 1994 7 DF 2018-2019
0%
3304 Axel Guessand 2004 2 DF 2023-2024
0%
2091 Aykut Demir 1988 24 DF, MF 2005-2007
0%
1372 Ayman Azhil 2001 50 MF 2020-2021
0%
1117 Azor Matusiwa 1998 65 MF 2017-2021
0%
3017 Azzeddine Toufiqui 1999 5 MF, FW 2022-2023
0%
2105 Bakary Diakité 1980 23 FW 2000-2001
0%
3312 Balázs Rabóczki 1978 2 GK 2007-2008
0%
1857 Balázs Tóth 1981 29 MF 2010-2011
0%
2147 Barry Ditewig 1977 22 GK 2001-2002, 2009-2010
0%
3319 Barry Lauwers 1999 2 GK 2022-2023
0%
318 Bart Biemans 1988 154 DF 2008-2013, 2015-2016
0%
2129 Bart Buysse 1986 22 DF 2010-2011, 2015-2016
0%
3596 Bartek Pacuszka 1990 1 DF 2008-2009
0%
1095 Bart Latuheru 1965 66 MF 2000-2001
0%
680 Bart Nieuwkoop 1996 98 DF, MF 2015-2020, 2023-2024
0%
2055 Bartosz Białek 2001 25 FW 2022-2023
0%
580 Bart Schenkeveld 1991 110 DF 2009-2010, 2011-2016
0%
1470 Bart Straalman 1996 45 DF 2015-2016, 2018-2019
0%
2575 Bart van Brakel 1987 12 MF 2007-2008, 2013-2014
0%
534 Bart Van Den Eede 1977 115 FW 2001-2005
0%
2393 Bas Peijs 1977 16 MF 2001-2002
0%
1708 Bassala Sambou 1997 33 FW 2019-2021
0%
3203 Bas Smulders 1985 3 MF 2004-2005
0%
3431 Bastian Weiser 1990 1 MF 2009-2010
0%
3204 Bas van Loon 1990 3 DF 2009-2010
0%
1116 Ben Aissa Ben Amar 1997 65 DF, MF 2020-2023
0%
2914 Beni Badibanga 1996 6 FW 2016-2017
0%
2683 Benjamin Baltes 1984 10 MF 2010-2011
0%
1237 Benjamin De Ceulaer 1983 58 MF, FW 2005-2006, 2009-2010
0%
2934 Benjamin Kirsten 1987 6 GK 2015-2016
0%
1481 Benjamin Nygren 2001 45 MF, FW 2020-2021
0%
3455 Benjamin van Wanrooy 1990 1 DF 2008-2009
0%
1618 Benny Kerstens 1983 37 DF 2003-2005
0%
2805 Ben Scholte 2001 8 DF, MF 2020-2021, 2022-2023
0%
2491 Benson Manuel 1997 13 MF, FW 2020-2021
0%
1599 Bernard Hofstede 1980 38 MF 2005-2006, 2008-2009
0%
1801 Bernardo Vasconcelos 1979 31 FW 2003-2004
0%
1679 Bernard Tchoutang 1976 34 FW 2000-2001
0%
2366 Berthil ter Avest 1970 16 MF 2002-2003
0%
1720 Bert Zuurman 1973 33 FW 2002-2003
0%
816 Bilal Ould-Chikh 1997 87 MF, FW 2014-2015, 2017-2018, 2019-2020, 2022-2023
0%
1859 Billy Maximiano 1974 29 MF 2000-2001
0%
3205 Billy van Duijl 2005 3 DF 2022-2023
0%
724 Birger Maertens 1980 93 DF 2008-2010
0%
542 Björn Daelemans 1977 114 FW 2002-2007
0%
1058 Bjørn Johnsen 1991 69 FW 2017-2019, 2022-2023
0%
2092 Björn Sengier 1979 23 GK 2006-2007
0%
414 Björn van der Doelen 1976 133 MF 2000-2005
0%
3456 Björn Vlasbom 1990 1 MF 2009-2010
0%
2998 Boban Lazić 1994 5 MF, FW 2015-2016
0%
3457 Bob Verweij 1986 1 DF 2007-2008
0%
3320 Bodi Brusselers 1998 2 MF 2017-2018
0%
1586 Bogdan Milić 1987 39 FW 2008-2009
0%
3174 Boris Rasevic 1995 3 MF 2013-2014, 2015-2016
0%
3181 Bo Storm 1987 3 MF 2006-2007
0%
2418 Boudewijn Pahlplatz 1971 15 FW 2000-2001
0%
2634 Boy Deul 1987 11 MF, FW 2008-2009
0%
1528 Bram Marbus 1972 42 FW 2000-2001
0%
2806 Bram van Driel 2005 8 MF 2023-2024
0%
430 Brandley Kuwas 1992 130 MF, FW 2015-2018
0%
3459 Brandon Robinson 1995 1 MF 2014-2015
0%
1336 Branislav Niňaj 1994 53 DF 2018-2020
0%
2465 Brayton Biekman 1978 14 FW 2004-2005
0%
740 Brett Emerton 1979 92 DF, MF 2000-2002
0%
3460 Brett Minnema 2002 1 GK 2021-2022
0%
1704 Brian De Keersmaecker 2000 33 MF 2023-2024
0%
689 Brian Pinas 1978 96 MF 2002-2004, 2006-2007
0%
2419 Brian Tevreden 1981 15 DF, FW 2003-2004
0%
1433 Bruno Andrade 1989 47 MF, FW 2014-2016
0%
2284 Bruno Basto 1978 18 DF 2004-2005
0%
3413 Bruno Varela 1994 1 GK 2018-2019
0%
2611 Brutil Hosé 1979 11 FW 2000-2001
0%
690 Bryan Smeets 1992 96 MF, FW 2015-2016, 2019-2021
0%
3084 Bryan Verboom 1992 4 DF 2016-2017
0%
3604 Çağrı Kodalak 1991 1 MF 2009-2010
0%
794 Calvin Mac-Intosch 1989 89 DF 2014-2015, 2018-2019, 2021-2022
0%
1529 Calvin Twigt 2003 42 MF 2022-2023
0%
1996 Camiel Neghli 2001 26 FW 2023-2024
0%
618 Caner Cavlan 1992 105 DF, MF 2011-2012, 2015-2016, 2018-2019, 2020-2021
0%
3462 Caner Demircioglu 2002 1 FW 2023-2024
0%
2720 Carel Bartele 1974 10 MF 2003-2004
0%
3286 Carlito Fermina 2000 2 FW 2018-2019
0%
2743 Carlo de Reuver 1995 9 FW 2014-2015, 2016-2017
0%
3207 Carlo l'Ami 1966 3 GK 2002-2003
0%
1721 Carlos Fortes 1974 33 FW 2000-2001
0%
1050 Carlos van Wanrooy 1967 69 DF 2000-2003
0%
1905 Cas Odenthal 2000 28 DF 2021-2022
0%
2692 Casper Staring 2001 10 DF, MF 2020-2022
0%
1839 Casper Widell 2003 30 DF 2023-2024
0%
3598 Cătălin Țîră 1994 1 FW 2013-2014
0%
2316 Cayfano Latupeirissa 1991 17 MF 2010-2011
0%
1507 Cecílio Lopes 1979 43 FW 2002-2003, 2006-2007, 2008-2009
0%
2744 Cees Toet 1987 9 DF 2007-2008
0%
3169 Célestin Djim 1995 3 FW 2016-2017
0%
701 Celso Ortiz 1989 96 MF 2009-2015
0%
1003 Cerezo Fung a Wing 1983 73 DF 2003-2008
0%
3609 Chakib Zbayri 1984 1 FW 2003-2004
0%
2635 Chardi Landu 2000 11 MF, FW 2019-2020, 2021-2022
0%
1158 Charles Dissels 1984 63 MF, FW 2003-2004, 2007-2009
0%
2719 Charles Kazlauskas 1982 10 DF 2004-2005
0%
2929 Charlie Colkett 1996 6 MF 2017-2018
0%
1722 Charlie van den Ouweland 1981 33 MF 2004-2005
0%
2506 Charlie Webster 2004 13 MF, FW 2023-2024
0%
500 Charlison Benschop 1989 120 FW 2009-2011, 2018-2019, 2021-2022
0%
664 Charlton Vicento 1991 99 MF, FW 2009-2012, 2014-2015
0%
855 Cheick Tioté 1986 84 MF 2007-2010
0%
3463 Cheick Touré 2001 1 FW 2017-2018
0%
415 Ché Nunnely 1999 133 MF, FW 2019-2023
0%
2054 Chidera Ejuke 1998 25 MF, FW 2019-2020
0%
1413 Chinedu Ede 1987 48 MF, FW 2015-2016
0%
2443 Chiró N'Toko 1988 14 DF 2010-2011, 2017-2018
0%
3600 Chovanie Amatkarijo 1999 1 FW 2016-2017
0%
943 Chris De Witte 1978 78 FW 2000-2004
0%
2400 Chris Eagles 1985 15 MF 2006-2007
0%
1742 Chris Lokesa 2004 32 MF, FW 2022-2023
0%
1987 Christian Atsu 1992 26 MF, FW 2013-2014
0%
3306 Christian Conteh 1999 2 MF, FW 2020-2021
0%
1560 Christian Dorda 1988 40 DF 2012-2013
0%
982 Christian Gyan 1978 75 DF 2000-2006
0%
1206 Christian Supusepa 1989 60 DF 2010-2013
0%
1462 Christophe Grégoire 1980 45 MF 2007-2009
0%
3277 Christophe Kinet 1974 2 MF 2005-2006
0%
2663 Christophe Lepoint 1984 10 DF, MF 2004-2005
0%
2971 Christopher Kanu 1979 6 DF 2000-2001
0%
2745 Christopher Mamengi 2001 9 DF, FW 2018-2019, 2020-2021, 2022-2023
0%
1856 Christoph Hemlein 1990 29 MF, FW 2013-2014
0%
2735 Christos Donis 1994 9 MF 2020-2021
0%
2686 Christos Tzolis 2002 10 FW 2022-2023
0%
957 Chris van der Weerden 1972 77 DF 2000-2003
0%
2845 Chris Van Geem 1971 7 DF 2001-2002
0%
3464 Cihan Yalcin 1984 1 DF 2002-2003
0%
3029 Cihat Çelik 1996 5 MF 2013-2014, 2015-2016
0%
1976 Cisse Sandra 2003 26 MF 2023-2024
0%
339 Civard Sprockel 1983 150 DF 2001-2002, 2006-2010
0%
963 Claudemir de Souza 1988 76 MF 2007-2009
0%
2299 Cláudio 1979 17 FW 2000-2001
0%
2080 Claus Boekweg 1966 24 DF 2001-2002
0%
1619 Clint Essers 1997 37 DF 2018-2020
0%
2287 Cole Bassett 2001 18 DF, MF, FW 2021-2022
0%
2124 Colin Cramb 1974 23 FW 2001-2002
0%
1608 Colin Kazim-Richards 1986 38 MF, FW 2014-2015
0%
3465 Colin van Mourik 1985 1 DF 2006-2007
0%
2036 Cor Varkevisser 1982 25 GK 2002-2003, 2007-2009
0%
2230 Cory Gibbs 1980 20 DF 2004-2005
0%
1431 Craig Goodwin 1991 47 MF, FW 2016-2017
0%
2067 Cristián Cuevas 1995 24 DF 2017-2018
0%
214 Cristiano 1981 183 FW 2000-2007
0%
1428 Csaba Horváth 1982 48 DF 2008-2009
0%
736 Cyriel Dessers 1994 93 FW 2017-2019, 2021-2022
0%
3305 Cyril Chevreuil 1990 2 FW 2016-2017
0%
3467 Daan Bisschops 2005 1 FW 2023-2024
0%
681 Daan Bovenberg 1988 98 DF 2007-2008, 2010-2015
0%
3468 Daan Disveld 1994 1 DF 2013-2014
0%
2746 Daan Klomp 1998 9 DF 2017-2018
0%
2808 Daan van Dinter 1989 8 DF 2007-2009
0%
1471 Daishawn Redan 2001 45 MF, FW 2019-2020, 2021-2022
0%
1651 Daleho Irandust 1998 36 MF, FW 2021-2022
0%
3158 Dalibor Volaš 1987 4 FW 2017-2018
0%
1906 Damiano Schet 1990 28 MF, FW 2013-2014
0%
934 Damian van Bruggen 1996 79 DF, MF 2015-2019, 2023-2024
0%
745 Damiën Hertog 1974 92 MF 2000-2001, 2002-2004
0%
456 Damil Dankerlui 1996 127 DF, MF, FW 2017-2022
0%
3209 Dammyano Grootfaam 1991 3 FW 2011-2012
0%
3081 Daniel Arzani 1999 4 MF, FW 2020-2021
0%
1551 Daniel Berg Hestad 1975 41 MF 2003-2004
0%
989 Daniel Crowley 1997 74 MF, FW 2016-2018, 2021-2022
0%
1676 Daniel Guijo-Velasco 1984 34 MF 2006-2007
0%
1047 Daniel Høegh 1991 69 DF 2017-2019
0%
2008 Daniel Karlsbakk 2003 26 MF, FW 2022-2023
0%
3610 Daniel Koegler 1981 1 FW 2003-2004
0%
1405 Daniel Majstorović 1977 49 DF 2004-2005
0%
1064 Daniël Rijaard 1976 68 DF 2003-2006
0%
758 Daniël van Kaam 2000 91 DF, MF, FW 2018-2022
0%
601 Danilho Doekhi 1998 107 DF 2015-2016, 2018-2021
0%
2431 Danilo Pantić 1996 15 MF, FW 2015-2016
0%
1452 Dani Schahin 1989 46 FW 2016-2017
0%
2356 Dan Mori 1988 16 DF 2012-2014
0%
1326 Danny Guijt 1981 53 MF 2004-2005, 2012-2013
0%
317 Danny Hesp 1969 155 DF 2000-2004
0%
746 Danny Hoesen 1991 92 FW 2012-2016, 2022-2023
0%
3210 Danny Menting 1990 3 MF 2009-2010
0%
625 Danny Schenkel 1978 104 DF 2005-2009
0%
3469 Danny Stassar 1997 1 DF 2016-2017
0%
3030 Danny van den Meiracker 1989 5 FW 2012-2013
0%
2037 Danny Wintjens 1983 25 GK 2007-2008, 2012-2013
0%
3470 Dano Lourens 2004 1 MF 2022-2023
0%
1677 Dante Rigo 1998 34 MF 2016-2020
0%
3179 Daouda Weidmann 2003 3 DF, MF 2023-2024
0%
1365 Darije Kalezić 1969 51 DF 2000-2001, 2004-2005
0%
2237 Dario Del Fabro 1995 19 DF 2020-2021
0%
752 Dario Đumić 1992 91 DF 2015-2017, 2020-2021
0%
3184 Darío Serra 2003 3 FW 2022-2023
0%
3031 Dario Tanda 1995 5 MF 2013-2014, 2015-2016
0%
2019 Darko Bodul 1989 25 FW 2008-2009
0%
2999 Darley Ramon Torres 1989 5 GK 2009-2010
0%
3107 Darren Rosheuvel 1994 4 DF, MF 2014-2016
0%
1702 Darryl Roberts 1983 34 FW 2006-2007
0%
1564 Daryl Werker 1994 40 DF 2015-2017
0%
626 Dave Bulthuis 1990 104 DF 2010-2013, 2017-2018
0%
1081 Dave Zafarin 1978 67 MF 2000-2002
0%
2911 David Abdul 1989 6 FW 2008-2009
0%
2501 David Boysen 1991 13 MF, FW 2016-2017
0%
2608 David Carney 1983 11 DF, MF 2009-2010
0%
1488 David Di Tommaso 1979 44 DF 2004-2005
0%
1699 David Møller Wolfe 2002 34 DF 2023-2024
0%
887 David Nascimento 1966 82 DF 2000-2002
0%
2408 David Philipp 2000 15 MF, FW 2020-2021
0%
1559 David Sambissa 1996 40 DF, MF, FW 2017-2018, 2021-2022
0%
2612 David Střihavka 1983 11 FW 2010-2011
0%
1166 David Texeira 1991 63 FW 2011-2013
0%
1408 Davy De Beule 1981 48 MF 2011-2013
0%
156 Davy De fauw 1981 201 DF 2001-2002, 2005-2010
0%
1381 Davy Schollen 1978 49 GK 2004-2005
0%
1173 Dean Huiberts 2000 62 MF, FW 2019-2021, 2023-2024
0%
2517 Dean Koolhof 1994 13 MF, FW 2015-2016
0%
2992 Dedryck Boyata 1990 5 DF 2012-2013
0%
3471 Dehninio Muringen 1999 1 DF 2018-2019
0%
3387 Deivison Canigia 1979 2 FW 2002-2003
0%
1536 Dejan Čurović 1968 42 FW 2000-2002
0%
826 Dejan Govedarica 1969 87 MF 2000-2003
0%
2715 Dejan Meleg 1994 10 MF 2014-2015
0%
923 Dejan Stefanović 1974 80 DF 2000-2002
0%
2012 Dejan Trajkovski 1992 26 DF, FW 2016-2017
0%
924 Delano Burgzorg 1998 80 MF, FW 2018-2021
0%
3108 Delano Ladan 2000 4 FW 2017-2018, 2021-2022
0%
1019 Dele Adeleye 1988 72 DF 2006-2009
0%
1140 Denilho Cleonise 2001 64 MF, FW 2021-2023
0%
2362 Denis Calincov 1985 16 MF, FW 2004-2005
0%
2658 Denis Genreau 1999 10 MF, FW 2018-2019
0%
3290 Denis Granečný 1998 2 DF, FW 2020-2021
0%
2387 Denis Halilović 1986 16 DF 2010-2011
0%
2035 Denis Mahmudov 1989 25 MF, FW 2013-2014, 2018-2019
0%
1215 Deniz Turuc 1993 60 MF, FW 2013-2014
0%
2502 Denni Conteh 1975 13 MF, FW 2001-2002
0%
969 Dennis de Nooijer 1969 76 FW 2000-2003
0%
1790 Dennis den Turk 1969 31 DF 2000-2001
0%
2565 Dennis Eckert 1997 12 MF, FW 2018-2019
0%
1689 Dennis Hulshoff 1970 34 DF 2000-2001
0%
1590 Dennis Johnsen 1998 39 MF, FW 2016-2019
0%
2243 Dennis Krijgsman 1972 19 FW 2000-2001
0%
3472 Dennis Krohne 1988 1 FW 2008-2009
0%
708 Dennis Schulp 1978 95 FW 2000-2002, 2004-2005
0%
1082 Dennis Telgenkamp 1987 67 GK 2009-2010, 2011-2012, 2013-2014, 2018-2020
0%
2368 Denso Kasius 2002 16 DF 2023-2024
0%
1305 Denys Oliynyk 1987 55 MF, FW 2014-2015
0%
2451 Denzel Slager 1993 14 FW 2012-2013
0%
1723 Derensili Fernandes 2001 33 MF, FW 2022-2023
0%
2271 Deron Payne 2002 18 DF 2022-2023
0%
1170 Derrick Köhn 1999 62 DF 2020-2021
0%
2130 Derrick Tshimanga 1988 22 DF 2016-2017
0%
2060 Desevio Payne 1995 25 DF 2014-2020
0%
2738 Destan Bajselmani 1999 9 DF, MF 2018-2020
0%
2519 Dick Kooijman 1972 13 MF 2004-2005
0%
691 Dico Koppers 1992 96 DF, MF 2011-2018
0%
3260 Didier La Torre 2002 3 MF, FW 2020-2021
0%
956 Didier Martel 1971 77 MF, FW 2000-2003
0%
2879 Didi Longuet 1981 7 DF 2004-2005
0%
3473 Diederik Bangma 1990 1 GK 2009-2010
0%
3474 Diego Snepvangers 1998 1 MF, FW 2017-2018
0%
2495 Diego Tardelli 1985 13 MF, FW 2006-2007
0%
3109 Diego van Oorschot 2005 4 MF, FW 2023-2024
0%
1131 Dieter Van Tornhout 1985 64 FW 2005-2009
0%
2939 Dimitrios Emmanouilidis 2000 6 MF, FW 2020-2021
0%
3020 Dimitrios Ferfelis 1993 5 FW 2014-2015
0%
3307 Dimitrios Ioannidis 2000 2 MF 2018-2019
0%
3196 Dimitris Kolovos 1993 3 MF, FW 2018-2019
0%
1715 Dimitris Limnios 1998 33 FW 2021-2022
0%
2632 Dino Islamović 1994 11 FW 2014-2015
0%
1735 Diogo Viana 1990 33 DF, MF 2009-2010
0%
1949 Dion Esajas 1980 27 FW 2003-2004
0%
239 Dion Malone 1989 178 DF, MF 2012-2016, 2018-2019
0%
2944 Dirk Jan Derksen 1972 6 FW 2005-2006
0%
3212 Divaio Jhaïr-Bobson 2004 3 DF, FW 2023-2024
0%
2733 Divine Naah 1996 9 MF 2014-2015
0%
223 Django Warmerdam 1995 181 DF, MF, FW 2016-2023
0%
2081 Djavan Anderson 1995 24 DF, MF 2014-2015, 2021-2022
0%
3032 Djenahro Nunumete 2002 5 DF 2021-2023
0%
1378 Djevencio van der Kust 2001 50 DF 2021-2023
0%
2868 Djibril Dianessy 1996 7 DF, FW 2018-2019, 2020-2021
0%
2127 Djordje Mihailovic 1998 23 MF, FW 2022-2023
0%
377 Dmitri Shoukov 1975 140 MF 2000-2005
0%
1969 Doğan Erdoğan 1996 27 DF, MF 2022-2023
0%
2163 Dogucan Haspolat 2000 22 MF 2016-2018
0%
296 Doke Schmidt 1992 160 DF 2011-2014, 2016-2018, 2021-2022
0%
1110 Dominggus Lim-Duan 1983 66 MF 2002-2003
0%
3291 Dominik Mašek 1995 2 MF 2015-2016
0%
986 Dominique Kivuvu 1987 74 MF 2006-2009
0%
1687 Donis Avdijaj 1996 34 MF, FW 2017-2018, 2020-2021
0%
3475 Donovan Deekman 1988 1 FW 2008-2009
0%
3395 Donovan Maury 1981 1 DF 2002-2003
0%
1189 Donovan Slijngard 1987 61 DF 2006-2007, 2008-2009, 2014-2015
0%
3018 Dorian Dervite 1988 5 DF 2018-2019
0%
3073 Dragan Jelić 1986 5 FW 2010-2011
0%
2205 Dragan Paljić 1983 20 DF, FW 2012-2014
0%
897 Dragoslav Jevrić 1974 82 GK 2001-2004
0%
1224 Dries Boussatta 1972 59 MF, FW 2000-2002
0%
727 Dries Saddiki 1996 93 MF, FW 2018-2021
0%
2196 Dylan Seys 1996 20 MF, FW 2016-2017, 2019-2020
0%
3476 Dylan van Wageningen 2003 1 FW 2022-2023
0%
1543 Dylan Vente 1999 41 MF, FW 2016-2020
0%
996 Earnie Stewart 1969 74 MF, FW 2000-2002
0%
3259 Easah Suliman 1998 3 DF, FW 2018-2019
0%
1466 Ebrima Ebou Sillah 1980 45 MF, FW 2002-2003, 2005-2006
0%
1520 Eddy Bosnar 1980 42 DF 2006-2007
0%
1004 Eddy Putter 1982 73 MF, FW 2001-2004, 2006-2007
0%
2722 Edgar Manucharyan 1987 9 MF, FW 2005-2006
0%
2010 Edgar Marcelino 1984 26 MF 2005-2006
0%
3110 Edinho Pattinama 1989 4 FW 2008-2009
0%
564 Edrissa Sonko 1980 112 MF, FW 2000-2006
0%
1963 Eduardo Carvalho 1982 27 GK 2018-2019
0%
1640 Edwin Gyasi 1991 36 MF, FW 2011-2015
0%
667 Edwin Hermans 1974 99 DF 2000-2002, 2006-2007
0%
791 Edwin van Bueren 1980 89 MF 2005-2009
0%
3111 Eelco Horsten 1989 4 DF 2010-2011
0%
2810 Egbert Darwinkel 1965 8 GK 2000-2002
0%
1690 Ekrem Kahya 1978 34 MF 2007-2008
0%
876 Elbekay Bouchiba 1978 83 MF 2000-2001, 2004-2007
0%
693 Eldridge Rojer 1984 96 MF, FW 2002-2007
0%
3377 Elias Hoff Melkersen 2002 2 FW 2022-2023
0%
2104 Elías Már Ómarsson 1995 23 FW 2018-2019
0%
2166 Elias Sierra 2001 21 MF, FW 2020-2021
0%
3082 Eli Babalj 1992 4 FW 2014-2015
0%
1026 Eli Dasa 1992 71 DF, MF 2019-2021
0%
3033 Elikia Mbinga 2001 5 MF, FW 2021-2022
0%
391 Ellery Cairo 1978 138 MF, FW 2000-2002, 2008-2010
0%
1493 Elmo Lieftink 1994 44 MF 2015-2018
0%
2946 Elroy Pappot 1993 6 MF 2012-2013
0%
2859 Elso Brito 1994 7 DF, MF 2014-2016
0%
1885 Elton Kabangu 1998 28 MF, FW 2019-2020, 2021-2022
0%
2410 Elvis Hammond 1980 15 FW 2004-2005
0%
1027 Elvis Manu 1993 71 MF, FW 2011-2012, 2013-2016, 2022-2023
0%
1662 Emanuel Emegha 2003 35 MF, FW 2020-2021
0%
2503 Emil Berggreen 1993 13 FW 2019-2020
0%
1769 Emil Bergström 1993 32 DF 2018-2021
0%
844 Émile Mbamba 1982 85 FW 2000-2003
0%
2836 Emil Johansson 1986 8 DF 2011-2012
0%
3182 Emil Riis Jakobsen 1998 3 FW 2017-2018
0%
1519 Emir Bajrami 1988 43 MF, FW 2010-2011
0%
743 Emmanuel Boakye 1985 92 DF, MF 2005-2009
0%
2846 Emmanuel Matuta 2002 7 MF, FW 2021-2022
0%
2599 Emmanuel Nwakire 1978 12 DF 2000-2001
0%
3097 Enis Bunjaki 1997 4 FW 2016-2017
0%
3378 Enrico Dueñas 2001 2 MF, FW 2020-2021
0%
3093 Enric Vallès 1990 4 MF 2008-2009
0%
2694 Enzio Boldewijn 1992 10 DF, FW 2011-2012
0%
3435 Eric Atuahene 1984 1 DF 2003-2004
0%
1074 Eric Hellemons 1971 68 DF 2000-2001, 2002-2004
0%
715 Erick Gutiérrez 1995 94 DF, MF 2018-2022
0%
1638 Eric Oelschlägel 1995 36 GK 2020-2022
0%
2636 Eric Redeker 1968 11 DF 2000-2001
0%
1392 Eric van der Luer 1965 49 MF 2000-2001
0%
2179 Eric Viscaal 1968 21 FW 2000-2001
0%
2420 Erik Cummins 1988 15 GK 2011-2012, 2014-2015, 2016-2017
0%
2637 Erik de Kruijk 1985 11 DF 2003-2004
0%
1691 Erik Heijblok 1977 34 GK 2008-2009
0%
2332 Erik Israelsson 1989 17 MF, FW 2016-2017
0%
2288 Erik Palmer-Brown 1997 18 DF 2018-2019
0%
2811 Erik Quekel 1987 8 FW 2015-2016
0%
2232 Erixon Danso 1989 19 MF, FW 2008-2010, 2014-2015
0%
2145 Ernestas Šetkus 1985 22 GK 2016-2017
0%
2040 Ernest Poku 2004 25 MF, FW 2021-2022, 2023-2024
0%
3477 Eros Maddy 2001 1 FW 2019-2020, 2021-2022
0%
1614 Erton Fejzullahu 1988 37 FW 2009-2010
0%
2272 Erwin Friebel 1983 18 GK 2004-2005
0%
2664 Erwin Lemmens 1976 10 GK 2006-2007
0%
2244 Erwin van de Looi 1972 19 DF 2000-2001
0%
2984 Erwin van der Woerdt 1976 6 DF 2000-2001
0%
2389 Esad Razić 1982 16 MF 2001-2002, 2003-2004
0%
3383 Etienne Amenyido 1998 2 MF, FW 2017-2018
0%
1756 Etiënne Esajas 1984 32 MF 2005-2006
0%
3388 Etienne Olf 1982 2 FW 2001-2002
0%
299 Etiënne Reijnen 1987 160 DF 2011-2017, 2019-2020
0%
447 Etienne Shew-Atjon 1974 128 DF 2000-2008
0%
3074 Etien Velikonja 1988 5 FW 2017-2018
0%
2021 Everon Pisas 1994 25 MF, FW 2014-2015
0%
3112 Evren Korkmaz 1997 4 DF, FW 2017-2018
0%
3389 Ezechiel Fiemawhle 2004 2 MF, FW 2023-2024
0%
2721 Ezequiel Bullaude 2000 9 MF, FW 2022-2023
0%
1359 Fabian de Freitas 1972 51 FW 2001-2002, 2003-2004
0%
2369 Fabian de Keijzer 2000 16 GK 2019-2023
0%
3393 Fabian Gmeiner 1997 1 DF 2016-2017
0%
2245 Fabian Peppinck 1978 19 DF 2001-2003
0%
1950 Fabian Serrarens 1991 27 MF, FW 2018-2019
0%
2493 Fabio Caracciolo 1984 13 FW 2008-2009
0%
3175 Fagner 1989 3 DF 2007-2008
0%
2180 Fahd Aktaou 1993 21 DF 2014-2015
0%
3088 Faiz Mattoir 2000 4 MF, FW 2023-2024
0%
1983 Fankaty Dabo 1995 26 DF 2017-2018
0%
1000 Faouzi El Brazi 1977 73 DF, MF 2000-2002
0%
1972 Farshad Noor 1994 26 MF, FW 2015-2016
0%
589 Fatih Sonkaya 1981 109 DF 2000-2003, 2007-2008
0%
2942 Federico Mattiello 1995 6 DF, MF 2022-2023
0%
772 Felipe Gutiérrez 1990 90 MF 2012-2015
0%
2500 Felitciano Zschusschen 1992 13 MF 2012-2014
0%
2835 Felix Mambimbi 2001 8 MF, FW 2022-2023
0%
2030 Felix Passlack 1998 25 DF, MF 2019-2020
0%
2935 Felix Wiedwald 1990 6 GK 2020-2021
0%
2747 Ferdi Elmas 1985 9 MF 2004-2005
0%
1970 Ferdi Kadioglu 1999 27 MF, FW 2016-2017
0%
2216 Ferdi Vierklau 1973 20 DF 2000-2001
0%
1544 Ferdy Druijf 1998 41 DF, MF, FW 2017-2020, 2023-2024
0%
3113 Ferhat Görgülü 1991 4 DF 2019-2020
0%
2274 Fernando Derveld 1976 18 DF 2005-2006
0%
784 Fernando Lewis 1993 89 DF, FW 2011-2012, 2013-2019
0%
2766 Fernando Pacheco Rivas 1999 9 MF, FW 2022-2023
0%
3185 Fernando Quesada 1994 3 MF 2013-2014
0%
877 Ferne Snoyl 1985 83 DF 2003-2007, 2009-2010
0%
2652 Filip Bednarek 1992 11 GK 2014-2015, 2018-2019
0%
3593 Filip Delaveris 2000 1 MF 2020-2021
0%
2300 Filip Krastev 2001 17 MF 2021-2022, 2023-2024
0%
2330 Filip Lukšík 1985 17 DF 2011-2012
0%
2542 Filip Ugrinic 1999 13 MF, FW 2019-2020
0%
524 Finn Stokkers 1996 117 MF, FW 2016-2017, 2018-2019, 2020-2023
0%
3215 Flip Klomp 2001 3 MF 2022-2023
0%
2659 Florian Grillitsch 1995 10 DF, MF 2022-2023
0%
2138 Florian Krüger 1999 22 MF, FW 2022-2023
0%
2621 Florian Pinteaux 1992 11 DF 2016-2017
0%
2108 Floris Smand 2003 23 DF 2022-2023
0%
3114 Fodé Fofana 2002 4 FW 2021-2023
0%
991 Fouad Idabdelhay 1988 74 FW 2007-2010
0%
2195 Fouad Makhout 1985 21 FW 2004-2005
0%
2291 Francesco Antonucci 1999 17 MF, FW 2021-2022
0%
2768 Francisco Reis Ferreira 1997 9 DF 2022-2023
0%
3424 Francisco Reyes 2006 1 DF 2023-2024
0%
1939 Franck Grandel 1978 27 GK 2005-2007
0%
3429 Franck-Yves Bambock 1995 1 MF 2017-2018
0%
1174 Frank Kooiman 1970 62 GK 2000-2002
0%
2149 Frank Olijve 1989 22 MF 2008-2009, 2012-2013, 2018-2019
0%
3178 Frank Sturing 1997 3 DF 2016-2017
0%
3327 Frank van der Zwan 1988 2 FW 2009-2010
0%
1565 Frank van Kouwen 1980 40 DF, MF 2007-2008, 2009-2010
0%
332 Frank van Mosselveld 1984 151 DF 2003-2006, 2009-2010, 2011-2013
0%
1968 František Kubík 1989 27 MF, FW 2010-2011
0%
3216 Freddy Quispel 2000 3 MF, FW 2018-2019
0%
1880 Frederic Ananou 1997 29 DF 2016-2017
0%
1893 Frederik Holst 1994 28 DF 2017-2018
0%
1159 Fred Grim 1965 63 GK 2000-2001
0%
3594 Fredrik André Bjørkan 1998 1 DF 2022-2023
0%
1576 Fredrik Berglund 1979 40 MF, FW 2001-2003
0%
1919 Fredrik Oppegard 2002 28 DF 2020-2023
0%
520 Fredrik Stenman 1983 118 DF 2007-2010
0%
1741 Fredy 1990 32 MF, FW 2016-2017
0%
333 Freek Heerkens 1989 151 DF, MF 2014-2021
0%
2109 Frits Paap 1986 23 DF 2005-2006
0%
1402 Fritz Emeran 1976 49 DF, MF 2000-2001
0%
2880 Furhgill Zeldenrust 1989 7 MF, FW 2012-2013
0%
2521 Furkan Alakmak 1991 13 MF, FW 2011-2012
0%
2654 Fyodor Smolov 1990 11 MF, FW 2010-2011
0%
3481 Gabi Caschili 2003 1 MF 2019-2020, 2021-2022
0%
1467 Gábor Horváth 1985 45 DF 2010-2012
0%
2073 Gábor Torma 1976 24 FW 2000-2001, 2003-2004
0%
2020 Gabriel Vidovic 2003 25 MF, FW 2022-2023
0%
1951 Gaby Jallo 1989 27 DF 2009-2012
0%
1680 Gaël Kakuta 1991 34 MF, FW 2012-2013
0%
1944 Gaetano Oristanio 2002 27 MF, FW 2022-2023
0%
2394 Garang Kuol 2004 15 MF, FW 2023-2024
0%
1232 Garba Lawal 1974 59 MF 2000-2001
0%
2989 Gastón Ávila 2001 5 DF 2023-2024
0%
3328 Gaultiér Overman 2000 2 DF, MF 2021-2022
0%
3217 Gavin Vlijter 1997 3 MF, FW 2018-2019
0%
282 Geert den Ouden 1976 163 FW 2002-2003, 2004-2008
0%
514 Geert De Vlieger 1971 118 GK 2000-2003
0%
1456 Genaro Snijders 1989 46 MF 2008-2010, 2012-2013
0%
2812 Geoffrey Prommayon 1971 8 DF 2000-2001
0%
2847 Geoffry Hairemans 1991 7 MF, FW 2010-2011
0%
3011 George Dobson 1997 5 MF 2017-2018
0%
1652 George Mourad 1982 36 FW 2007-2009
0%
1504 George Ogăraru 1980 44 DF 2006-2007
0%
2360 Georgy Zhukov 1994 16 MF 2015-2016
0%
2749 Gerard Aafjes 1985 9 DF 2012-2013
0%
863 Gérard de Nooijer 1969 84 DF 2000-2003
0%
2723 Gérard Lifondja 1989 9 MF 2009-2010
0%
1025 Gerrit Nauber 1992 71 DF 2021-2023
0%
2936 Gerrit Pressel 1990 6 DF 2010-2011
0%
360 Ger Senden 1971 144 DF 2000-2007
0%
2919 Gérson Magrão 1985 6 MF 2004-2005
0%
1083 Gerson Sheotahul 1987 67 FW 2008-2010
0%
978 Gert Claessens 1972 75 DF, MF 2000-2003
0%
2947 Gertjan Rothman 1983 6 MF 2006-2007
0%
1373 Gertjan Tamerus 1980 50 FW 2005-2008
0%
1244 Gévero Markiet 1991 58 DF 2008-2009, 2010-2014
0%
1312 Giacomo Quagliata 2000 54 DF 2019-2021
0%
3024 Gianmarco Cangiano 2001 5 MF, FW 2022-2023
0%
2310 Giannis Masouras 1996 17 DF, MF 2021-2022
0%
2813 Gijs Besselink 2004 8 MF, FW 2022-2023
0%
1293 Gijs Cales 1977 55 FW 2000-2001, 2003-2004
0%
919 Gijs Luirink 1983 80 DF 2003-2006, 2008-2009
0%
2414 Gil Vermouth 1985 15 MF 2011-2012
0%
2750 Gino Felixdaal 1990 9 DF 2009-2010
0%
1685 Giorgi Chanturia 1993 34 MF 2011-2013
0%
845 Giorgi Gakhokidze 1975 85 MF 2000-2006
0%
3329 Giorgio Achterberg 1990 2 MF 2010-2011
0%
2873 Giorgos Katsikas 1990 7 DF 2015-2016
0%
2862 Giovanni Franken 1977 7 MF 2001-2002
0%
1007 Giovanni Gravenbeek 1988 73 DF 2009-2010, 2012-2013
0%
2421 Giovanni Hiwat 1993 15 MF, FW 2013-2014, 2018-2019
0%
2577 Giovanni van Zwam 2004 12 DF 2020-2021, 2023-2024
0%
1932 Giovanny Espinoza 1977 27 DF 2006-2007
0%
3026 Ģirts Karlsons 1981 5 FW 2007-2008
0%
1450 Giuseppe Rossini 1986 46 FW 2005-2007
0%
3482 Givairo Read 2006 1 DF 2022-2023
0%
3483 Givan Werkhoven 1997 1 FW 2016-2017
0%
3330 Gjivai Zechiël 2004 2 DF, MF 2023-2024
0%
1072 Gjorgji Hristov 1976 68 FW 2000-2003
0%
3484 Glenn Kobussen 1989 1 MF 2008-2009
0%
197 Glen Salmon 1977 189 FW 2000-2006
0%
2972 Godfrey Nwankpa 1978 6 MF 2000-2001
0%
705 Godfried Roemeratoe 1999 95 DF, MF 2017-2018, 2019-2021, 2023-2024
0%
2090 Goran Bunjevčević 1973 24 DF 2006-2007
0%
450 Goran Lovre 1982 128 MF 2006-2009
0%
1357 Goran Popov 1984 51 DF, MF 2008-2009
0%
1453 Görkem Sağlam 1998 46 MF 2019-2021
0%
3115 Grad Damen 1997 4 DF, MF 2018-2019
0%
2358 Greg Leigh 1994 16 DF 2018-2019
0%
2680 Gregoire Amiot 1995 10 DF 2019-2020
0%
704 Gregor Breinburg 1991 95 MF 2010-2011, 2015-2016
0%
1188 Grétar Steinsson 1982 61 DF 2005-2007
0%
3486 Guido Budziak 1982 1 GK 2004-2005
0%
1346 Guillano Grot 1983 52 FW 2005-2006
0%
2724 Günther Vanaudenaerde 1984 9 DF 2006-2007
0%
1374 Gustavo Hamer 1997 50 DF, MF 2016-2017, 2018-2019
0%
2669 Gustavo Hebling 1996 10 MF 2015-2016
0%
378 Guus Hupperts 1992 140 MF, FW 2010-2015, 2020-2021
0%
1226 Guus Joppen 1989 59 DF 2012-2013, 2015-2016
0%
3170 Guy Veldeman 1978 3 DF 2000-2001
0%
1545 Gyliano van Velzen 1994 41 MF, FW 2013-2014, 2016-2017
0%
3027 Hachim Mastour 1998 5 MF 2016-2017
0%
2074 Haim Megrelashvili 1982 24 DF 2007-2008
0%
2164 Haji Wright 1998 22 FW 2019-2020
0%
2848 Hakim Borahsasar 1995 7 FW 2014-2015
0%
2015 Halil Dervişoğlu 1999 26 MF, FW 2017-2018, 2019-2020
0%
3035 Hamza el Dahri 2005 5 MF, FW 2023-2024
0%
2093 Hannes Delcroix 1999 23 DF 2019-2020
0%
2798 Hannes Þór Halldórsson 1984 8 GK 2015-2016
0%
2071 Hannu Haarala 1981 24 DF 2003-2004
0%
2041 Hans Denissen 1984 25 FW 2003-2005
0%
522 Hans Somers 1978 117 MF 2004-2009
0%
177 Harald Wapenaar 1970 194 GK 2000-2002, 2004-2008
0%
1257 Haris Medunjanin 1985 57 MF 2004-2007
0%
1627 Haris Vučkić 1992 37 MF, FW 2017-2018, 2019-2020
0%
2468 Harm Zeinstra 1989 14 GK 2013-2015, 2017-2018
0%
1472 Harrie Gommans 1983 45 FW 2000-2001, 2007-2008
0%
2639 Harris Huizingh 1963 11 FW 2000-2001
0%
3331 Harvey Wijngaarde 1981 2 DF 2000-2001
0%
3332 Hayri Pinarci 1991 2 MF 2010-2011
0%
2640 Hector Hevel 1996 11 MF 2014-2016
0%
647 Hedwiges Maduro 1985 102 DF, MF 2004-2007, 2015-2016
0%
3098 Heiko Westermann 1983 4 DF 2016-2017
0%
1190 Henk Dijkhuizen 1992 61 DF, MF 2013-2014, 2015-2016, 2017-2018
0%
2246 Henk van Steeg 1974 19 MF 2002-2003
0%
3219 Hennie de Romijn 1968 3 DF 2000-2001
0%
3220 Hennos Asmelash 1999 3 DF 2016-2017, 2019-2020
0%
3488 Henry Louwdijk 1978 1 GK 2002-2003
0%
2522 Hermen Hogenkamp 1985 13 MF 2003-2004
0%
1843 Hernán Losada 1982 29 MF 2009-2010
0%
2131 Hervé Matthys 1996 22 DF 2018-2019
0%
3189 Hervin Ongenda 1995 3 MF, FW 2016-2017
0%
591 Hicham Faik 1992 108 MF 2015-2017, 2019-2020
0%
776 Hidde Jurjus 1994 90 GK 2015-2018
0%
216 Hidde ter Avest 1997 183 DF 2014-2017, 2020-2023
0%
2382 Hilary Gong 1998 16 DF, MF, FW 2018-2021
0%
2346 Hjalte Nørregaard 1981 16 MF 2005-2006
0%
1385 Hossam Ghaly 1981 49 MF 2003-2005
0%
2436 Houssain Ouhsaine Ouichou 1980 15 FW 2003-2004
0%
1864 Houssin Bezzai 1978 29 DF 2000-2001
0%
1684 Hugo Bargas 1986 34 FW 2008-2009, 2010-2011
0%
3014 Hugo Novoa 2003 5 DF, FW 2023-2024
0%
1175 Humphrey Rudge 1977 62 DF 2000-2003, 2005-2006
0%
2469 Hurşut Meriç 1983 14 MF, FW 2008-2009
0%
3199 Hyun Young-min 1979 3 DF, MF 2009-2010
0%
2752 Ian Smeulers 2000 9 DF 2020-2021, 2023-2024
0%
2110 Ibad Muhamadu 1982 23 FW 2001-2002, 2008-2009
0%
1826 Ibrahim Cissoko 2003 30 FW 2021-2022
0%
789 Ibrahim Drešević 1997 89 DF, MF 2018-2021
0%
2182 Ibrahim El Kadiri 2002 21 MF, FW 2022-2023
0%
569 Ibrahim Kargbo 1982 112 DF, MF 2006-2009
0%
3376 Ibrahim Rabiu 1991 2 MF 2011-2012
0%
2882 Ibrahim Touré 1995 7 MF 2014-2015
0%
2206 Idrissa Touré 1998 20 DF, MF 2020-2021
0%
777 Ignacio Tuhuteru 1973 90 MF 2000-2003
0%
3070 Igor Đurić 1985 5 DF 2010-2011
0%
307 Igor Gluščević 1974 158 FW 2000-2002, 2004-2007
0%
1650 Igor Korneev 1967 36 MF 2000-2002
0%
1609 Igor Tomašić 1976 37 DF 2000-2001
0%
3489 Ilan Boccara 1993 1 MF 2012-2013
0%
2737 Ilay Elmkies 2000 9 MF 2020-2021
0%
2578 Ilias Alhaft 1997 12 MF, FW 2016-2017
0%
2371 Ilias Bronkhorst 1997 16 DF, FW 2021-2022
0%
2042 Ilias Haddad 1989 25 DF, MF 2014-2015
0%
169 Iliass Bel Hassani 1992 196 MF, FW 2013-2019, 2021-2022
0%
2783 Ilias Takidine 2001 8 MF, FW 2023-2024
0%
2077 Imad Najah 1991 24 DF, MF 2012-2013
0%
2579 Iman Griffith 2001 12 MF, FW 2022-2023
0%
1967 Immanuel Pherai 2001 27 MF, FW 2020-2021
0%
2943 Imran Nazih 2006 6 MF 2022-2023
0%
3612 Imro Murse 1984 1 MF 2003-2004
0%
3490 Ingmar Maayen 1988 1 MF 2007-2008
0%
2142 Ioannis-Foivos Botos 2000 22 MF, FW 2021-2022
0%
2239 Ion Nicolaescu 1998 19 FW 2023-2024
0%
3439 Irfan Bachdim 1988 1 MF, FW 2007-2008
0%
2372 Isaac Babadi 2005 16 MF 2023-2024
0%
2930 Isaac Buckley-Ricketts 1998 6 FW 2017-2018
0%
1734 Isak Määttä 2001 33 DF, FW 2022-2023
0%
2545 Isak Ssewankambo 1996 13 DF, MF 2014-2015
0%
1308 Ismail Azzaoui 1998 54 MF, FW 2017-2018, 2020-2021
0%
1510 Ismo Vorstermans 1989 43 DF 2010-2012
0%
1606 Issa Kallon 1996 38 MF, FW 2014-2015, 2021-2022
0%
3333 Istvan Bakx 1986 2 MF, FW 2005-2006
0%
2789 Iván Calero 1995 8 FW 2016-2017
0%
886 Ivan Tsvetkov 1979 82 FW 2002-2003, 2005-2006
0%
349 Ivan Vicelich 1976 148 DF, MF 2000-2006
0%
1008 Ivar van Dinteren 1979 73 MF 2000-2001, 2003-2004
0%
3264 Ivica Kralj 1973 3 GK 2001-2002
0%
2490 Ivo Pfennings 1976 14 DF 2000-2001
0%
581 Iwan Redan 1980 110 FW 2000-2001, 2002-2006
0%
1943 Jack Byrne 1996 27 MF, FW 2015-2016
0%
1360 Jack de Gier 1968 51 FW 2000-2002
0%
2849 Jacky Donkor 1998 7 MF, FW 2019-2020, 2022-2023
0%
1219 Jacob Lensky 1988 59 DF, MF 2006-2007, 2009-2011
0%
1700 Jagoš Vuković 1988 34 DF 2009-2011
0%
3036 Jahnoah Markelo 2003 5 MF, FW 2021-2022
0%
3492 Jahri Valentijn 1984 1 DF 2007-2008
0%
3221 Jaime Bruinier 1987 3 DF, MF 2006-2007
0%
1746 Jakob Breum 2003 32 FW 2023-2024
0%
1975 Jakob Jantscher 1989 26 MF, FW 2013-2014
0%
1655 Jamaïque Vandamme 1985 35 MF, FW 2006-2009
0%
3493 Jamal Akachar 1982 1 MF, FW 2002-2003
0%
1473 Jamal Dibi 1979 45 MF 2000-2001, 2003-2004
0%
2874 James Efmorfidis 1996 7 MF, FW 2015-2016, 2020-2021
0%
2676 James Horsfield 1995 10 DF 2017-2018
0%
2974 James McGarry 1998 6 MF, FW 2018-2019
0%
1448 James Quinn 1974 47 FW 2002-2004
0%
1310 Jamiro Monteiro 1993 54 MF, FW 2015-2016, 2017-2018
0%
3494 Jan Bekkema 1996 1 GK 2016-2017, 2020-2023
0%
2775 Jan Burg 1980 9 MF 2001-2002
0%
3422 Jan Frederiksen 1982 1 DF 2002-2003
0%
1069 Janio Bikel 1995 68 MF 2014-2016
0%
1328 Jan Michels 1970 53 MF 2001-2002, 2005-2006
0%
3016 Janne Saksela 1993 5 DF, FW 2016-2017
0%
1925 Jannes Vansteenkiste 1993 27 DF 2017-2018
0%
2267 Jannes Wieckhoff 2000 18 DF 2023-2024
0%
1908 Jannes Wolters 1979 28 DF 2000-2002
0%
2457 Jannik Huth 1994 14 GK 2017-2018
0%
2937 Jan-Niklas Beste 1999 6 DF 2019-2020
0%
2865 Jannik Pohl 1996 7 FW 2018-2019
0%
174 Jan-Paul Saeijs 1978 195 DF 2003-2011
0%
2096 Jan Šeda 1985 23 GK 2013-2014
0%
1361 Jan van Halst 1969 51 MF 2000-2002
0%
2753 Jan Veenhof 1969 9 DF 2001-2002
0%
2850 Jan Verlinden 1977 7 DF 2000-2001, 2002-2003
0%
1329 Jan Vreman 1965 53 DF 2000-2002
0%
3495 Jan Willem van Ede 1963 1 GK 2000-2001
0%
563 Jarchinio Antonia 1990 112 MF, FW 2010-2011, 2013-2016
0%
1952 Jari Oosterwijk 1995 27 FW 2014-2016
0%
1417 Jari Vlak 1998 48 MF 2020-2021, 2022-2023
0%
3223 Jarni Koorman 1999 3 MF 2019-2020
0%
2926 Jaromír Paciorek 1979 6 MF 2000-2001
0%
501 Jaromír Šimr 1979 120 MF 2001-2004, 2006-2007
0%
2556 Jaroslav Drobný 1979 12 GK 2005-2006
0%
888 Jaroslav Navrátil 1991 82 MF, FW 2012-2017
0%
3262 Jarosław Jach 1994 3 DF 2020-2021
0%
603 Jasar Takak 1982 107 MF 2003-2005, 2007-2008, 2009-2010
0%
1852 Jasin Assehnoun 1998 29 FW 2022-2023
0%
2851 Jason Lokilo 1998 7 FW 2022-2023
0%
3496 Jason Meerstadt 2001 1 MF 2020-2021
0%
2523 Jason Van Duiven 2005 13 MF, FW 2022-2023
0%
3334 Jasper Dahlhaus 2001 2 DF, MF 2020-2021
0%
1757 Jasper Schendelaar 2000 32 GK 2018-2019, 2021-2022, 2023-2024
0%
2217 Jasper Ter Heide 1999 20 DF, MF, FW 2021-2022
0%
2581 Jasper Waalkens 1989 12 MF 2009-2010
0%
495 Jatto Ceesay 1974 121 FW 2000-2005
0%
2234 Javier Espinosa 1992 19 MF, FW 2019-2020
0%
2814 Jayden Addai 2005 8 FW 2023-2024
0%
849 Jay-Roy Grot 1998 85 MF, FW 2015-2016, 2018-2019
0%
2582 Jayson Trommel 1982 12 DF 2001-2002
0%
2985 Jean Becht 1980 6 DF 2000-2001
0%
1711 Jean-Christophe Bahebeck 1993 33 FW 2017-2019
0%
1898 Jean-David Beauguel 1992 28 FW 2013-2014
0%
2319 Jean-Paul van Gastel 1972 17 MF 2000-2001, 2002-2003
0%
3379 Jean-Pierre Rhyner 1996 2 DF 2020-2021
0%
913 Jeanvion Yulu-Matondo 1986 80 FW 2007-2010
0%
1120 Jeff Hardeveld 1995 65 DF 2014-2015, 2016-2020, 2022-2023
0%
2150 Jeffrey Altheer 1987 22 DF, MF 2007-2008, 2012-2013, 2015-2016
0%
2218 Jeffrey de Visscher 1981 20 MF, FW 2002-2003
0%
2275 Jeffrey Kooistra 1968 18 MF 2000-2001
0%
1330 Jeffrey Rijsdijk 1987 53 MF 2009-2010, 2013-2014
0%
629 Jeffrey Sarpong 1988 104 MF 2005-2006, 2007-2009, 2011-2012, 2013-2014
0%
2151 Jeffrey Vlug 1986 22 MF 2006-2007
0%
405 Jeffry Fortes 1989 135 DF, MF 2014-2015, 2016-2020
0%
3402 Jeffry Puriel 2002 1 FW 2023-2024
0%
718 Jeff Stans 1990 94 MF 2011-2012, 2014-2015, 2017-2018
0%
1692 Jelle van der Heyden 1995 34 MF 2014-2017
0%
2641 Jens Jurn Streutker 1993 11 DF 2013-2014
0%
658 Jens Odgaard 1999 100 MF, FW 2019-2020, 2021-2023
0%
2293 Jens Podevijn 1989 17 MF, FW 2012-2013
0%
3007 Jeppe Okkels 1999 5 DF, FW 2023-2024
0%
3266 Jeredy Hilterman 1998 3 FW 2020-2021
0%
2452 Jeremy Antonisse 2002 14 MF, FW 2020-2021, 2022-2023
0%
2343 Jeremy Cijntje 1998 16 MF, FW 2019-2020
0%
2583 Jeremy Helmer 1997 12 MF, FW 2016-2018
0%
3613 Jeremy Overbeek 1980 1 MF 2000-2001
0%
3336 Jeremy Udenhout 2003 2 DF 2023-2024
0%
1511 Jeremy van Mullem 1999 43 MF 2020-2023
0%
2815 Jergé Hoefdraad 1986 8 MF, FW 2015-2016
0%
90 Jeroen Heubach 1974 236 DF 2000-2009
0%
3499 Jeroen Ketting 1980 1 FW 2001-2002
0%
2816 Jeroen Lambers 1980 8 GK 2003-2004
0%
2524 Jeroen Lumu 1995 13 MF, FW 2012-2013, 2014-2015
0%
2184 Jeroen Tesselaar 1989 21 DF 2015-2016
0%
1052 Jeroen Van der Lely 1996 69 DF 2015-2017, 2019-2020
0%
3040 Jeroen van Wetten 1980 5 FW 2002-2003
0%
907 Jeroen Veldmate 1988 81 DF 2007-2008, 2010-2011, 2012-2014, 2022-2023
0%
2063 Jérôme Colinet 1983 24 MF 2003-2005
0%
2098 Jerome Sinclair 1996 23 FW 2019-2020
0%
648 Jerry St. Juste 1996 102 DF, MF 2014-2019
0%
439 Jerson Cabral 1991 129 FW 2010-2016
0%
3090 Jerson Ribeiro 1988 4 MF 2010-2011
0%
1066 Jesper Håkansson 1981 68 MF, FW 2001-2004, 2006-2007
0%
795 Jesper Karlsson 1998 89 FW 2020-2022
0%
3118 Jesse van Bezooijen 1994 4 DF 2014-2015
0%
3338 Jethro Mashart 2000 2 DF 2018-2019
0%
3009 Jhonny Quiñónez 1998 5 DF, MF 2019-2020
0%
1111 Jimmy Hempte 1982 65 DF, MF 2010-2012
0%
694 Jim van Fessem 1975 96 GK 2000-2004, 2007-2008
0%
2263 Jinty Caenepeel 1996 18 FW 2017-2018
0%
1419 Jizz Hornkamp 1998 48 DF, FW 2017-2018, 2021-2022, 2023-2024
0%
2328 João Virgínia 1999 17 GK 2022-2023
0%
3224 Job Bulters 1986 3 GK 2006-2007
0%
1827 Jochem van de Kamp 2003 30 DF, MF 2023-2024
0%
1530 Jochem van der Hoeven 1975 42 DF 2000-2001
0%
2302 Joe Keenan 1982 17 MF 2005-2006
0%
2434 Joel Asoro 1999 15 MF, FW 2019-2020
0%
3025 Joël Latibeaudière 2000 5 DF 2019-2020
0%
3119 Joel Tillema 1989 4 DF 2008-2009
0%
2695 Joël Tshibamba 1988 10 FW 2008-2009
0%
2949 Joël van Kaam 2002 6 DF, FW 2019-2020
0%
2772 Joel Voelkerling Persson 2003 9 FW 2023-2024
0%
1567 Joep van den Ouweland 1984 40 MF 2007-2008
0%
1294 Joeri de Kamps 1992 55 MF 2013-2014, 2021-2022
0%
3120 Joeri Schroyen 1991 4 DF, FW 2013-2014
0%
3121 Joey Antonioli 2003 4 MF 2022-2023
0%
2643 Joey Belterman 1993 11 MF 2011-2013
0%
1464 Joey Didulica 1977 45 GK 2001-2002, 2006-2007, 2008-2010
0%
1228 Joey Godee 1989 59 FW 2008-2009, 2013-2014
0%
1793 Joey Groenbast 1995 31 DF 2016-2017
0%
1561 Joey Guðjónsson 1980 40 MF 2000-2001, 2006-2007
0%
2248 Joey Sleegers 1994 19 MF, FW 2015-2016
0%
1541 Joey Suk 1989 41 DF, MF 2013-2014, 2016-2017
0%
2909 Jo Geerinckx 1983 7 DF 2000-2001
0%
1314 Johan Hansma 1969 54 DF 2000-2003
0%
2283 Johan Hove 2000 18 MF 2022-2023
0%
480 Johan Kappelhof 1990 123 DF, MF 2011-2015
0%
1268 Johan Mårtensson 1989 57 MF 2011-2013
0%
3197 Jóhannes Harðarson 1976 3 MF 2001-2002
0%
1100 Johan van der Werff 1974 66 GK 2002-2003
0%
1197 Johan Vonlanthen 1986 61 MF, FW 2003-2005
0%
1394 Johan Voskamp 1984 49 FW 2006-2007
0%
1101 Johnatan Opoku 1990 66 MF, FW 2017-2019
0%
1794 John Bosman 1965 31 FW 2000-2001
0%
1867 John Nieuwenburg 1978 29 MF 2000-2001
0%
1420 John van den Brom 1966 48 DF, MF 2000-2002
0%
1600 John van Loenhout 1977 38 MF 2000-2002
0%
2470 John Veldman 1968 14 DF 2000-2001
0%
1901 Jonas Arweiler 1997 28 DF, FW 2019-2020
0%
2852 Jonas Heymans 1993 7 DF 2014-2015
0%
1132 Jonas Ivens 1984 64 DF 2010-2013
0%
3278 Jonas van Kerckhoven 1994 2 MF 2012-2013
0%
1929 Jonathan Okita 1995 27 MF, FW 2021-2022
0%
2016 Jonathan Wilmet 1986 25 MF, FW 2005-2007
0%
2398 Jonathas 1989 15 FW 2009-2010
0%
181 Joonas Kolkka 1974 193 MF 2000-2001, 2005-2010
0%
1038 Joost Terol 1980 70 GK 2003-2006, 2010-2011
0%
585 Joost Volmer 1974 109 DF 2000-2002, 2004-2005, 2007-2008
0%
1954 Joos van Barneveld 1982 27 MF 2000-2001
0%
3225 Jop van den Avert 2000 3 DF 2020-2021
0%
709 Jop van der Linden 1990 95 DF 2013-2017
0%
1485 Jordan Botaka 1993 44 DF, MF, FW 2014-2015, 2021-2022
0%
2993 Jordan Garcia-Calvete 1992 5 MF 2011-2012
0%
2233 Jordan Remacle 1987 19 MF, FW 2006-2007
0%
3092 Jordan Spence 1990 4 DF 2019-2020
0%
3340 Jordan van der Gaag 1999 2 FW 2018-2019
0%
3226 Jordao Pattinama 1989 3 MF 2008-2009
0%
3341 Jordi Altena 2003 2 MF 2023-2024
0%
1443 Jordi Hoogstrate 1983 47 MF 2001-2003
0%
778 Jordy Bruijn 1996 90 MF, FW 2017-2019, 2021-2023
0%
1217 Jordy Croux 1994 59 MF, FW 2016-2018
0%
3122 Jordy Deckers 1989 4 GK 2014-2015
0%
2584 Jordy Thomassen 1993 12 MF, FW 2018-2019
0%
1646 Jordy Tutuarima 1993 36 DF, MF 2012-2013, 2018-2019
0%
2043 Jordy van Deelen 1993 25 DF 2011-2012, 2013-2014
0%
3343 Jordy van der Winden 1994 2 DF 2013-2014
0%
3396 Jordy Vleugels 1996 1 MF 2014-2015
0%
2883 Jordy Wehrmann 1999 7 MF 2018-2019, 2020-2021
0%
1295 Jordy Zuidam 1980 55 MF 2002-2004
0%
1634 Jorge Acuña 1978 36 MF 2002-2003, 2005-2006
0%
2089 Jorge Chula 1990 24 MF 2010-2011
0%
3041 Jorg Schreuders 2004 5 DF 2022-2023
0%
2696 Jörg van Nieuwenhuijzen 1978 10 GK 2000-2001, 2007-2008
0%
1637 Joris Delle 1990 36 GK 2016-2017, 2018-2019
0%
3504 Jorn Berkhout 2002 1 DF 2020-2021
0%
2064 Jorn Vancamp 1998 24 FW 2017-2018
0%
1039 Jorrit Smeets 1995 70 MF 2018-2020
0%
3228 Jory ten Brinke 1984 3 DF 2004-2005
0%
3292 Josef Kvida 1997 2 DF 2015-2016
0%
2170 José Fontán 2000 21 DF 2022-2023
0%
3297 Jose Matos 1995 2 DF 2019-2020
0%
2349 José Pascual Alba Seva 2000 16 MF, FW 2020-2021, 2023-2024
0%
2548 José San Román 1988 12 DF 2016-2017
0%
1169 José Valencia 1982 62 DF 2004-2006
0%
1557 Josh Flint 2000 40 DF 2022-2023
0%
2401 Josh McEachran 1993 15 MF 2014-2015
0%
1725 Jos Hooiveld 1983 33 DF, MF 2003-2004, 2016-2017
0%
2525 Joshua Eijgenraam 2001 13 MF 2022-2023
0%
3001 Josh Wagenaar 1985 5 GK 2006-2007
0%
3229 Jos Peltzer 1992 3 FW 2013-2014
0%
2539 Josué Pesqueira 1990 13 MF, FW 2010-2011
0%
172 Jos van Nieuwstadt 1979 196 DF 2000-2007
0%
2488 Juan Agudelo 1992 14 MF, FW 2013-2014
0%
2320 Juan Familio-Castillo 2000 17 DF, MF 2020-2021
0%
2350 Juanfran 1976 16 DF 2005-2006
0%
1982 Juan Gonzalo Lorca 1985 26 FW 2007-2008
0%
1601 Juan Viedma 1974 38 DF 2002-2004
0%
1386 Juha Hakola 1987 49 MF, FW 2008-2010
0%
1816 Juha Reini 1975 30 DF 2002-2003
0%
1984 Jukka Raitala 1988 26 DF 2012-2014
0%
1850 Julen Lobete 2000 29 MF, FW 2022-2023
0%
1868 Jules Reimerink 1989 29 MF, FW 2012-2013, 2014-2015
0%
3505 Julian Calor 1997 1 MF 2016-2017
0%
1414 Julian Chabot 1998 48 DF 2017-2018
0%
792 Julian Lelieveld 1997 89 DF 2015-2017, 2019-2020, 2022-2023
0%
2817 Julian Rijkhoff 2005 8 MF, FW 2023-2024
0%
1819 Julian von Haacke 1994 30 MF 2016-2017
0%
3071 Julian von Moos 2001 5 DF, FW 2021-2022
0%
1186 Julien Escudé 1979 61 DF 2003-2005
0%
3344 Julien Mesbahi 2006 2 DF 2022-2023
0%
856 Julio Pleguezuelo 1997 84 DF 2019-2022
0%
1955 Julius Dirksen 2003 27 DF 2022-2023
0%
2219 Junior Livramento 1984 20 DF, MF 2009-2010
0%
2017 Jurgen Cavens 1978 25 FW 2002-2003
0%
498 Jürgen Colin 1981 121 DF 2001-2004, 2007-2008, 2009-2010
0%
1829 Jürgen Dirkx 1975 30 DF 2000-2002
0%
248 Jurgen Mattheij 1993 175 DF 2011-2012, 2014-2019
0%
1347 Jurgen Wevers 1979 52 GK 2001-2002, 2006-2007, 2009-2010
0%
2924 Jurich Carolina 1998 6 DF 2018-2019
0%
1817 Jussi Kujala 1983 30 DF, MF 2010-2011
0%
505 Justin Hoogma 1998 120 DF, MF 2015-2016, 2019-2021, 2023-2024
0%
2386 Justin Lonwijk 1999 16 MF, FW 2019-2020, 2023-2024
0%
3123 Justin Mathieu 1996 4 MF, FW 2015-2016
0%
3418 Justin Ogenia 1999 1 DF 2017-2020
0%
1234 Kacper Kozłowski 2003 59 MF, FW 2022-2023
0%
851 Kai Heerings 1990 85 DF, MF 2011-2015, 2018-2019
0%
2139 Kai Michalke 1976 22 FW 2006-2007
0%
1998 Kai van Hese 1989 26 DF, MF 2008-2010
0%
3042 Kaj de Rooij 2000 5 MF, FW 2023-2024
0%
1498 Kaj Ramsteijn 1990 44 DF 2010-2012
0%
2554 Kallé Soné 1982 12 FW 2002-2003
0%
2795 Kamal Sowah 2000 8 MF, FW 2021-2022
0%
2496 Kapela Mbiyavanga 1976 13 FW 2001-2002
0%
1129 Karim Bridji 1981 64 MF, FW 2003-2004, 2006-2008, 2011-2012
0%
2791 Karim Coulibaly 1993 8 MF, FW 2017-2019
0%
2755 Karim Fachtali 1988 9 FW 2007-2008, 2011-2012
0%
1459 Karim Saidi 1983 46 DF 2004-2006
0%
858 Karim Soltani 1984 84 MF, FW 2007-2009
0%
2294 Karim Tarfi 1993 17 MF, FW 2015-2016
0%
686 Karim Touzani 1980 97 MF 2000-2005, 2008-2009
0%
1840 Karl-Johan Johnsson 1990 30 GK 2012-2013
0%
1558 Karol Mets 1993 40 DF, MF 2017-2018
0%
3597 Karol Niemczycki 1999 1 GK 2017-2018
0%
2673 Kasper Kusk 1991 10 MF, FW 2014-2015
0%
2024 Kasper Lunding 1999 25 MF, FW 2020-2021
0%
3083 Kassim Bizimana 1985 4 FW 2004-2005
0%
3230 Kaye Coppoolse 1991 3 FW 2010-2011
0%
2359 Kazuyuki Toda 1977 16 MF 2003-2004
0%
3231 Kees Heemskerk 1991 3 GK 2019-2020
0%
1499 Kees van Buuren 1986 44 DF 2005-2008, 2012-2013
0%
695 Kees van Wonderen 1969 96 DF 2000-2003
0%
2765 Kelechi Nwakali 1998 9 MF 2017-2018
0%
2276 Kelvin Maynard 1987 18 DF 2008-2009
0%
437 Kemy Agustien 1986 129 DF, MF 2004-2007, 2009-2010
0%
3004 Kenji Gorré 1994 5 FW 2015-2016
0%
656 Kennedy Bakircioglü 1980 101 MF 2005-2009
0%
1649 Kenneth Omeruo 1993 36 DF 2011-2012
0%
620 Kenneth Paal 1997 105 DF, MF 2017-2021
0%
1921 Kenny Anderson 1992 28 DF, MF 2012-2013
0%
891 Kenny Otigba 1992 82 DF 2012-2015
0%
2445 Kenny Steppe 1988 14 GK 2008-2009, 2010-2011
0%
2471 Kenny Teijsse 1992 14 DF 2013-2014, 2016-2017
0%
1977 Kenny Van Hoevelen 1983 26 DF 2013-2014
0%
3124 Ken van Mierlo 1987 4 MF 2009-2010
0%
2193 Kerim Frei 1993 21 FW 2019-2020
0%
3156 Kermit Erasmus 1990 4 MF, FW 2008-2009
0%
926 Kevin Begois 1982 79 GK 2005-2006, 2007-2008, 2009-2010, 2013-2018
0%
192 Kevin Bobson 1980 190 FW 2000-2007
0%
1663 Kevin Brands 1988 35 MF, FW 2012-2013, 2016-2017
0%
2095 Kevin Felida 1999 23 MF 2022-2023
0%
1985 Kévin Mayi 1993 26 FW 2016-2017
0%
3397 Kevin Nicolay 1981 1 DF 2002-2003
0%
3345 Kevin Sissing 1986 2 FW 2007-2008
0%
1894 Kevin Stuhr Ellegaard 1983 28 GK 2010-2011
0%
245 Kevin van Dessel 1979 176 MF 2000-2005, 2009-2010
0%
1178 Kevin van Diermen 1989 62 DF 2007-2009, 2011-2012, 2014-2015
0%
1457 Kevin Wattamaleo 1989 46 MF 2008-2009, 2010-2012
0%
610 Keziah Veendorp 1997 106 DF, MF 2015-2016, 2018-2020, 2022-2023
0%
471 Khalid Karami 1989 124 DF 2014-2019
0%
3099 Kilian Ludewig 2000 4 DF, FW 2021-2022
0%
1321 Kim Christensen 1980 53 FW 2003-2004
0%
1782 Kim Falkenberg 1988 31 DF 2007-2008
0%
1440 Kim Jaggy 1982 47 DF 2007-2008
0%
2802 Kim Nam-il 1977 8 MF 2002-2003
0%
2460 Kingsley Boateng 1994 14 FW 2014-2015
0%
2249 Kiran Bechan 1982 19 MF 2000-2001, 2004-2005
0%
3509 Kjell Knops 1987 1 DF 2008-2009
0%
3510 Kjelt Engbers 1999 1 DF 2018-2019
0%
2473 Koen Bucker 1996 14 GK 2018-2021
0%
173 Koen van de Laak 1982 196 MF 2001-2002, 2004-2011
0%
1441 Koki Saito 2001 47 FW 2022-2023
0%
2411 Kostas Louboutis 1979 15 DF 2005-2006
0%
1716 Kostas Tsimikas 1996 33 DF 2017-2018
0%
1992 Kosuke Ota 1987 26 DF 2015-2016
0%
2446 Kris De Wree 1981 14 DF, MF 2008-2009
0%
1382 Kris Mampaey 1970 49 GK 2001-2002, 2004-2005
0%
3614 Kris Ottoy 1984 1 GK 2002-2003
0%
3511 Kristian Westerveld 1983 1 MF 2003-2004
0%
2484 Kristijan Belic 2001 14 MF 2023-2024
0%
2499 Kristijan Bistrović 1998 13 MF 2022-2023
0%
3198 Kristján Emilsson 1993 3 FW 2015-2016
0%
2511 Kristófer Kristinsson 1999 13 MF, FW 2017-2018
0%
1844 Kristof Imschoot 1980 29 MF 2006-2007
0%
2231 Kristopher Da Graca 1998 20 DF 2020-2021
0%
2236 Krisztián Adorján 1993 19 MF, FW 2013-2014
0%
1222 Krisztián Németh 1989 59 FW 2011-2013
0%
1753 Krisztián Vermes 1985 32 DF 2008-2009
0%
1061 Kurt Van De Paar 1978 68 FW 2000-2002
0%
1525 Kwasi Okyere Wriedt 1994 42 FW 2020-2021
0%
3599 Lamine Sané 1987 1 DF 2019-2020
0%
1909 Lance Duijvestijn 1999 28 MF, FW 2023-2024
0%
1809 Landry Dimata 1997 30 FW 2022-2023
0%
1444 Lars Lambooij 1988 47 DF, MF 2013-2014, 2016-2017
0%
1830 Lars Nieuwpoort 1994 30 DF 2018-2022
0%
3513 Lars ten Teije 1998 1 MF 2017-2018
0%
1032 Lars Veldwijk 1991 71 FW 2011-2012, 2015-2016, 2017-2018, 2019-2020
0%
3194 Laryea Kingston 1980 3 MF 2010-2011
0%
1275 Lassana Faye 1998 56 DF 2016-2017, 2019-2020
0%
2504 Lasse Nielsen 1988 13 DF 2013-2014
0%
429 Lasse Nilsson 1982 131 FW 2004-2006, 2008-2010
0%
2871 Lasse Wehmeyer 2002 7 FW 2023-2024
0%
1595 László Bodnár 1979 38 DF 2004-2005
0%
2570 László Mészáros 1977 12 MF 2001-2002
0%
2784 Laurens De Bock 1992 8 DF 2019-2020
0%
423 Laurent Delorge 1979 131 DF, MF 2006-2012
0%
2341 Leandro Bonfim 1984 16 MF, FW 2002-2003, 2004-2005
0%
2818 Leandro Fernandes 1999 8 MF, FW 2019-2020, 2021-2022
0%
2618 Lee Cattermole 1988 11 MF 2019-2020
0%
2573 Lee Chun-soo 1981 12 MF, FW 2007-2008
0%
3606 Lee Nguyen 1986 1 MF, FW 2005-2006
0%
806 Leen van Steensel 1984 88 DF 2004-2005, 2007-2008, 2010-2011
0%
3514 Lennard Hartjes 2003 1 MF 2021-2022, 2023-2024
0%
1490 Lennart-Marten Czyborra 1999 44 DF 2018-2019, 2023-2024
0%
1150 Lennerd Daneels 1998 63 MF, FW 2019-2022
0%
3125 Lentini Caciano 2001 4 MF 2020-2021
0%
1999 Leo Koswal 1975 26 FW 2002-2003
0%
2000 Leon Bergsma 1997 26 DF 2017-2018, 2022-2023
0%
2112 Leon Broekhof 1988 23 DF 2010-2011
0%
1229 Leon de Kogel 1991 59 FW 2010-2014, 2016-2017
0%
3515 Leonel Miguel 2001 1 DF 2020-2021
0%
1246 Léon Hese 1981 58 DF 2001-2002, 2007-2008
0%
2344 Leon Kantelberg 1978 16 MF, FW 2007-2008
0%
3415 Leon Sopic 2000 1 FW 2019-2020
0%
2819 Leon ter Wielen 1988 8 GK 2012-2013
0%
1555 Léo Veloso 1987 40 DF 2008-2009
0%
1886 Leroy Labylle 1991 28 DF, FW 2013-2014, 2017-2018
0%
2250 Leroy Resodihardjo 1987 19 MF 2008-2009
0%
2251 Levi Risamasu 1982 19 MF 2001-2004
0%
1648 Levi Schwiebbe 1986 36 MF 2006-2007, 2008-2009
0%
3517 Lex van Haeften 1987 1 GK 2010-2011
0%
3440 Liam Kelly 1995 1 MF 2019-2020
0%
3299 Liivo Leetma 1977 2 MF 2007-2008
0%
1449 Lindon Selahi 1999 46 MF, FW 2019-2020
0%
1974 Lindsay Wilson 1979 26 DF 2003-2004
0%
3127 Lion Axwijk 1984 4 DF 2005-2006
0%
3518 Lionel Lord 1980 1 FW 2001-2002
0%
2045 Lion Kaak 1991 25 MF 2010-2011, 2015-2016
0%
1021 Lisandro Semedo 1996 71 MF, FW 2018-2019, 2020-2021
0%
2552 Livio Milts 1997 12 MF, FW 2017-2018
0%
643 Loïc Loval 1981 102 MF, FW 2004-2005, 2006-2010
0%
2203 Loïc Mbe Soh 2001 20 DF 2023-2024
0%
3006 Loizos Loizou 2003 5 MF, FW 2023-2024
0%
1818 Loreintz Rosier 1998 30 MF 2023-2024
0%
2526 Lorenzo Piqué 1990 13 DF 2009-2010
0%
3044 Lorenzo Rimkus 1984 5 MF 2001-2002
0%
3346 Lorenzo van Kleef 2001 2 MF, FW 2019-2020
0%
2374 Louis Laros 1973 16 MF 2000-2001
0%
2622 Louis Nganioni 1995 11 DF 2015-2016
0%
2629 Luca Caldirola 1991 11 DF 2010-2011
0%
1145 Luca de la Torre 1998 64 MF, FW 2020-2021
0%
2474 Luca Everink 2001 14 DF, FW 2021-2023
0%
1387 Lucas Bernadou 2000 49 MF 2020-2021, 2022-2023
0%
506 Lucas Bijker 1993 120 DF 2013-2016
0%
1151 Lucas Schoofs 1997 63 DF, MF 2017-2018, 2019-2021
0%
334 Lucas Woudenberg 1994 151 DF 2014-2021
0%
3347 Luciano Carty 2001 2 FW 2020-2021
0%
2385 Lucian Sânmărtean 1980 16 MF 2006-2008
0%
3045 Luciën Dors 1984 5 MF 2004-2005
0%
3519 Luc Netten 2004 1 DF 2023-2024
0%
1546 Ludcinio Marengo 1991 41 FW 2015-2017
0%
3404 Luís Hungria 2001 1 DF 2020-2021
0%
1803 Luka Adžić 1998 31 MF, FW 2019-2021
0%
2463 Luka Đorđević 1994 14 FW 2013-2014
0%
1480 Luka Ilić 1999 45 MF, FW 2018-2019, 2020-2021
0%
2068 Luka Ivanušec 1998 24 FW 2023-2024
0%
2613 Lukáš Bajer 1984 11 MF 2008-2009
0%
1611 Lukas Görtler 1994 37 MF, FW 2017-2018
0%
1892 Lukáš Mareček 1990 28 DF, MF 2012-2013
0%
2566 Lukas Schmitz 1988 12 DF 2020-2021
0%
2979 Luka Zahović 1995 6 FW 2015-2016
0%
2483 Luke Le Roux 2000 14 MF 2023-2024
0%
3314 Lum Rexhepi 1992 2 DF 2016-2017
0%
3520 Luuk Admiraal 2002 1 FW 2022-2023
0%
1500 Luuk Koopmans 1993 44 GK 2015-2017, 2019-2020, 2023-2024
0%
2082 Luuk Maes 1971 24 DF 2000-2001
0%
1664 Luuk Wouters 1999 35 DF 2020-2023
0%
1539 Maarten Schops 1976 41 MF 2000-2001, 2002-2003
0%
2375 Maarten Woudenberg 1984 16 MF 2003-2004
0%
1845 Maecky Ngombo 1995 29 FW 2015-2016, 2017-2018
0%
2134 Magno Mocelin 1974 22 FW 2004-2005
0%
1353 Magnus Johansson 1971 52 DF 2000-2002
0%
1024 Magnus Mattsson 1999 71 MF, FW 2021-2023
0%
2535 Magnus Wolff Eikrem 1990 13 MF, FW 2013-2014
0%
1325 Mahamadou Diarra 1981 53 MF 2000-2001
0%
267 Maikel Aerts 1976 168 GK 2002-2009
0%
335 Maikel van der Werff 1989 151 DF, MF 2012-2018, 2021-2022
0%
3348 Malcolm Esajas 1986 2 MF, FW 2013-2014
0%
1200 Mamadou Zongo 1980 60 FW 2000-2001, 2003-2004
0%
1078 Manfred Ugalde 2002 67 MF, FW 2021-2023
0%
2564 Manu Royo 1994 12 DF 2023-2024
0%
1322 Marc-Antoine Fortuné 1981 53 FW 2005-2006
0%
2136 Marc Cardona 1995 22 FW 2021-2022
0%
1512 Marcel Akerboom 1981 43 DF 2000-2001
0%
3233 Marcel Boudesteyn 1971 3 MF 2002-2003
0%
3522 Marcelencio Esajas 2002 1 MF, FW 2023-2024
0%
3046 Marcel Kleizen 1986 5 FW 2005-2006
0%
3521 Marcel Pannekoek 1986 1 MF 2006-2007
0%
2820 Marcel Pronk 1983 8 DF 2003-2004
0%
799 Marcel Ritzmaier 1993 88 DF, MF 2012-2016
0%
458 Marcel Seip 1982 126 DF 2002-2005, 2012-2013
0%
2140 Marcel Stutter 1988 22 MF, FW 2012-2013
0%
2950 Marcel van der Sloot 1980 6 MF 2002-2003
0%
2334 Marcel van Helmond 1966 17 FW 2000-2001
0%
1665 Marchanno Schultz 1972 35 MF 2000-2001
0%
2886 Marc Hegeman 1974 7 DF 2001-2002
0%
586 Marc Höcher 1984 109 MF 2005-2006, 2011-2013, 2015-2016
0%
1461 Marc Janko 1983 45 FW 2010-2011
0%
1167 Marc Nygaard 1976 62 FW 2000-2002
0%
1693 Marco Heering 1970 34 FW 2000-2001
0%
2869 Marc-Olivier Doué 2000 7 DF 2019-2020
0%
2665 Marco Ospitalieri 1992 10 DF 2018-2019
0%
2569 Marco Pappa 1987 12 MF 2012-2013
0%
2790 Marco Parnela 1981 8 DF 2003-2004
0%
1342 Marco Rente 1997 52 DF 2020-2021
0%
1192 Marco Roelofsen 1968 61 MF 2002-2003
0%
2123 Marco Rojas 1991 23 MF, FW 2017-2018
0%
1814 Marcos Gullón 1989 30 DF, MF 2015-2016
0%
2028 Marcus Edwards 1998 25 MF, FW 2018-2019
0%
2390 Marcus Nilsson 1988 16 DF 2011-2012
0%
857 Mariano Bombarda 1972 84 FW 2000-2003
0%
1922 Marián Zeman 1974 28 DF 2000-2001, 2002-2003
0%
2756 Marijn Sterk 1987 9 DF 2008-2009
0%
1633 Marilia 1975 36 DF 2000-2001
0%
1848 Marin Šverko 1998 29 DF 2021-2022
0%
2586 Marinus Dijkhuizen 1972 12 FW 2000-2001, 2006-2007
0%
2321 Mario Bilate 1991 17 FW 2019-2020
0%
1613 Marious Vrousai 1998 37 MF, FW 2018-2019
0%
2336 Mark Birighitti 1991 16 GK 2017-2018
0%
3524 Mark Bloemendaal 1988 1 MF 2008-2009
0%
3349 Mark Bruintjes 1996 2 DF 2015-2016, 2017-2018
0%
243 Mark Diemers 1993 177 MF, FW 2013-2015, 2018-2022
0%
3012 Mark Duffy 1985 5 MF, FW 2019-2020
0%
3235 Mark Engberink 1992 3 DF 2014-2015
0%
1656 Marko Kolar 1995 35 FW 2019-2020
0%
2304 Marko Kolsi 1985 17 MF 2004-2005
0%
2492 Marko Kvasina 1996 13 FW 2017-2018
0%
2832 Marko Lazetić 2004 8 DF, FW 2023-2024
0%
2917 Marko Maletić 1993 6 FW 2014-2015
0%
3094 Marko Meerits 1992 4 GK 2011-2012
0%
3019 Marko Muslin 1985 5 MF 2005-2006
0%
1296 Mark Otten 1985 55 DF, MF 2006-2007, 2008-2010
0%
2739 Mark Pabai 2000 9 DF 2019-2020, 2021-2022
0%
719 Mark Schenning 1970 94 DF 2000-2004
0%
3525 Mark Spenkelink 1997 1 GK 2021-2023
0%
1154 Mark Uth 1991 63 MF, FW 2012-2014
0%
3350 Mark van den Boogaart 1985 2 DF, MF 2008-2009
0%
2951 Mark Veenhoven 1998 6 MF 2017-2018
0%
3237 Mark Veldmate 1984 3 FW 2003-2004
0%
1810 Mark Volders 1977 30 GK 2005-2006
0%
3047 Mark Zegers 1977 5 GK 2000-2001
0%
1887 Marnick Vermijl 1992 28 DF 2013-2014
0%
1016 Marnix Kolder 1981 72 FW 2006-2007, 2013-2014
0%
1446 Marouan Azarkan 2001 47 MF, FW 2019-2020, 2022-2023
0%
3526 Marouane Afaker 1999 1 MF 2017-2018, 2021-2022
0%
3405 Marquinho 1982 1 MF 2002-2003
0%
819 Martijn Barto 1984 87 MF, FW 2005-2006, 2013-2015
0%
2083 Martijn Berden 1997 24 MF, FW 2018-2019, 2021-2022
0%
3390 Martijn Besselink 1975 2 GK 2000-2001, 2002-2003
0%
3048 Martijn de Zwart 1990 5 GK 2012-2013
0%
997 Martijn Monteyne 1984 73 DF 2011-2013, 2015-2016
0%
2588 Martijn van Strien 1979 12 GK 2004-2005
0%
941 Martin Angha 1994 79 DF 2019-2021
0%
2617 Martin Christensen 1987 11 MF 2007-2008
0%
2395 Martin Fraisl 1993 15 GK 2020-2021
0%
2672 Martin Lejsal 1982 10 GK 2009-2010
0%
1628 Martin Milec 1991 37 DF 2015-2016
0%
2442 Martin Pušić 1987 14 FW 2016-2017
0%
2707 Martin Samuelsen 1997 10 MF, FW 2018-2019
0%
2403 Martí Riverola 1991 15 MF 2010-2011
0%
1297 Mart Lieder 1990 55 FW 2011-2014
0%
3438 Márton Eppel 1991 1 FW 2011-2012
0%
1090 Marvelous Nakamba 1994 67 MF 2014-2016
0%
2153 Marvin Brunswijk 1976 22 DF 2000-2001
0%
1238 Marvin Peersman 1991 58 DF 2014-2015
0%
3528 Marvin van der Pluijm 1988 1 MF 2010-2011
0%
2376 Marvin Zeegelaar 1990 16 DF, FW 2009-2010
0%
3049 Marwin Reuvers 1999 5 MF 2017-2018
0%
2907 Massamasso Tchangai 1978 7 DF 2000-2001
0%
2786 Matěj Chaluš 1998 8 DF 2022-2023
0%
2227 Mateusz Prus 1990 20 GK 2010-2012
0%
338 Mathias Florén 1976 151 DF 2001-2006
0%
1658 Mathias Gehrt 1992 35 MF 2013-2016
0%
2994 Mathias Schamp 1988 5 MF, FW 2012-2013
0%
1750 Mathieu Assou-Ekotto 1978 32 MF 2005-2006
0%
2046 Mathijs Tielemans 2002 25 MF 2022-2023
0%
2607 Matías Cahais 1987 11 DF 2007-2008
0%
3129 Mats Egbring 2006 4 DF 2023-2024
0%
837 Mats Knoester 1998 86 DF 2018-2021
0%
3530 Mats van Huijgevoort 1993 1 DF 2011-2012
0%
3531 Mats van Kins 1998 1 MF 2017-2018
0%
2459 Matthew Steenvoorden 1993 14 DF, MF 2014-2015
0%
3398 Matthias Verreth 1998 1 FW 2016-2017, 2018-2019
0%
2456 Matthieu Delpierre 1981 14 DF 2013-2014
0%
468 Mattias Johansson 1992 125 DF 2011-2016
0%
1306 Matt Miazga 1995 55 DF 2016-2017
0%
3201 Matty Willock 1996 3 MF 2017-2018
0%
3130 Maurice Verberne 1971 4 DF 2003-2004
0%
3002 Mauricio Aros 1976 5 DF, MF 2001-2002
0%
3532 Maurilio de Lannoy 2003 1 DF 2022-2023
0%
3351 Maurits van Dalen 1980 2 DF 2000-2001
0%
2384 Mauro Almeida 1982 16 DF 2003-2004
0%
1673 Mawouna Amevor 1991 35 DF 2013-2014
0%
2887 Max de Waal 2002 7 MF, FW 2021-2022
0%
3131 Max Houttuin 1978 4 MF 2000-2001
0%
1513 Max Huiberts 1970 43 FW 2000-2001
0%
2684 Maxime Awoudja 1998 10 DF 2022-2023
0%
1612 Maximilian Rossmann 1995 37 DF 2018-2019
0%
787 Maximilian Wittek 1995 89 DF, MF 2020-2023
0%
1808 Maximilian Wöber 1998 30 DF 2017-2018
0%
1578 Mayckel Lahdo 2002 40 FW 2022-2023
0%
3533 Mees Rijks 2003 1 MF 2021-2022
0%
1805 Mehmet Akgün 1986 31 DF, FW 2007-2009
0%
3353 Mehmet Yuksel 2001 2 DF, FW 2023-2024
0%
1040 Melchior Schoenmakers 1975 70 DF 2000-2003
0%
3160 Melih Ibrahimoglu 2000 4 MF 2020-2021, 2023-2024
0%
3050 Melle Witteveen 2003 5 FW 2023-2024
0%
950 Melvin Fleur 1982 78 DF 2002-2005
0%
1537 Melvyn Lorenzen 1994 42 FW 2017-2018
0%
3239 Menno Heerkes 1993 3 MF 2014-2015
0%
1208 Menno Koch 1994 60 DF 2014-2015, 2016-2018
0%
2988 Meritan Shabani 1999 5 MF, FW 2020-2021
0%
2066 Metinho 2003 24 MF 2023-2024
0%
1028 Michael Breij 1997 71 MF, FW 2017-2019, 2021-2022
0%
368 Michael Buskermolen 1972 142 DF, MF 2000-2005
0%
1103 Michael Chacon 1994 66 MF 2018-2020
0%
2172 Michael Heinloth 1992 21 DF 2016-2017
0%
988 Michaël Heylen 1994 74 DF, MF 2019-2022
0%
385 Michael Lamey 1979 139 DF 2000-2006, 2012-2013
0%
2396 Michael Liendl 1985 15 MF 2017-2018
0%
3295 Michael Lumb 1988 2 DF 2010-2011
0%
2925 Michaël Maria 1995 6 DF, MF 2017-2018
0%
2430 Michael Olaitan 1993 15 FW 2015-2016
0%
3276 Michael Schimpelsberger 1991 2 DF 2010-2011
0%
773 Michael Silberbauer 1981 90 MF 2008-2010
0%
762 Michael Timisela 1986 91 DF, MF 2005-2006, 2007-2008, 2009-2011
0%
3296 Michael Tørnes 1986 2 GK 2016-2017
0%
1250 Michael Uchebo 1900 58 FW 2009-2011
0%
1333 Michael Verrips 1996 53 GK 2015-2016, 2020-2023
0%
3068 Michael Woud 1999 5 GK 2018-2019
0%
1674 Michael Zullo 1988 34 DF, FW 2010-2012
0%
2975 Michał Janota 1990 6 MF, FW 2008-2009
0%
1930 Michal Papadopulos 1985 27 FW 2009-2010
0%
916 Michal Švec 1987 80 MF 2007-2011
0%
1889 Michel Bastos 1983 28 DF, MF 2002-2003
0%
821 Michel Kreek 1971 87 DF 2000-2001, 2004-2005
0%
1447 Michel Langerak 1968 47 MF 2000-2001
0%
1422 Michel Nok 1971 48 DF 2000-2001
0%
2085 Michel van Guldener 1985 24 FW 2007-2008
0%
1531 Michiel Hemmen 1987 42 FW 2013-2015
0%
1468 Michihiro Yasuda 1987 45 DF 2010-2012
0%
2904 Mickaël Tavares 1982 7 MF 2013-2014
0%
1506 Mickaël Tirpan 1993 43 DF 2020-2022
0%
2377 Mick van Buren 1992 16 MF, FW 2011-2012, 2019-2020
0%
2677 Miguel 1997 10 DF, MF 2020-2021
0%
974 Miguel Araujo 1994 76 DF 2019-2020, 2022-2023
0%
2541 Mihai Roman 1992 13 FW 2015-2016
0%
2558 Mika Biereth 2003 12 MF, FW 2022-2023
0%
2312 Mikael Anderson 1998 17 MF, FW 2018-2019
0%
2235 Mikael Dyrestam 1991 19 DF 2015-2016
0%
502 Mika Nurmela 1971 120 MF 2000-2002, 2005-2006
0%
1501 Mike Eerdhuijzen 2000 44 DF 2022-2023
0%
3240 Mike Hauptmeijer 1997 3 GK 2016-2021, 2023-2024
0%
3354 Mike Havekotte 1995 2 GK 2015-2019
0%
1707 Mike Mampuya 1983 33 DF 2007-2008
0%
1309 Mike Trésor 1999 54 MF, FW 2019-2020
0%
3051 Mike van Beijnen 1999 5 DF, MF, FW 2020-2021, 2022-2023
0%
3052 Mike van der Kooy 1989 5 DF 2007-2008
0%
165 Mike Zonneveld 1980 198 DF, MF 2000-2009, 2011-2012
0%
195 Mikhail Rosheuvel 1990 189 MF, FW 2012-2018
0%
1610 Mikkel Duelund 1997 37 MF, FW 2021-2022
0%
3301 Mikko Rahkamaa 1981 2 GK 2001-2002
0%
1763 Mikołaj Lebedyński 1990 32 FW 2011-2012
0%
529 Milan Berck Beelenkamp 1977 116 DF 2000-2002, 2004-2005
0%
2854 Milan Corryn 1999 7 MF, FW 2023-2024
0%
2614 Milan Kopic 1985 11 DF 2008-2010
0%
3381 Milan Lalkovič 1992 2 MF, FW 2011-2012
0%
1547 Milan Massop 1993 41 DF 2016-2017
0%
226 Milano Koenders 1986 180 DF 2006-2014
0%
2666 Milan Robberechts 2004 10 MF, FW 2023-2024
0%
757 Mile Krstev 1979 91 MF 2000-2004
0%
3265 Miloš Zukanović 1996 3 FW 2014-2015
0%
2154 Mimeirhel Benita 2003 22 DF 2021-2023
0%
3241 Mimoun Eloisghiri 1989 3 FW 2012-2013
0%
1713 Mio Backhaus 2004 33 GK 2023-2024
0%
178 Miquel Nelom 1990 194 DF 2010-2017, 2019-2021
0%
1883 Mirano Carrilho 1975 29 DF 2003-2004
0%
3432 Mirco Born 1994 1 FW 2012-2013
0%
2278 Mischa Rook 1973 18 MF 2001-2002
0%
1870 Misha Salden 1973 29 MF 2003-2004
0%
1871 Mitch Apau 1990 29 DF, MF 2013-2014
0%
2115 Mitchell Burgzorg 1987 23 MF 2008-2009
0%
3534 Mitchell de Vlugt 1994 1 MF 2014-2015
0%
561 Mitchell Donald 1988 113 MF 2007-2008, 2009-2010, 2011-2013
0%
428 Mitchell Paulissen 1993 131 MF, FW 2011-2013, 2015-2017, 2021-2022
0%
375 Mitchell Piqué 1979 141 DF 2000-2001, 2002-2003, 2006-2008, 2010-2011, 2012-2013
0%
937 Mitchell Schet 1988 79 MF, FW 2008-2009, 2011-2014
0%
483 Mitchell te Vrede 1991 123 FW 2011-2015, 2017-2018
0%
2001 Mitchell van der Gaag 1971 26 DF 2000-2001
0%
3159 Mitja Mörec 1983 4 DF 2011-2012
0%
1644 Modibo Sagnan 1999 36 DF 2022-2023
0%
2177 Moestafa El Kabir 1988 21 MF, FW 2008-2009
0%
1978 Mohamed Bouchouari 2000 26 DF 2022-2023
0%
453 Mohamed El Hankouri 1997 127 DF, MF, FW 2016-2021
0%
998 Mohamed Messoudi 1984 73 MF 2006-2008
0%
3355 Mohamed Oukhattou 2005 2 MF, FW 2023-2024
0%
1041 Mohamed Rayhi 1994 70 MF, FW 2015-2016, 2019-2020
0%
2952 Mohamed Taabouni 2002 6 MF, FW 2019-2022
0%
920 Mohammed Allach 1973 80 DF 2000-2003
0%
2559 Mohammed Daramy 2002 12 MF, FW 2021-2022
0%
2823 Mohammed El Berkani 1982 8 MF, FW 2003-2004
0%
2953 Morad El Haddouti 1998 6 MF, FW 2019-2020
0%
1181 Moreno Rutten 1993 62 DF, MF 2017-2018
0%
1339 Morten Karlsen 1979 52 DF, MF 2002-2003
0%
2560 Morten Nordstrand 1983 12 FW 2009-2010
0%
1287 Morten Skoubo 1980 55 FW 2008-2010
0%
540 Morten Thorsby 1996 115 MF 2014-2018
0%
2407 Mouhamed Belkheir 1999 15 MF, FW 2023-2024
0%
1910 Mounir Biyadat 1983 28 MF 2004-2005
0%
1156 Mounir El Allouchi 1994 63 MF, FW 2014-2015, 2017-2018
0%
1030 Mourad Mghizrat 1974 72 FW 2001-2002, 2001-2002, 2004-2005, 2004-2005
0%
2890 Moussa Kalisse 1983 7 MF, FW 2011-2012
0%
1273 Moussa Sylla 1999 56 MF, FW 2020-2022
0%
1253 Muamer Tanković 1995 58 MF, FW 2014-2016
0%
2718 Muhammet Tunahan Taşçı 2002 10 MF, FW 2021-2023
0%
344 Muslu Nalbantoğlu 1983 149 DF 2004-2008, 2010-2011
0%
193 Mustafa Saymak 1993 190 MF, FW 2012-2014, 2016-2017, 2019-2021
0%
2602 Myenty Abena 1994 12 DF 2015-2016, 2018-2019
0%
3536 Myron Mau-Asam 2004 1 MF 2023-2024
0%
1299 Myron van Brederode 2003 55 FW 2021-2023
0%
2905 Nabil Bahoui 1991 7 MF, FW 2018-2019
0%
2891 Nadir Çiftçi 1992 7 FW 2012-2013
0%
2915 Naïm Aarab 1988 6 DF, MF 2007-2008
0%
635 Nana Akwasi Asare 1986 103 DF, MF 2009-2012
0%
2572 Naoki Maeda 1994 12 FW 2021-2022
0%
2589 Naoufal Bannis 2002 12 MF, FW 2018-2021
0%
2689 Nashat Akram 1984 10 MF 2009-2010
0%
2954 Nassim El Ablak 2000 6 MF, FW 2018-2020
0%
2590 Nassir Maachi 1985 12 FW 2005-2006
0%
1463 Nathan 1996 45 MF, FW 2015-2016
0%
1813 Nathan Markelo 1999 30 DF, MF 2020-2021, 2022-2023
0%
1548 Navajo Bakboord 1999 41 DF 2019-2021, 2023-2024
0%
1632 Nayib Lagouireh 1991 36 MF, FW 2010-2011
0%
2011 Nemanja Mihajlović 1996 26 MF, FW 2017-2019
0%
2485 Nenad Bjeković 1974 14 MF, FW 2000-2001
0%
2160 Nenad Srećković 1988 22 MF, FW 2011-2012
0%
2345 Nestoras Mitidis 1991 16 FW 2016-2017
0%
2866 Nicholas Marfelt 1994 7 DF, MF 2017-2018
0%
3133 Nick Coster 1985 4 DF, MF 2006-2007
0%
3242 Nick de Bondt 1994 3 MF, FW 2014-2015
0%
2423 Nick Doodeman 1996 15 MF, FW 2021-2022
0%
2955 Nick Fichtinger 2004 6 MF 2023-2024
0%
2872 Nick Proschwitz 1986 7 FW 2017-2018
0%
2086 Nick Venema 1999 24 FW 2016-2019
0%
3433 Niclas Heimann 1991 1 GK 2012-2013
0%
1832 Nico-Jan Hoogma 1968 30 DF 2005-2006
0%
1352 Nicolae Mitea 1985 52 MF, FW 2003-2004, 2006-2007
0%
2097 Nicolai Brock-Madsen 1993 23 FW 2016-2017
0%
2708 Nicolai Næss 1993 10 DF 2017-2018
0%
2799 Nicolas Elsek 1991 8 MF 2020-2021
0%
2261 Nicolás Freire 1994 18 DF 2017-2018
0%
1781 Nicolas Gavory 1995 31 DF, MF 2018-2019
0%
2025 Nicolas Madsen 2000 25 MF 2021-2022
0%
2678 Nicolás Serrano 2003 10 MF, FW 2023-2024
0%
2938 Nico Neidhart 1994 6 DF, MF 2018-2019
0%
2732 Nico Pellatz 1986 9 GK 2010-2011
0%
3537 Niek Loohuis 1986 1 DF 2007-2008
0%
1568 Niek Vossebelt 1991 40 MF 2010-2011, 2012-2013, 2014-2015
0%
557 Niels Fleuren 1986 113 DF 2007-2008, 2009-2012
0%
3357 Niels Leemhuis 1997 2 MF 2017-2019
0%
2956 Niels Oude Kamphuis 1977 6 DF, MF 2006-2007
0%
1396 Niels Vorthoren 1988 49 DF, MF 2007-2008, 2011-2012
0%
574 Niels Wellenberg 1982 111 DF 2004-2010
0%
1957 Nigel Bertrams 1993 27 GK 2016-2018, 2020-2021
0%
2155 Nigel Lonwijk 2002 22 DF 2021-2022
0%
3538 Nigel Robertha 1998 1 FW 2015-2016
0%
1355 Niki Mäenpää 1985 51 GK 2009-2010, 2012-2013
0%
2991 Nikita Rukavytsya 1987 5 MF, FW 2008-2009
0%
1068 Niklas Tarvajärvi 1983 68 MF, FW 2005-2008
0%
2726 Niklas Vesterlund 1999 9 DF, FW 2023-2024
0%
3317 Nikola Gjorgjev 1997 2 MF, FW 2017-2018
0%
1583 Nikolai Baden Frederiksen 2000 39 FW 2019-2020, 2021-2022
0%
967 Nikolai Laursen 1998 76 MF, FW 2019-2021
0%
3100 Nikolaos Ioannidis 1994 4 FW 2014-2015
0%
2509 Nikolaos Michelis 2001 13 DF 2021-2022
0%
1666 Nikolas Agrafiotis 2000 35 MF, FW 2022-2023
0%
2736 Nikos Karelis 1992 9 FW 2020-2021
0%
438 Nils Röseler 1992 129 DF 2011-2013, 2017-2019
0%
3245 Nino Beukert 1988 3 FW 2007-2008
0%
939 Ninos Gouriye 1991 79 FW 2011-2014
0%
1427 Noah Fadiga 1999 48 DF 2020-2021
0%
1667 Noah Naujoks 2002 35 MF, FW 2022-2023
0%
2990 Norair Aslanyan 1991 5 MF, FW 2010-2011
0%
3539 Norbert Alblas 1994 1 GK 2022-2023
0%
2824 Nordin Musampa 2001 8 DF 2021-2022
0%
921 Norichio Nieveld 1989 80 DF, MF 2008-2009, 2010-2012, 2016-2017
0%
3540 Noureddine Boutzamar 1994 1 MF 2015-2016
0%
340 Nuelson Wau 1980 150 DF 2002-2008
0%
1881 Nuri Şahin 1988 29 MF 2007-2008
0%
2378 Nyron Wau 1982 16 MF, FW 2005-2006
0%
2609 Obbi Oulare 1996 11 FW 2016-2017
0%
2225 Ode Thompson 1980 20 FW 2003-2004
0%
1668 Odysseus Velanas 1998 35 MF, FW 2016-2020, 2023-2024
0%
2892 Oebele Schokker 1984 7 MF, FW 2013-2014
0%
2571 Ofir Marciano 1989 12 GK 2021-2022
0%
1902 Ogechika Heil 2000 28 MF, FW 2021-2022
0%
2413 Ögmundur Kristinsson 1989 15 GK 2017-2018
0%
1846 Ognjen Gnjatić 1991 29 MF 2016-2017
0%
2839 Oguchi Onyewu 1982 8 DF 2010-2011
0%
1884 Oğuzhan Türk 1986 29 MF 2012-2013
0%
2075 Ohad Levita 1986 24 GK 2009-2010
0%
268 Olaf Lindenbergh 1974 168 MF 2000-2007
0%
1636 Oleguer Presas 1980 36 DF 2008-2010
0%
2657 Oleksandr Yakovenko 1987 11 MF, FW 2014-2015
0%
2561 Ole Tobiasen 1975 12 DF 2002-2003
0%
2409 Oliver Batista-Meier 2001 15 MF, FW 2020-2021
0%
1920 Oliver Braude 2004 28 DF 2023-2024
0%
2347 Oliver Feldballe 1990 16 MF 2013-2014
0%
841 Oluwafemi Ajilore 1985 86 MF 2008-2010, 2012-2013
0%
3013 Omar Bogle 1993 5 FW 2019-2020
0%
3067 Omar Elabdellaoui 1991 5 DF, MF 2012-2013
0%
3541 Omar el Baad 1996 1 DF 2015-2016
0%
3056 Omar Kavak 1988 5 MF, FW 2013-2014
0%
1579 Ömer Bayram 1991 40 DF, FW 2009-2011
0%
2199 Ondřej Lingr 1998 20 MF, FW 2023-2024
0%
3293 Ondřej Mihálik 1997 2 FW 2017-2018
0%
1220 Ondřej Švejdík 1982 59 DF 2006-2009
0%
979 Onur Kaya 1986 75 MF, FW 2005-2009
0%
2171 Oriol Busquets 1999 21 DF, MF 2019-2020
0%
3420 Orlando Smeekes 1981 1 FW 2003-2004
0%
1442 Osame Sahraoui 2001 47 MF, FW 2022-2023
0%
587 Oscar Moens 1973 109 GK 2000-2002, 2004-2006
0%
2126 Oscar Uddenäs 2002 23 MF, FW 2023-2024
0%
1556 Oskar Buur 1998 40 DF, MF 2022-2023
0%
2653 Oskar Zawada 1996 11 FW 2015-2016
0%
3391 Osmar Ferreyra 1983 1 MF 2005-2006
0%
1265 Ouasim Bouy 1993 57 DF, MF 2015-2016, 2018-2019
0%
1409 Ousmane Sanou 1978 48 FW 2000-2001
0%
641 Oussama Darfalou 1993 102 MF, FW 2018-2022
0%
3542 Özcan Özkaya 1983 1 FW 2002-2003
0%
1815 Pablo Niño 1978 30 MF 2003-2004
0%
1209 Paco van Moorsel 1989 60 MF, FW 2012-2013, 2016-2017
0%
1709 Paolo Fernandes 1998 33 MF, FW 2017-2018
0%
3091 Papito Merencia 1994 4 DF, MF 2013-2014
0%
2156 Pascal Averdijk 1977 22 FW 2000-2001
0%
880 Pascal Heije 1979 83 MF 2000-2001, 2002-2004
0%
481 Patrick Ax 1979 123 MF 2000-2004
0%
2454 Patrick Banggaard 1994 14 DF 2017-2018
0%
1726 Patrick Deckers 1971 33 MF 2001-2002
0%
448 Patrick Joosten 1996 128 MF, FW 2015-2016, 2018-2022
0%
838 Patrick Lodewijks 1967 86 GK 2001-2005
0%
3543 Patrick Maneschijn 1997 1 FW 2016-2017
0%
431 Patrick Mtiliga 1981 130 DF 2002-2004, 2006-2008
0%
2185 Patrick Peelen 1968 21 DF 2001-2002
0%
217 Patrick van Diemen 1972 183 MF 2001-2006
0%
1163 Patrick Vroegh 1999 63 DF, MF 2019-2023
0%
45 Patrick Zwaanswijk 1975 278 DF 2000-2003, 2005-2009
0%
2285 Patrik Ingelsten 1982 18 MF, FW 2008-2009
0%
3302 Patrik Raitanen 2001 2 DF 2019-2020
0%
1913 Paul Beekmans 1982 28 MF 2004-2005
0%
1879 Paul Kpaka 1981 29 FW 2005-2006
0%
2481 Paul Mulders 1981 14 MF 2011-2012, 2013-2014
0%
1285 Paulo Henrique 1989 55 FW 2007-2009
0%
2308 Paulo Rink 1973 17 MF, FW 2003-2004
0%
1435 Paul Quasten 1985 47 DF, MF 2008-2009, 2019-2020
0%
1260 Paulus Roiha 1980 57 FW 2001-2003, 2005-2006
0%
1383 Pavel Čmovš 1990 49 DF 2011-2013
0%
737 Paweł Bochniewicz 1996 93 DF 2020-2021, 2022-2023
0%
3267 Paweł Cibicki 1994 3 FW 2019-2020
0%
2056 Paweł Kieszek 1984 25 GK 2011-2012
0%
2767 Paweł Wojciechowski 1990 9 FW 2008-2009
0%
3015 Pedro Alemañ 2002 5 MF 2022-2023
0%
3282 Pedro Beda 1989 2 FW 2008-2009
0%
1412 Pedro Chirivella 1997 48 MF 2016-2017
0%
3411 Pedro Kamata 1981 1 MF 2002-2003
0%
639 Peet Bijen 1995 103 DF 2014-2017, 2019-2020
0%
381 Pelle van Amersfoort 1996 140 MF, FW 2014-2015, 2016-2018, 2022-2023
0%
1841 Peniel Mlapa 1991 30 FW 2018-2019
0%
3058 Pepijn Kluin 1990 5 FW 2008-2009
0%
3136 Peter Gommeren 1992 4 MF 2012-2013
0%
2475 Peter Hoekstra 1973 14 MF, FW 2000-2001
0%
2255 Peter Hofstede 1967 19 FW 2003-2004
0%
661 Peter Jungschläger 1984 100 MF 2005-2006, 2007-2008, 2010-2011, 2012-2013
0%
1710 Peter Kopteff 1979 33 MF 2006-2007
0%
1532 Peter Leeuwenburgh 1994 42 GK 2021-2022
0%
2061 Peter Maseland 1978 25 MF 2002-2003
0%
3545 Peter Mentink 1978 1 DF 2000-2001
0%
608 Peter Niemeyer 1983 106 DF, MF 2002-2006
0%
1121 Peter Reekers 1981 65 DF 2005-2007, 2009-2010
0%
3360 Peter van der Vlag 1977 2 GK 2014-2016, 2018-2019
0%
2958 Peter van Putten 1982 6 FW 2000-2001
0%
1105 Peter van Vossen 1968 66 FW 2000-2003
0%
671 Peter Wijker 1971 99 DF 2000-2003
0%
2062 Peter Zoïs 1978 24 GK 2000-2001, 2003-2004, 2005-2006
0%
1126 Petter Andersson 1985 65 MF 2008-2009, 2010-2011
0%
2013 Philip Haglund 1987 26 MF, FW 2009-2010
0%
885 Philippe Rommens 1997 82 MF 2021-2023
0%
1783 Philipp Haastrup 1982 31 DF 2012-2013
0%
688 Pieter Collen 1980 96 DF 2000-2006
0%
2893 Pim Saathof 2003 7 DF, MF 2022-2023
0%
1764 Piotr Parzyszek 1993 32 FW 2015-2016, 2017-2018
0%
466 Pius Ikedia 1980 125 MF 2000-2006
0%
607 Pol Llonch 1992 106 MF 2018-2021
0%
2906 Pontus Almqvist 1999 7 MF, FW 2021-2022
0%
560 Predrag Filipović 1975 113 DF 2002-2005
0%
2204 Prince-Désir Gouano 1993 20 DF 2013-2014
0%
2198 Prince Rajcomar 1985 20 FW 2004-2005
0%
2842 Qays Shayesteh 1988 7 MF 2008-2009
0%
459 Queensy Menig 1995 126 MF, FW 2014-2017, 2019-2021
0%
3546 Quincy Boogers 1995 1 MF 2014-2015
0%
2568 Quincy Owusu-Abeyie 1986 12 MF, FW 2016-2017
0%
2221 Quin Kruijsen 1990 27 MF 2010-2012
0%
868 Rachid Bouaouzan 1984 84 MF 2005-2008
0%
1959 Rachid Ofrany 1987 27 FW 2007-2008, 2010-2011
0%
1804 Radinio Balker 1998 31 DF 2022-2023
0%
2229 Radoslav Samardžić 1970 20 FW 2000-2001, 2002-2003
0%
2709 Radosław Matusiak 1982 10 FW 2007-2008
0%
3000 Rafael Pires Vieira 1978 5 FW 2000-2001
0%
2758 Rafael Uiterloo 1990 9 FW 2008-2009
0%
2190 Rafik Zekhnini 1998 21 MF, FW 2019-2020
0%
404 Rahim Ouédraogo 1980 135 DF 2000-2001, 2002-2005, 2007-2008
0%
3005 Raily Ignacio 1987 5 FW 2009-2010
0%
3300 Raio Piiroja 1979 2 DF 2011-2012
0%
733 Rai Vloet 1995 93 MF, FW 2014-2015, 2017-2018, 2020-2021
0%
2833 Rajko Brežančić 1989 8 DF 2015-2016
0%
1144 Rami Al Hajj 2001 64 MF, FW 2018-2022
0%
1235 Rami Kaib 1997 59 DF, FW 2020-2022
0%
1515 Ramon Hendriks 2001 43 DF 2021-2023
0%
2186 Ramon Luijten 1981 21 MF 2000-2001, 2003-2004
0%
953 Ramon Lundqvist 1997 78 MF, FW 2016-2022
0%
840 Ramon van Haaren 1972 86 DF 2000-2001, 2002-2003, 2005-2006
0%
2527 Randy Rustenberg 1984 13 DF 2004-2005
0%
1588 Randy Wolters 1990 39 MF, FW 2007-2008, 2016-2017
0%
1681 Rangelo Janga 1992 34 FW 2010-2011
0%
3137 Raoul Henar 1972 4 FW 2003-2004
0%
3059 Raphaël Eyongo 2003 5 MF, FW 2022-2023
0%
2048 Rashaan Fernandes 1998 25 MF, FW 2017-2018, 2022-2023
0%
796 Rasmus Bengtsson 1986 89 DF 2010-2014
0%
2405 Rasmus Karjalainen 1996 15 MF, FW 2019-2020
0%
2727 Rasmus Thelander 1991 9 DF 2018-2019
0%
3103 Ravel Morrison 1993 4 MF, FW 2020-2021
0%
2424 Raymond Bronkhorst 1978 15 MF 2002-2003
0%
3138 Raymond de Waard 1973 4 MF 2000-2001
0%
1727 Raymond Fafiani 1983 33 MF 2003-2004
0%
3548 Raymond van Driel 1983 1 GK 2007-2008
0%
329 Raymond Victoria 1972 151 DF, MF 2000-2005
0%
3060 Raymon van Emmerik 1980 5 GK 2005-2006
0%
3102 Raz Meir 1996 4 DF 2023-2024
0%
2351 Reagy Ofosu 1991 16 MF, FW 2016-2017
0%
1423 Reda Kharchouch 1995 48 MF, FW 2020-2021, 2022-2023
0%
3549 Redouan El Hankouri 2001 1 MF 2018-2019
0%
1010 Regillio Vrede 1973 73 DF 2000-2001, 2003-2004
0%
2116 Reginald Faria 1981 23 FW 2003-2004
0%
3153 Reimond Manco 1990 4 MF, FW 2008-2009
0%
3246 Rein Baart 1972 3 GK 2001-2002, 2009-2010
0%
473 Reinier Robbemond 1972 124 MF 2000-2004, 2007-2008
0%
1211 Remco Balk 2001 60 MF, FW 2019-2022
0%
1914 Remco Heerkens 1977 28 MF 2000-2001
0%
1758 Remco Schol 1973 32 DF 2002-2003
0%
3550 Remco Snippe 1985 1 DF 2003-2004
0%
287 Remco van der Schaaf 1979 162 DF, MF 2000-2007
0%
1522 Rémy Vita 2001 42 DF, MF 2022-2023
0%
3406 Renan Zanelli 1992 1 MF 2014-2015
0%
734 René Ponk 1971 93 GK 2001-2006
0%
972 René van Dieren 1981 76 MF 2000-2002, 2006-2007
0%
748 René van Rijswijk 1971 92 FW 2000-2003
0%
3551 Renze Fij 1992 1 GK 2014-2016
0%
869 Reuven Niemeijer 1995 84 MF, FW 2016-2018, 2023-2024
0%
644 Reza Ghoochannejad 1987 102 FW 2008-2009, 2016-2017, 2019-2020
0%
3281 Rheda Djellal 1991 2 FW 2011-2012
0%
1516 Ricardo Ippel 1990 43 MF 2010-2011, 2012-2013, 2014-2015
0%
1364 Ricardo Kishna 1995 51 MF, FW 2013-2014, 2017-2018, 2020-2021
0%
2712 Ricardo Sousa 1979 10 MF 2004-2005
0%
3553 Ricardo Talu 1993 1 DF 2012-2013
0%
510 Richairo Živković 1996 119 FW 2012-2016, 2022-2023
0%
1891 Richal Leitoe 1983 28 MF, FW 2003-2004
0%
2049 Richard Elzinga 1969 25 DF 2000-2001
0%
2280 Richard Haklander 1984 18 MF 2004-2005
0%
304 Richard Knopper 1977 159 MF 2000-2001, 2003-2006, 2008-2009
0%
2352 Richard Neudecker 1996 16 MF, FW 2019-2020
0%
1569 Richard Roelofsen 1969 40 FW 2002-2003, 2004-2005
0%
3554 Richard Stolte 1990 1 MF 2009-2010
0%
3555 Richard Terpstra 1982 1 DF 2002-2003
0%
3247 Richard van Nieuwkoop 1987 3 GK 2006-2007
0%
1622 Richard Witschge 1969 37 MF 2000-2001, 2002-2003
0%
2796 Richelor Sprangers 1998 8 FW 2017-2018
0%
3164 Richie Basoski 1987 4 FW 2005-2006
0%
2825 Richie Musaba 2000 8 MF, FW 2018-2019, 2021-2022
0%
2162 Richie Omorowa 2004 22 FW 2023-2024
0%
2734 Richmond Boakye 1993 9 FW 2015-2016
0%
1915 Richonell Margaret 2000 28 MF, FW 2018-2019, 2023-2024
0%
2392 Richy Ledezma 2000 16 MF, FW 2019-2023
0%
3556 Rick Ketting 1996 1 DF 2016-2017
0%
2002 Rick Meissen 2002 26 DF 2021-2023
0%
2323 Rick Plum 1973 17 DF 2001-2002
0%
612 Rick ten Voorde 1991 106 MF, FW 2009-2012, 2014-2015
0%
1796 Rick van Drongelen 1998 31 DF 2016-2017
0%
1631 Rick Versteeg 1976 37 MF 2000-2002
0%
2256 Ricky Bochem 1982 19 MF 2002-2003
0%
662 Ricky van Haaren 1991 100 MF 2009-2014
0%
2894 Rick Zuijderwijk 2001 7 DF, MF, FW 2019-2021
0%
3288 Rigino Cicilia 1994 2 FW 2015-2016
0%
2087 Rik Platvoet 1975 24 FW 2003-2004
0%
2647 Rik Sebens 1988 11 MF 2007-2008, 2010-2011
0%
2528 Ringo Meerveld 2000 13 MF 2021-2022
0%
2728 Riza Durmisi 1994 9 DF 2021-2022
0%
2003 Roald van Hout 1988 26 MF, FW 2009-2010, 2011-2012
0%
3248 Robbert te Loeke 1988 3 GK 2014-2015
0%
657 Robbie Haemhouts 1983 100 MF 2002-2004, 2012-2013, 2014-2015, 2017-2018
0%
2399 Robert 1981 15 FW 2004-2005
0%
3193 Robert Böhm 1988 3 GK 2009-2010
0%
235 Robert Braber 1982 178 MF, FW 2006-2007, 2011-2015
0%
1048 Robert Cullen 1985 69 FW 2010-2012
0%
336 Robert Fuchs 1975 151 MF 2000-2006
0%
1424 Robert-Jan Ravensbergen 1978 48 DF 2002-2003
0%
3284 Robert Murić 1996 2 MF, FW 2015-2016
0%
2759 Roberto Lanckohr 1969 9 MF 2000-2001
0%
1106 Robert Roest 1969 66 DF 2000-2002
0%
1390 Roberts Uldriķis 1998 49 FW 2021-2022
0%
2222 Robert van Boxel 1983 20 DF 2002-2003, 2013-2014
0%
2281 Robert van Westerop 1978 18 GK 2003-2004
0%
3249 Robert Wijnands 1971 3 DF 2002-2003
0%
1776 Rob Friend 1981 31 MF, FW 2006-2007
0%
2223 Robin Buwalda 1994 20 DF 2011-2012, 2013-2014, 2016-2017
0%
1341 Robin Maulun 1996 52 MF, FW 2021-2023
0%
3195 Robin Polley 1998 3 DF, FW 2018-2019, 2021-2022
0%
3434 Robin Udegbe 1991 1 GK 2011-2012
0%
2932 Rocco Robert Shein 2003 6 MF 2021-2022
0%
3139 Roderick Gielisse 1990 4 DF, MF 2010-2011
0%
3557 Rodney Cairo 1975 1 MF 2000-2001
0%
1107 Rody Turpijn 1978 66 MF, FW 2000-2002
0%
2619 Roger 1976 11 MF 2006-2007
0%
3364 Rogier Benschop 1998 2 FW 2017-2018
0%
3141 Rogier Krohne 1986 4 FW 2005-2006, 2007-2008
0%
210 Rogier Molhoek 1981 184 MF 2001-2011
0%
2529 Rogier Veenstra 1987 13 FW 2006-2007
0%
3142 Rohat Agca 2001 4 MF 2020-2021
0%
621 Roland Alberg 1990 105 MF, FW 2011-2012, 2013-2015
0%
2779 Roland Kollmann 1976 8 FW 2001-2002
0%
751 Rolf Landerl 1975 91 MF, FW 2000-2003
0%
1425 Romano Postema 2002 48 MF, FW 2019-2022
0%
3143 Romano van der Stoep 1994 4 FW 2012-2013
0%
1936 Romaric Yapi 2000 27 DF, FW 2021-2023
0%
3144 Rome-Jayden Owusu-Oduro 2004 4 GK 2022-2023
0%
2005 Ronald Breinburg 1981 26 DF 2003-2004
0%
3559 Ronald Dassen 1975 1 DF 2000-2001
0%
1589 Ronald Graafland 1979 39 GK 2006-2007, 2013-2014
0%
1278 Ronald Hamming 1973 56 FW 2000-2001
0%
2961 Ron Heesakkers 1978 6 FW 2000-2001
0%
1833 Ronnie Reniers 1987 30 MF, FW 2008-2009, 2012-2013
0%
2778 Ronny Nouwen 1982 8 MF 2002-2003
0%
807 Ronny Venema 1974 88 DF 2000-2003
0%
2262 Rostyn Griffiths 1988 18 MF 2015-2016
0%
1533 Rowin van Zaanen 1984 42 MF, FW 2003-2004, 2008-2009, 2010-2011
0%
507 Roy Beukenkamp 1968 120 GK 2000-2003
0%
1966 Roy Gelmi 1995 27 DF 2019-2020
0%
765 Roy Stroeve 1977 91 FW 2003-2005
0%
3560 Roy Terschegget 1987 1 MF 2008-2009
0%
1476 Ruben Ligeon 1992 45 DF, MF 2011-2015, 2017-2018
0%
2908 Rubén Ramírez 1995 7 DF 2018-2019
0%
1728 Ruben Roosken 2000 33 DF, FW 2019-2020, 2021-2022, 2023-2024
0%
1479 Ruben Yttergård Jenssen 1988 45 MF 2016-2017
0%
1594 Rubio Rubin 1996 38 FW 2014-2016
0%
1759 Rui Monteiro 1977 32 MF 2000-2001
0%
2973 Runar Espejord 1996 6 MF, FW 2019-2020
0%
712 Ruslan Valeyev 1981 95 MF 2000-2002, 2004-2005
0%
951 Ruud Berger 1980 78 FW 2000-2001, 2005-2006, 2009-2010
0%
2995 Ruud Boffin 1987 5 GK 2009-2010
0%
808 Ruud Boymans 1989 88 FW 2009-2012, 2014-2015
0%
1183 Ruud Hesp 1965 62 GK 2000-2001
0%
364 Ruud Knol 1981 144 DF 2000-2006, 2008-2009
0%
1194 Ruud Kras 1982 61 DF 2002-2003
0%
3145 Ruud ter Heide 1982 4 FW 2001-2002
0%
3146 Ruud van der Rijt 1988 4 DF 2012-2013
0%
2940 Ryan Johansson 2001 6 DF, MF 2021-2022
0%
1269 Ryan Sanusi 1992 56 MF 2012-2013, 2016-2017
0%
3407 Ryan Trotman 1999 1 FW 2017-2018
0%
2655 Sadik Fofana 2003 11 DF 2023-2024
0%
525 Said Bakkati 1982 117 DF 2000-2006
0%
80 Saïd Boutahar 1982 241 MF 2001-2009
0%
2494 Saïd Hamulic 2000 13 FW 2023-2024
0%
1148 Saidi Ntibazonkiza 1987 63 MF, FW 2006-2009
0%
983 Sai van Wermeskerken 1994 75 DF 2014-2015, 2019-2023
0%
3561 Samet Bulut 1996 1 FW 2015-2016
0%
1729 Sam Hendriks 1995 33 MF, FW 2015-2016, 2021-2022
0%
1695 Samir El Gaaouiri 1984 34 MF 2001-2002, 2004-2005, 2007-2008
0%
2648 Samir El Moussaoui 1986 11 DF 2006-2007, 2008-2009
0%
1993 Samir Fazli 1991 26 FW 2009-2013
0%
2760 Samir Lagsir 2003 9 MF, FW 2020-2021, 2023-2024
0%
676 Samir Memišević 1993 98 DF, MF 2016-2019
0%
3272 Samir Ouindi 1979 3 FW 2000-2001
0%
766 Sam Kersten 1998 91 DF 2019-2021, 2023-2024
0%
2546 Sam Lundholm 1994 13 MF 2015-2016
0%
1779 Sammy Youssouf 1976 31 FW 2003-2004
0%
1986 Sam Schreck 1999 26 DF, MF 2019-2020
0%
2788 Sam Stubbs 1998 8 DF 2019-2020
0%
3308 Samuel Kuffour 1976 2 DF 2007-2008
0%
2450 Samuel Moutoussamy 1996 14 MF, FW 2020-2021
0%
2912 Samuel Şahin-Radlinger 1992 6 GK 2023-2024
0%
1596 Samuel Scheimann 1987 38 DF 2011-2012, 2019-2020
0%
2331 Samuel Štefánik 1991 17 MF 2013-2014
0%
2681 Samy Baghdadi 1997 10 MF, FW 2021-2022
0%
2295 Samy Bourard 1996 17 MF, FW 2020-2021
0%
312 Sander Duits 1983 157 MF 2002-2003, 2004-2005, 2011-2014, 2016-2017
0%
3562 Sander Rozema 1987 1 MF 2007-2008
0%
3563 Sander Sybrandy 2004 1 MF 2022-2023
0%
3564 Sander van Looy 1997 1 DF 2015-2017
0%
1876 Sander Westerveld 1974 29 GK 2007-2008
0%
1142 Sandro Calabro 1983 64 MF, FW 2003-2004, 2007-2008, 2009-2010
0%
2159 Sani Kaita 1986 22 MF 2005-2007
0%
3565 Sanny Monteiro 1989 1 DF 2012-2013
0%
161 Santi Kolk 1981 199 MF, FW 2000-2003, 2006-2009, 2011-2012
0%
2702 Santy Hulst 1987 10 MF 2009-2010
0%
2977 Sava Cestic 2001 6 DF 2023-2024
0%
2920 Sávio 2004 6 MF, FW 2022-2023
0%
895 Sebastiaan Steur 1984 82 MF, FW 2003-2004, 2006-2009
0%
1282 Sebastian Holmén 1992 56 DF 2019-2020
0%
2101 Sebastian Jakubiak 1993 23 MF, FW 2017-2018, 2019-2020
0%
813 Sebastián Pardo 1982 87 MF 2002-2007
0%
1752 Sebastian Polter 1991 32 FW 2020-2021
0%
2538 Sebastian Steblecki 1992 13 MF 2014-2015
0%
2562 Sebastian Svärd 1983 12 MF 2009-2010
0%
2397 Sébastien Locigno 1995 15 DF, MF 2016-2017
0%
890 Sébastien Sansoni 1978 82 DF 2006-2008
0%
2667 Sébastien Stassin 1978 10 DF 2000-2001
0%
2264 Sebbe Augustijns 1999 18 MF, FW 2019-2022
0%
3366 Segun Owobowale 1997 2 FW 2014-2015
0%
2687 Sékou Oumar Sylla 1999 10 DF 2021-2022
0%
3171 Sekou Sidibe 2001 3 MF, FW 2020-2021
0%
2118 Sem Scheperman 2002 23 DF, MF 2021-2022, 2023-2024
0%
285 Sepp De Roover 1984 162 DF 2006-2009, 2012-2014
0%
1834 Serano Seymor 2002 30 DF 2022-2023
0%
3566 Serdar Gökkaya 1989 1 FW 2008-2009
0%
3617 Serdar Öztürk 1988 1 FW 2007-2008
0%
211 Serginho Greene 1982 184 DF, MF 2002-2009
0%
2224 Sergio Hellings 1984 20 MF 2005-2006
0%
256 Sérgio Oliveira 1981 171 MF 2000-2005
0%
1302 Sergio Peña 1995 55 MF, FW 2019-2020
0%
1367 Sergio Rochet 1993 51 GK 2014-2016
0%
952 Sergio Zijler 1987 78 MF, FW 2006-2009
0%
3298 Sergi Rosanas 2001 2 DF 2023-2024
0%
2593 Serhat Koç 1990 12 FW 2009-2010
0%
3567 Serhat Köksal 1990 1 MF 2010-2011
0%
3075 Seydihan Başlantı 1983 5 FW 2002-2003
0%
3086 Seydina Diarra 1994 4 MF 2013-2014
0%
3077 Shabir Isoufi 1992 4 MF 2010-2011
0%
1540 Shadrach Eghan 1994 41 MF 2012-2015
0%
3607 Shane O'Neill 1993 1 DF, MF 2017-2018
0%
3148 Shaquile Woudstra 1997 4 DF 2017-2018
0%
975 Shaquille Pinas 1998 76 DF, MF 2017-2020
0%
942 Sharbel Touma 1979 79 MF, FW 2004-2006
0%
3183 Shay Facey 1995 3 DF 2016-2017
0%
1642 Sheran Yeini 1986 36 DF, MF 2015-2016
0%
342 Sherel Floranus 1998 149 DF 2016-2020, 2023-2024
0%
2867 Sherif Ekramy 1983 7 GK 2005-2007
0%
3569 Sherwin Grot 1990 1 MF, FW 2009-2010
0%
1123 Shkodran Metaj 1988 65 DF, MF 2007-2010
0%
2269 Shunsuke Mito 2002 18 MF, FW 2023-2024
0%
1535 Shurandy Sambo 2001 42 DF 2020-2021, 2022-2023
0%
3367 Shutlan Axwijk 1986 2 FW 2003-2004
0%
853 Sidney Lammens 1977 84 DF 2003-2005
0%
3062 Sidney Schmeltz 1989 5 MF 2008-2009
0%
1775 Siebe Blondelle 1986 31 DF, MF 2005-2007
0%
2855 Sieben Dewaele 1999 7 MF, FW 2020-2021
0%
2895 Siem de Moes 2004 7 DF 2023-2024
0%
1593 Siemen Voet 2000 38 DF 2021-2022, 2023-2024
0%
822 Sieme Zijm 1978 87 MF 2000-2001, 2006-2007
0%
767 Sigourney Bandjar 1984 91 DF 2006-2007, 2011-2012
0%
1669 Silvan Inia 1969 35 MF 2000-2001
0%
3380 Silvinho Esajas 2002 2 DF 2020-2021
0%
3283 Simeon Raykov 1989 2 MF 2016-2017
0%
3162 Simon Church 1988 4 FW 2016-2017
0%
2927 Simon Makienok 1990 6 FW 2018-2019
0%
1739 Simon Thern 1992 33 MF, FW 2014-2016
0%
797 Simon Tibbling 1994 89 MF 2014-2016, 2020-2021
0%
2649 Simon Van Duivenbooden 2002 11 MF, FW 2021-2023
0%
2962 Simon van Zeelst 1994 6 MF 2012-2013
0%
1254 Sinan Bakış 1994 58 FW 2020-2021
0%
2550 Sinan Bytyqi 1995 12 MF 2014-2015, 2016-2017
0%
2838 Sinan Kaloğlu 1981 8 FW 2009-2010
0%
3570 Sjoerd Schrier 1984 1 DF 2004-2005
0%
1517 Sjors Verdellen 1981 43 DF 2007-2008, 2009-2010
0%
1607 Slobodan Tedić 2000 38 FW 2020-2021
0%
2325 Sofian Akouili 1989 17 DF, MF 2012-2013
0%
2776 Sofiane el Khadri 1983 9 MF 2001-2002
0%
2921 Somália 1977 6 FW 2000-2001
0%
793 Sondre Tronstad 1995 89 MF 2019-2022
0%
1324 Song Chong-gug 1979 53 DF, MF 2002-2004
0%
1279 Sonny Stevens 1992 56 GK 2014-2016, 2018-2019, 2021-2022
0%
1270 Søren Rieks 1987 56 DF, MF 2012-2013
0%
2455 Søren Tengstedt 2000 14 MF, FW 2023-2024
0%
1754 Sōta Hirayama 1985 32 FW 2005-2006
0%
2426 Soufiane Dadda 1990 15 FW 2009-2011
0%
1616 Soufian El Hassnaoui 1989 37 MF, FW 2010-2011
0%
2703 Soufian Moro 1993 10 MF 2012-2013, 2014-2015
0%
2594 Soufyan Ahannach 1995 12 MF, FW 2017-2018
0%
3399 Spencer Verbiest 1984 1 DF 2003-2004
0%
399 Spira Grujić 1971 137 DF 2000-2005
0%
1890 Srđan Lakić 1983 28 FW 2007-2008
0%
3408 Stanislav Shopov 2002 1 MF 2020-2021
0%
2296 Stanley Aborah 1987 17 MF 2004-2005, 2011-2012
0%
440 Stanley Elbers 1992 129 MF, FW 2011-2012, 2015-2019
0%
2704 Stan van Dijck 2000 10 DF, MF 2018-2020
0%
1518 Steef Nieuwendaal 1986 43 MF 2004-2005, 2006-2008
0%
2716 Stefan Babović 1987 10 MF 2009-2010
0%
1574 Ștefan Nanu 1968 40 DF 2000-2002
0%
1928 Stefano Magnasco 1992 27 DF 2012-2013
0%
595 Stefano Marzo 1991 107 DF, MF 2013-2016
0%
2987 Stefano Ricci 1974 6 DF 2000-2001
0%
1018 Stefan Postma 1976 72 GK 2000-2001, 2006-2007
0%
798 Stefan Selaković 1977 89 MF, FW 2001-2004
0%
1290 Stefan Thesker 1991 55 DF, MF 2015-2017
0%
3177 Stefan Velkov 1996 3 DF 2019-2020
0%
2141 Steffen Schäfer 1994 22 DF, MF 2019-2020
0%
2595 Stef Gronsveld 1996 12 DF 2018-2019
0%
179 Stef Nijland 1988 194 MF, FW 2007-2011, 2013-2018
0%
259 Stein Huysegems 1982 170 FW 2003-2008, 2010-2011
0%
3149 Stephan van Hoving 1983 4 DF 2003-2004
0%
3571 Stephan Veenboer 1987 1 GK 2007-2008
0%
3168 Stephen Laybutt 1977 3 DF 2000-2001
0%
3369 Steven Edwards 1991 2 DF, MF 2012-2013
0%
723 Steven Pienaar 1982 94 MF 2001-2005
0%
417 Steve Olfers 1982 133 DF 2002-2006
0%
1760 Stije Resink 2003 32 MF 2023-2024
0%
2477 Stijn Bultman 2005 14 DF 2023-2024
0%
1256 Stijn Haeldermans 1975 57 MF 2000-2001
0%
1266 Stijn Spierings 1996 57 MF, FW 2014-2017, 2019-2020
0%
1657 Stipe Perica 1995 35 FW 2013-2014
0%
2861 Stipe Radić 2000 7 DF 2022-2023
0%
3421 Suently Alberto 1996 1 DF 2014-2015
0%
1945 Suk Hyun-jun 1991 27 FW 2011-2012
0%
2976 Sullay Kaikai 1995 6 FW 2018-2019
0%
3003 Sun Xiang 1982 5 DF 2006-2007
0%
2339 Sven Delanoy 1983 16 DF 2003-2005
0%
1044 Sven Kums 1988 69 MF 2011-2013
0%
768 Sven Nieuwpoort 1993 91 DF 2014-2015, 2018-2019, 2022-2023
0%
1686 Sven Sonnenberg 1999 34 DF 2021-2022, 2023-2024
0%
999 Sven Vandenbroeck 1979 73 MF 2000-2004
0%
3572 Sven Werkhoven 1984 1 MF 2005-2006
0%
1350 Syb Van Ottele 2002 52 DF, MF 2020-2023
0%
3250 Sylian Mokono 1999 3 DF 2019-2021, 2023-2024
0%
3426 Tafari Moore 1997 1 DF 2016-2017
0%
2282 Taiwo Awoniyi 1997 18 MF, FW 2016-2017
0%
2625 Tamás Kádár 1990 11 DF 2012-2013
0%
2626 Tamás Kiss 2000 11 MF, FW 2021-2022
0%
872 Tamás Pető 1974 83 MF 2001-2006
0%
3573 Tarik Evre 1996 1 DF 2015-2016
0%
2896 Tarik Kada 1996 7 FW 2014-2016
0%
2826 Tarik Oulida 1974 8 MF 2003-2004
0%
408 Tarik Sektioui 1977 135 MF, FW 2000-2006
0%
2630 Tarik Tissoudali 1993 11 MF, FW 2017-2018
0%
1854 Teddy Chevalier 1987 29 MF, FW 2012-2013
0%
3370 Ted Heijckmann 1991 2 FW 2010-2011
0%
678 Terell Ondaan 1993 98 MF, FW 2014-2018
0%
2762 Terry Lartey Sanniez 1996 9 DF, FW 2022-2023
0%
811 Tesfaldet Tekie 1997 88 MF 2019-2022
0%
1670 Teun Bijleveld 1998 35 MF, FW 2019-2020, 2022-2023
0%
3574 Teun Gijselhart 2005 1 MF 2023-2024
0%
2175 Thanasis Karagounis 1991 21 MF, FW 2013-2014, 2016-2017
0%
2624 Thanasis Papazoglou 1988 11 FW 2016-2017
0%
1855 Théo Barbet 2001 29 DF 2023-2024
0%
700 Theo Zwarthoed 1982 96 GK 2001-2002, 2004-2006, 2016-2018
0%
2916 Thibaud Verlinden 1999 6 MF, FW 2020-2021
0%
1979 Thibo Baeten 2002 26 MF, FW 2023-2024
0%
1820 Thierry Ambrose 1997 30 MF, FW 2017-2018
0%
962 Thierry Lutonda 2000 76 DF 2020-2023
0%
2427 Thijmen Blokzijl 2005 15 DF 2020-2022
0%
1571 Thijmen Goppel 1997 40 DF, MF, FW 2017-2019
0%
3252 Thijs Hendriks 1985 3 FW 2003-2004
0%
993 Thijs Houwing 1981 74 FW 2000-2002
0%
1835 Thijs Sluijter 1980 30 MF 2005-2006
0%
3371 Thijs van Hofwegen 1992 2 DF 2013-2014
0%
2031 Thilo Leugers 1991 25 DF, MF 2010-2012
0%
1988 Thomas Agyepong 1996 26 MF, FW 2015-2016, 2017-2018
0%
2996 Thomas Azevedo 1991 5 MF 2013-2014
0%
1168 Thomas Bælum 1978 62 DF 2006-2007
0%
3575 Thomas Beekman 2000 1 MF 2021-2022
0%
482 Thomas Buitink 2000 123 MF, FW 2017-2023
0%
1926 Thomas Chatelle 1981 27 MF 2010-2011
0%
2674 Thomas Dalgaard 1984 10 FW 2014-2015
0%
902 Thomas Enevoldsen 1987 81 MF, FW 2009-2011, 2017-2018
0%
1080 Thomas Meißner 1991 67 DF 2016-2018
0%
1836 Thomas Oude Kotte 1996 30 DF 2015-2016, 2017-2018
0%
908 Thomas Ouwejan 1996 81 DF, MF 2015-2019
0%
2965 Thomas Poll 2001 6 DF, FW 2019-2020, 2023-2024
0%
1236 Thomas Prager 1985 58 MF 2003-2007
0%
3577 Thomas Rier 2000 1 DF, FW 2021-2022
0%
1426 Thomas van den Belt 2001 48 DF, MF 2018-2021, 2023-2024
0%
1291 Thorsten Kirschbaum 1987 55 GK 2019-2020
0%
2228 Tiago Dantas 2000 20 MF 2023-2024
0%
1990 Tibor Dombi 1973 26 MF 2000-2001
0%
1046 Tibor Halilović 1995 69 MF, FW 2020-2022
0%
1212 Tieme Klompe 1976 60 DF 2000-2002, 2004-2005
0%
2050 Tijs Velthuis 2002 25 DF 2020-2021, 2023-2024
0%
3172 Tim Aelbrecht 1982 3 MF 2003-2004
0%
532 Tim Bakens 1982 116 DF 2001-2002, 2005-2006, 2008-2009
0%
3253 Tim Blättler 1994 3 FW 2015-2016
0%
2478 Tim Coremans 1991 14 GK 2014-2015, 2017-2018, 2019-2020, 2021-2022
0%
3400 Tim De Meersman 1985 1 MF 2006-2007
0%
2428 Tim Eekman 1991 15 DF 2010-2011
0%
2966 Tim Freriks 1998 6 MF, FW 2017-2018
0%
365 Tim Gilissen 1982 144 MF 2007-2013
0%
1714 Tim Handwerker 1998 33 DF 2018-2019, 2023-2024
0%
3063 Tim Hofstede 1989 5 DF 2008-2009
0%
2827 Tim Keurntjes 1991 8 DF, MF 2011-2012
0%
2675 Timmi Johansen 1987 10 DF 2006-2007
0%
2173 Timo Baumgartl 1996 21 DF 2019-2020
0%
411 Timo Letschert 1993 135 DF, MF 2012-2015, 2018-2019, 2020-2021
0%
3578 Timo Plattel 1994 1 GK 2012-2013, 2015-2016
0%
3254 Timo Zaal 2004 3 DF, MF 2020-2022
0%
2531 Tim Siekman 1990 13 DF 2018-2019
0%
1199 Tim Smolders 1980 60 MF 2004-2005
0%
985 Tim Vincken 1986 75 MF, FW 2004-2006, 2010-2011
0%
289 Tininho 1977 161 DF, MF 2000-2001, 2002-2006
0%
1927 Tino-Sven Sušić 1992 27 MF 2018-2019
0%
1377 Tjeerd Korf 1983 50 FW 2002-2003, 2007-2008
0%
2685 Tobias Haitz 1992 10 DF 2013-2014
0%
3394 Tobias Kainz 1992 1 DF, MF 2010-2011
0%
3065 Tobias Waisapy 1988 5 DF 2010-2011
0%
1524 Todd Kane 1993 42 DF 2015-2016, 2017-2018
0%
2486 Tolgahan Çiçek 1995 14 DF 2015-2016
0%
1538 Tomáš Hájek 1991 42 DF 2019-2022
0%
1153 Tomáš Kalas 1993 63 DF 2011-2012
0%
1023 Tomáš Necid 1989 71 FW 2014-2015, 2018-2019
0%
2710 Tomasz Iwan 1971 10 MF 2000-2001
0%
604 Tomasz Rząsa 1973 107 DF 2000-2002, 2004-2005
0%
3255 Tom Daemen 1985 3 MF 2015-2016
0%
3579 Tom Hendriks 2002 1 GK 2018-2023
0%
2289 Tomi Juric 1991 17 FW 2015-2016
0%
2671 Tomislav Gomelt 1995 10 MF 2020-2021
0%
2968 Tom Menting 1994 6 MF 2015-2016
0%
231 Tommie van der Leegte 1977 179 MF 2000-2005, 2007-2009
0%
1521 Tom Muyters 1984 42 GK 2015-2016
0%
2102 Tom Trybull 1993 23 MF 2016-2017
0%
1730 Tom van de Looi 1999 33 MF 2017-2019
0%
1134 Tom Van Hyfte 1986 64 MF, FW 2015-2016
0%
2326 Tom Zoontjes 1985 17 DF 2004-2005
0%
1542 Toni Domgjoni 1998 41 MF 2021-2023
0%
1635 Toni Varela 1986 36 MF 2009-2010, 2014-2015
0%
2650 Tony Alberda 1974 11 FW 2000-2001
0%
2165 Tony Vidmar 1970 21 DF 2005-2006
0%
1591 Torgeir Børven 1991 39 FW 2013-2016
0%
2651 Toshio Lake 2001 11 MF, FW 2021-2022
0%
2462 Toshiya Fujita 1971 14 MF, FW 2003-2004
0%
1703 Trent Sainsbury 1992 33 DF 2013-2015, 2018-2019
0%
2340 Tristan Peersman 1979 16 GK 2005-2006
0%
3580 Tristan van Gilst 2003 1 FW 2021-2022
0%
1744 Tsiy-William Ndenge 1997 32 MF 2017-2018
0%
3155 Tudor Băluță 1999 4 MF 2019-2020
0%
3374 Turan Tuzlacik 2001 2 DF, MF 2021-2022
0%
583 Tyrone Loran 1981 109 DF 2004-2005, 2007-2010
0%
1301 Uche Nwofor 1991 55 FW 2011-2013
0%
2391 Uğur İnceman 1981 16 MF 2015-2016
0%
882 Uğur Yıldırım 1982 83 MF, FW 2004-2006
0%
3315 Ulises Dávila 1991 2 MF, FW 2011-2012
0%
2188 Ulrich van Gobbel 1971 21 DF 2000-2001
0%
2122 Ulrik Yttergård Jenssen 1996 23 DF 2021-2022
0%
3076 Ulysses Llanez 2001 5 FW 2020-2021
0%
1964 Úmaro Embaló 2001 27 MF, FW 2022-2023
0%
2213 Uriel Antuna 1997 20 MF, FW 2017-2018
0%
2078 Uroš Đurđević 1994 24 FW 2013-2015
0%
3595 Vajebah Sakor 1996 1 MF 2016-2017
0%
623 Valeri Qazaishvili 1993 104 MF, FW 2011-2016
0%
2897 Valéry Sedoc 1985 7 DF 2003-2005
0%
3257 Van de Meerakker 1981 3 DF 2002-2003
0%
3310 Vasileios Sourlis 2002 2 MF 2022-2023
0%
2777 Vasil Shkurti 1992 8 FW 2013-2014
0%
1897 Veli Lampi 1984 28 DF 2010-2011
0%
1762 Vicente Besuijen 2001 32 MF, FW 2020-2021, 2022-2023
0%
2898 Victor Kros 1981 7 GK 2001-2002
0%
288 Victor Sikora 1978 162 MF, FW 2000-2007
0%
2969 Victor van den Bogert 1999 6 DF, FW 2016-2020
0%
2668 Vincent Euvrard 1982 10 DF 2004-2005
0%
771 Vincent Lachambre 1980 90 DF 2001-2002, 2003-2004, 2005-2006, 2008-2010
0%
3150 Vincent Pichel 2001 4 MF, FW 2022-2023
0%
3582 Vincent Schmidt 1996 1 DF 2015-2016
0%
940 Vincent Vermeij 1994 79 FW 2015-2018
0%
1597 Vitalie Damașcan 1999 38 FW 2019-2020
0%
2557 Vít Valenta 1984 12 MF 2008-2009
0%
2540 Vivaldo Semedo 2005 13 FW 2023-2024
0%
341 Vladan Kujović 1978 150 GK 2002-2006, 2010-2011
0%
1778 Vojtěch Schulmeister 1983 31 FW 2008-2009
0%
1401 Vyacheslav Karavayev 1995 49 DF 2017-2019
0%
1343 Vytas Andriuškevičius 1990 52 DF 2014-2015
0%
1947 Walid Ould-Chikh 1999 27 MF, FW 2022-2023
0%
2266 Wallace Oliveira 1994 18 DF 2014-2015
0%
3066 Wassim Essanoussi 2003 5 MF, FW 2019-2020
0%
3176 Wellington 1988 3 FW 2009-2010
0%
2051 Wesley Hoedt 1994 25 DF 2013-2014
0%
2007 Wesley Spieringhs 2002 26 MF, FW 2020-2021
0%
615 Wessel Dammers 1995 106 DF, MF 2014-2016, 2018-2022
0%
434 Wiljan Pluim 1989 130 MF, FW 2009-2015
0%
2532 Wilko de Vogt 1975 13 GK 2002-2003, 2011-2012
0%
3258 Willem Huizing 1995 3 MF 2014-2016
0%
2381 Willem Hupkes 1979 16 MF 2000-2001
0%
2088 William Troost-Ekong 1993 24 DF, MF 2013-2014
0%
1241 Willum Þór Willumsson 1998 58 MF, FW 2022-2023
0%
2828 Wilmer Kousemaker 1985 8 MF 2003-2006
0%
2440 Wilson Eduardo 1990 14 MF, FW 2014-2015
0%
3087 Wim Kiekens 1968 4 MF 2000-2001
0%
1877 Winston Bakboord 1971 29 DF 2000-2001
0%
1731 Winston Faerber 1971 33 DF 2001-2002
0%
1184 Wojciech Golla 1992 62 DF 2015-2016
0%
489 Wout Droste 1989 122 DF 2013-2018
0%
1961 Wouter Burger 2001 27 MF, FW 2018-2021
0%
823 Wouter Gudde 1984 87 DF 2005-2007, 2009-2010
0%
1042 Wouter Marinus 1995 70 MF, FW 2014-2019
0%
2533 Wouter van den Herik 1979 13 FW 2000-2001
0%
3151 Wouter van der Steen 1990 4 GK 2016-2017
0%
1980 Wout Faes 1998 26 DF 2016-2017
0%
3584 Wout van Steenveldt 1980 1 MF 2001-2002
0%
896 Xander Houtkoop 1989 82 MF, FW 2010-2011, 2013-2015
0%
3289 Xander Severina 2001 2 FW 2020-2021
0%
1623 Xavier Mbuyamba 2001 37 DF 2022-2023
0%
3104 Xhelil Abdulla 1991 4 DF 2011-2012
0%
2404 Ximo Navarro 1990 15 DF 2022-2023
0%
3089 Yacine Bourhane 1998 4 MF 2021-2022
0%
2429 Yahcuroo Roemer 2001 15 MF, FW 2018-2020
0%
3586 Yahya Boussakou 2000 1 FW 2017-2019
0%
2773 Yahya Kalley 2001 9 DF, MF 2021-2022
0%
782 Yanic Wildschut 1991 90 MF, FW 2011-2014
0%
2305 Yann Gboho 2001 17 MF, FW 2021-2022
0%
2899 Yannick Cortie 1993 7 DF 2014-2015
0%
2829 Yannick Leliendal 2002 8 DF 2023-2024
0%
2437 Yann Kitala 1998 15 FW 2023-2024
0%
3385 Yasin Karaca 1983 2 MF, FW 2002-2003
0%
227 Yassin Ayoub 1994 180 MF, FW 2012-2019, 2022-2023
0%
1300 Yassine Abdellaoui 1975 55 MF, FW 2000-2002
0%
3587 Yassine Azzagari 2001 1 MF 2018-2019
0%
2553 Yassine El Ghanassy 1990 12 MF, FW 2012-2013
0%
824 Yassin Oukili 2001 87 MF 2019-2023
0%
663 Yoell van Nieff 1993 100 DF, MF 2012-2018
0%
1719 Yoshiaki Takagi 1992 33 MF 2011-2013
0%
2970 Youri Loen 1991 6 MF 2010-2011, 2013-2014
0%
1604 Youri Regeer 2003 38 DF, MF 2021-2023
0%
3375 Youri Schoonderwaldt 2000 2 GK 2019-2020, 2022-2023
0%
1165 Youssef El Jebli 1992 63 MF, FW 2015-2016, 2018-2019
0%
3588 Youssef El Kachati 1999 1 MF 2019-2020
0%
3589 Youssef Fennich 1993 1 MF 2013-2014
0%
2804 Youssef Fertout 1970 8 FW 2000-2001
0%
774 Youssef Meriana 1974 90 MF 2000-2003
0%
3192 Youssef Sofiane 1984 3 FW 2004-2005
0%
788 Yuki Kobayashi 1992 89 MF, FW 2016-2018
0%
2144 Yūki Ōtsu 1990 22 MF, FW 2012-2013
0%
994 Yuriy Nikiforov 1970 74 DF, MF 2000-2002
0%
2598 Yurtcan Kayis 1975 12 MF 2000-2001
0%
2487 Yusuf Barasi 2003 14 MF, FW 2020-2022
0%
933 Yuta Nakayama 1997 79 DF, MF 2018-2021
0%
3173 Yves Lenaerts 1983 3 GK 2002-2003
0%
3152 Yvo van Engelen 1985 4 DF 2005-2006
0%
1049 Zakaria Aboukhlal 2000 69 MF, FW 2018-2021
0%
3590 Zakaria Amrani 1991 1 MF 2010-2011
0%
3591 Zakaria Eddahchouri 2000 1 FW 2021-2022
0%
1356 Zakaria El Azzouzi 1996 51 FW 2015-2017
0%
2057 Zbigniew Małkowski 1978 25 GK 2002-2003, 2004-2005
0%
3592 Zeki Erkilinc 1998 1 MF 2017-2018
0%
1337 Zeljko Kalac 1972 52 GK 2000-2001
0%
1812 Zhang Yuning 1997 30 MF, FW 2015-2016, 2018-2019
0%
2052 Zico Buurmeester 2002 25 MF 2020-2023
0%
725 Zico Tumba 1977 93 FW 2000-2003
0%
2997 Ziguy Badibanga 1991 5 MF, FW 2011-2012
0%
2072 Zinédine Machach 1996 24 MF, FW 2020-2021
0%
2856 Zinho Vanheusden 1999 7 DF 2022-2023
0%
2354 Zoltán Szélesi 1981 16 DF 2011-2012
0%
1942 Zsombor Kerekes 1973 27 FW 2005-2006
0%
No matching quizzes found
Score Distribution
Percent of People with Each Score
Percentile by Number Answered
Your Score History
You have not taken this quiz